NBA top 100 PSP since ABA MERGER (1977) - Statistics

General Stats
  • This quiz has been taken 30 times
  • The average score is 2207 of 4901
Answer Stats
Season Rk Player PSP PSPPG Team Age G % Correct
2025 1 Nikola Jokic 695 69.50 DEN 29 10
100%
2024 2 Nikola Jokic 5391 59.24 DEN 28 91
100%
2023 1 Nikola Jokic 5287 59.40 DEN 27 89
100%
2022 1 Nikola Jokic 4655 58.92 DEN 26 79
100%
2021 1 Nikola Jokic 4548 55.46 DEN 25 82
100%
2020 3 Nikola Jokic 4224 45.91 DEN 24 92
100%
2019 3 Nikola Jokic 4591 48.84 DEN 23 94
100%
2018 16 Nikola Jokic 3255 43.40 DEN 22 75
100%
2017 32 Nikola Jokic 2773 37.99 DEN 21 73
100%
2016 92 Nikola Jokic 1863 23.29 DEN 20 80
100%
2000 79 Arvydas Sabonis 2025 24.70 POR 35 82
92%
1999 35 Arvydas Sabonis 1666 26.44 POR 34 63
92%
1998 37 Arvydas Sabonis 2579 33.49 POR 33 77
92%
1997 83 Arvydas Sabonis 2009 27.52 POR 32 73
92%
1996 68 Arvydas Sabonis 2242 28.74 POR 31 78
92%
2025 7 Cade Cunningham 531 48.27 DET 23 11
92%
2024 50 Cade Cunningham 2679 43.21 DET 22 62
92%
2022 61 Cade Cunningham 2301 35.95 DET 20 64
92%
2025 8 Domantas Sabonis 525 47.73 SAC 28 11
92%
2024 6 Domantas Sabonis 4281 50.96 SAC 28,27 84
92%
2023 4 Domantas Sabonis 4007 46.59 SAC 26 86
92%
2022 41 Domantas Sabonis 2655 42.82 IND,SAC 25 62
92%
2021 17 Domantas Sabonis 3048 47.63 IND 25,24 64
92%
2020 25 Domantas Sabonis 2615 42.18 IND 23 62
92%
2019 60 Domantas Sabonis 2334 29.92 IND 22 78
92%
2018 83 Domantas Sabonis 1939 23.94 IND 21 81
92%
1978 69 Earl Tatum 2240 27.32 IND,LAL 24 82
92%
2025 9 Giannis Antetokounmpo 505 56.11 MIL 30 9
92%
2024 8 Giannis Antetokounmpo 4181 57.27 MIL 29 73
92%
2023 11 Giannis Antetokounmpo 3660 55.45 MIL 28 66
92%
2022 4 Giannis Antetokounmpo 4454 56.38 MIL 27 79
92%
2021 2 Giannis Antetokounmpo 4412 53.80 MIL 26 82
92%
2020 4 Giannis Antetokounmpo 4028 55.94 MIL 25 72
92%
2019 2 Giannis Antetokounmpo 4702 54.05 MIL 24 87
92%
2018 6 Giannis Antetokounmpo 4055 49.45 MIL 23 82
92%
2017 7 Giannis Antetokounmpo 3959 46.03 MIL 22 86
92%
2016 26 Giannis Antetokounmpo 2859 35.74 MIL 21 80
92%
2015 46 Giannis Antetokounmpo 2299 26.43 MIL 20 87
92%
2025 4 James Harden 546 49.64 LAC 35 11
92%
2024 23 James Harden 3185 40.83 LAC 34 78
92%
2023 18 James Harden 3405 49.35 PHI 33 69
92%
2022 7 James Harden 3898 50.62 PHI,BRK 32 77
92%
2021 19 James Harden 2881 54.36 BRK,HOU 31 53
92%
2020 2 James Harden 4624 57.80 HOU 30 80
92%
2019 1 James Harden 5327 59.85 HOU 29 89
92%
2018 3 James Harden 4872 54.74 HOU 28 89
92%
2017 2 James Harden 5573 60.58 HOU 27 92
92%
2016 4 James Harden 4539 52.17 HOU 26 87
92%
2015 1 James Harden 4870 49.69 HOU 25 98
92%
2014 9 James Harden 3503 44.34 HOU 24 79
92%
2013 5 James Harden 3762 44.79 HOU 23 84
92%
2012 17 James Harden 2428 29.61 OKC 22 82
92%
2011 68 James Harden 2189 22.11 OKC 21 99
92%
2025 3 Jayson Tatum 554 50.36 BOS 26 11
92%
2024 3 Jayson Tatum 4364 46.92 BOS 25 93
92%
2023 2 Jayson Tatum 4692 49.91 BOS 24 94
92%
2022 2 Jayson Tatum 4569 45.69 BOS 23 100
92%
2021 14 Jayson Tatum 3133 44.76 BOS 23,22 70
92%
2020 9 Jayson Tatum 3371 40.61 BOS 21 83
92%
2019 53 Jayson Tatum 2445 27.78 BOS 20 88
92%
2018 40 Jayson Tatum 2482 25.07 BOS 19 99
92%
2025 10 LeBron James 499 49.90 LAL 40 10
92%
2024 9 LeBron James 4023 51.58 LAL 39 78
92%
2023 10 LeBron James 3727 51.76 LAL 38 72
92%
2022 26 LeBron James 2984 53.29 LAL 37 56
92%
2021 31 LeBron James 2591 49.83 LAL 36 52
92%
2020 1 LeBron James 4923 55.94 LAL 35 88
92%
2019 36 LeBron James 2983 54.24 LAL 34 55
92%
2018 1 LeBron James 6038 58.06 CLE 33 104
92%
2017 3 LeBron James 5116 55.61 CLE 32 92
92%
2016 2 LeBron James 4814 49.63 CLE 31 97
92%
2015 3 LeBron James 4558 51.21 CLE 30 89
92%
2014 2 LeBron James 4671 48.15 MIA 29 97
92%
2013 1 LeBron James 5096 51.47 MIA 28 99
92%
2012 1 LeBron James 4352 51.20 MIA 27 85
92%
2011 1 LeBron James 4962 49.62 MIA 26 100
92%
2010 1 LeBron James 4945 56.84 CLE 25 87
92%
2009 1 LeBron James 5182 54.55 CLE 24 95
92%
2008 2 LeBron James 4845 55.06 CLE 23 88
92%
2007 1 LeBron James 4802 49.00 CLE 22 98
92%
2006 1 LeBron James 4949 53.79 CLE 21 92
92%
2005 3 LeBron James 4146 51.83 CLE 20 80
92%
2004 16 LeBron James 3204 40.56 CLE 19 79
92%
2025 5 Luka Doncic 543 54.30 DAL 25 10
92%
2024 1 Luka Doncic 5774 62.76 DAL 24 92
92%
2023 6 Luka Doncic 3888 58.91 DAL 23 66
92%
2022 3 Luka Doncic 4537 56.71 DAL 22 80
92%
2021 4 Luka Doncic 4052 55.51 DAL 21 73
92%
2020 5 Luka Doncic 3843 57.36 DAL 20 67
92%
2019 31 Luka Doncic 3049 42.35 DAL 19 72
92%
2025 6 Shai Gilgeous-Alexander 540 49.09 OKC 26 11
92%
2024 4 Shai Gilgeous-Alexander 4348 51.15 OKC 25 85
92%
2023 15 Shai Gilgeous-Alexander 3469 49.56 OKC 24 70
92%
2022 53 Shai Gilgeous-Alexander 2428 43.36 OKC 23 56
92%
2020 30 Shai Gilgeous-Alexander 2552 33.14 OKC 21 77
92%
2019 91 Shai Gilgeous-Alexander 1949 22.15 LAC 20 88
92%
2001 96 Aaron Williams 1776 21.66 NJN 29 82
85%
2003 62 Alvin Williams 2236 28.67 TOR 28 78
85%
2002 45 Alvin Williams 2497 28.70 TOR 27 87
85%
2001 63 Alvin Williams 2300 24.47 TOR 26 94
85%
2025 12 Anthony Davis 455 50.56 LAL 31 9
85%
2024 10 Anthony Davis 4019 48.42 LAL 31,30 83
85%
2023 16 Anthony Davis 3414 46.77 LAL 30,29 73
85%
2020 6 Anthony Davis 3817 45.99 LAL 26 83
85%
2019 41 Anthony Davis 2783 49.70 NOP 25 56
85%
2018 5 Anthony Davis 4059 48.32 NOP 24 84
85%
2017 12 Anthony Davis 3558 47.44 NOP 23 75
85%
2016 41 Anthony Davis 2543 41.69 NOP 22 61
85%
2015 12 Anthony Davis 3153 43.79 NOP 21 72
85%
2014 43 Anthony Davis 2555 38.13 NOP 20 67
85%
2025 21 Anthony Edwards 431 43.10 MIN 23 10
85%
2024 7 Anthony Edwards 4226 44.48 MIN 22 95
85%
2023 12 Anthony Edwards 3616 42.05 MIN 21 86
85%
2022 32 Anthony Edwards 2843 35.99 MIN 20 79
85%
2021 46 Anthony Edwards 2268 31.50 MIN 19 72
85%
2002 48 Antonio Davis 2459 29.99 TOR 33 82
85%
2001 46 Antonio Davis 2649 29.43 TOR 32 90
85%
2000 78 Antonio Davis 2029 24.74 TOR 31 82
85%
1999 85 Antonio Davis 1167 18.82 IND 30 62
85%
1998 94 Antonio Davis 1897 19.36 IND 29 98
85%
2010 34 Baron Davis 2776 37.01 LAC 30 75
85%
2009 56 Baron Davis 2351 36.17 LAC 29 65
85%
2008 11 Baron Davis 3656 44.59 GSW 28 82
85%
2007 14 Baron Davis 3233 43.69 GSW 27 74
85%
2006 60 Baron Davis 2266 41.96 GSW 26 54
85%
2005 97 Baron Davis 1879 40.85 GSW,NOH 25 46
85%
2004 14 Baron Davis 3276 44.27 NOH 24 74
85%
2003 82 Baron Davis 2008 36.51 NOH 23 55
85%
2002 9 Baron Davis 3893 42.78 CHH 22 91
85%
2001 21 Baron Davis 3312 36.00 CHH 21 92
85%
1996 95 Blue Edwards 1977 24.11 VAN 30 82
85%
1993 64 Blue Edwards 2366 28.85 MIL 27 82
85%
1986 88 Brad Davis 2061 22.40 DAL 30 92
85%
1985 66 Brad Davis 2379 27.66 DAL 29 86
85%
1984 54 Brad Davis 2518 27.67 DAL 28 91
85%
1983 62 Brad Davis 2334 29.54 DAL 27 79
85%
1982 57 Brad Davis 2316 28.24 DAL 26 82
85%
2023 62 Bruce Brown 2351 23.51 DEN 26 100
85%
1994 95 Buck Williams 1987 23.38 POR 33 85
85%
1992 65 Buck Williams 2392 23.68 POR 31 101
85%
1991 67 Buck Williams 2322 24.19 POR 30 96
85%
1990 40 Buck Williams 2817 27.35 POR 29 103
85%
1988 58 Buck Williams 2443 34.90 NJN 27 70
85%
1987 38 Buck Williams 2922 35.63 NJN 26 82
85%
1986 34 Buck Williams 2822 33.20 NJN 25 85
85%
1985 27 Buck Williams 3119 36.69 NJN 24 85
85%
1984 24 Buck Williams 3130 34.02 NJN 23 92
85%
1983 30 Buck Williams 2947 35.08 NJN 22 84
85%
1982 36 Buck Williams 2720 32.38 NJN 21 84
85%
2025 36 Coby White 387 35.18 CHI 24 11
85%
2024 38 Coby White 2837 35.02 CHI 24,23 81
85%
2021 59 Coby White 2034 29.48 CHI 20 69
85%
2000 63 Dale Davis 2275 23.45 IND 30 97
85%
1999 78 Dale Davis 1235 19.60 IND 29 63
85%
1998 99 Dale Davis 1823 19.39 IND 28 94
85%
1996 99 Dale Davis 1941 23.39 IND 26 83
85%
1995 76 Dale Davis 2090 22.97 IND 25 91
85%
1994 80 Dale Davis 2182 26.61 IND 24 82
85%
2025 15 Damian Lillard 450 45.00 MIL 34 10
85%
2024 16 Damian Lillard 3383 43.94 MIL 33 77
85%
2023 27 Damian Lillard 3061 52.78 POR 32 58
85%
2021 6 Damian Lillard 3664 50.19 POR 30 73
85%
2020 7 Damian Lillard 3616 50.93 POR 29 71
85%
2019 5 Damian Lillard 4412 45.96 POR 28 96
85%
2018 9 Damian Lillard 3488 45.30 POR 27 77
85%
2017 15 Damian Lillard 3522 44.58 POR 26 79
85%
2016 8 Damian Lillard 3791 44.08 POR 25 86
85%
2015 8 Damian Lillard 3409 39.18 POR 24 87
85%
2014 10 Damian Lillard 3447 37.06 POR 23 93
85%
2013 22 Damian Lillard 2974 36.27 POR 22 82
85%
1995 53 Dee Brown 2385 28.73 BOS 26 83
85%
1994 61 Dee Brown 2389 31.03 BOS 25 77
85%
1993 69 Dee Brown 2299 27.37 BOS 24 84
85%
2025 19 DeMar DeRozan 434 39.45 SAC 35 11
85%
2024 22 DeMar DeRozan 3297 40.70 CHI 34 81
85%
2023 25 DeMar DeRozan 3119 41.04 CHI 33 76
85%
2022 9 DeMar DeRozan 3540 43.70 CHI 32 81
85%
2021 33 DeMar DeRozan 2519 40.63 SAS 31 62
85%
2020 21 DeMar DeRozan 2729 40.13 SAS 30 68
85%
2019 16 DeMar DeRozan 3443 40.99 SAS 29 84
85%
2018 11 DeMar DeRozan 3450 38.33 TOR 28 90
85%
2017 16 DeMar DeRozan 3432 40.86 TOR 27 84
85%
2016 12 DeMar DeRozan 3545 36.17 TOR 26 98
85%
2015 58 DeMar DeRozan 2143 33.48 TOR 25 64
85%
2014 17 DeMar DeRozan 3130 36.40 TOR 24 86
85%
2013 58 DeMar DeRozan 2313 28.21 TOR 23 82
85%
2012 82 DeMar DeRozan 1586 25.17 TOR 22 63
85%
2011 71 DeMar DeRozan 2137 26.06 TOR 21 82
85%
2017 99 Deron Williams 1795 21.89 CLE,DAL 32 82
85%
2016 76 Deron Williams 1973 29.01 DAL 31 68
85%
2015 48 Deron Williams 2280 30.81 BRK 30 74
85%
2014 60 Deron Williams 2340 30.79 BRK 29 76
85%
2013 10 Deron Williams 3316 39.01 BRK 28 85
85%
2012 18 Deron Williams 2386 43.38 NJN 27 55
85%
2011 24 Deron Williams 2997 46.11 NJN,UTA 26 65
85%
2010 7 Deron Williams 3918 45.56 UTA 25 86
85%
2009 12 Deron Williams 3299 45.19 UTA 24 73
85%
2008 4 Deron Williams 4178 44.45 UTA 23 94
85%
2007 7 Deron Williams 3867 39.87 UTA 22 97
85%
2006 99 Deron Williams 1853 23.16 UTA 21 80
85%
2025 39 Derrick White 377 34.27 BOS 30 11
85%
2024 30 Derrick White 2926 31.80 BOS 29 92
85%
2023 53 Derrick White 2524 24.75 BOS 28 102
85%
2022 48 Derrick White 2529 25.81 BOS,SAS 27 98
85%
2025 23 Devin Booker 429 42.90 PHO 28 10
85%
2024 18 Devin Booker 3361 46.68 PHO 27 72
85%
2023 32 Devin Booker 2976 46.50 PHO 26 64
85%
2022 15 Devin Booker 3303 42.35 PHO 25 78
85%
2021 9 Devin Booker 3587 40.30 PHO 24 89
85%
2020 14 Devin Booker 3139 44.84 PHO 23 70
85%
2019 38 Devin Booker 2900 45.31 PHO 22 64
85%
2018 64 Devin Booker 2157 39.94 PHO 21 54
85%
2017 46 Devin Booker 2604 33.38 PHO 20 78
85%
1981 99 Fred Brown 1948 24.97 SEA 32 78
85%
1980 97 Fred Brown 1838 19.35 SEA 31 95
85%
1979 83 Fred Brown 2156 22.94 SEA 30 94
85%
1978 45 Fred Brown 2554 27.17 SEA 29 94
85%
1977 77 Fred Brown 1963 27.26 SEA 28 72
85%
1981 76 Freeman Williams 2138 26.07 SDC 24 82
85%
1980 77 Freeman Williams 2131 25.99 SDC 23 82
85%
1986 60 Gus Williams 2397 29.23 WSB 32 82
85%
1985 20 Gus Williams 3325 40.06 WSB 31 83
85%
1984 12 Gus Williams 3519 41.40 SEA 30 85
85%
1983 11 Gus Williams 3392 41.37 SEA 29 82
85%
1982 7 Gus Williams 3809 43.28 SEA 28 88
85%
1980 7 Gus Williams 3746 38.62 SEA 26 97
85%
1979 20 Gus Williams 3198 34.39 SEA 25 93
85%
1978 20 Gus Williams 3223 31.91 SEA 24 101
85%
1977 87 Gus Williams 1881 20.45 GSW 23 92
85%
1987 71 Herb Williams 2226 28.54 IND 28 78
85%
1986 33 Herb Williams 2841 36.42 IND 27 78
85%
1985 49 Herb Williams 2701 36.01 IND 26 75
85%
1984 81 Herb Williams 2181 31.61 IND 25 69
85%
1983 45 Herb Williams 2647 33.94 IND 24 78
85%
1982 77 Herb Williams 2056 25.07 IND 23 82
85%
1995 77 Hot Rod Williams 2090 26.79 CLE 32 78
85%
1994 78 Hot Rod Williams 2209 29.07 CLE 31 76
85%
1992 46 Hot Rod Williams 2703 27.87 CLE 29 97
85%
1990 41 Hot Rod Williams 2803 32.22 CLE 27 87
85%
1988 99 Hot Rod Williams 1854 22.61 CLE 25 82
85%
1987 66 Hot Rod Williams 2330 29.13 CLE 24 80
85%
2025 24 Jalen Williams 429 39.00 OKC 23 11
85%
2024 41 Jalen Williams 2791 34.46 OKC 22 81
85%
2023 89 Jalen Williams 2083 27.05 OKC 22,21 77
85%
1990 87 James Edwards 2119 20.77 DET 34 102
85%
1984 77 James Edwards 2222 24.97 PHO 28 89
85%
1982 60 James Edwards 2256 29.30 CLE 26 77
85%
1981 50 James Edwards 2461 29.65 IND 25 83
85%
1980 68 James Edwards 2278 27.78 IND 24 82
85%
1979 57 James Edwards 2412 29.41 IND 23 82
85%
1978 74 James Edwards 2178 26.24 IND,LAL 22 83
85%
2006 88 Jason Williams 1954 23.83 MIA 30 82
85%
2005 99 Jason Williams 1844 24.59 MEM 29 75
85%
2004 74 Jason Williams 2100 27.63 MEM 28 76
85%
2003 45 Jason Williams 2494 32.82 MEM 27 76
85%
2002 59 Jason Williams 2310 35.54 MEM 26 65
85%
2001 80 Jason Williams 1982 23.32 SAC 25 85
85%
2000 44 Jason Williams 2619 30.45 SAC 24 86
85%
1999 39 Jason Williams 1605 29.18 SAC 23 55
85%
2025 72 Jaylen Brown 282 40.29 BOS 28 7
85%
2024 20 Jaylen Brown 3341 37.54 BOS 27 89
85%
2023 13 Jaylen Brown 3538 40.67 BOS 26 87
85%
2022 12 Jaylen Brown 3440 38.22 BOS 25 90
85%
2021 44 Jaylen Brown 2271 39.16 BOS 24 58
85%
2020 34 Jaylen Brown 2454 33.16 BOS 23 74
85%
2018 61 Jaylen Brown 2174 24.70 BOS 21 88
85%
1998 83 Jayson Williams 2026 29.79 NJN 29 68
85%
1985 91 Johnny Davis 2028 25.67 CLE 29 79
85%
1982 52 Johnny Davis 2353 28.70 IND 26 82
85%
1981 52 Johnny Davis 2405 30.83 IND 25 78
85%
1980 51 Johnny Davis 2539 30.96 IND 24 82
85%
1979 44 Johnny Davis 2658 33.65 IND 23 79
85%
1989 51 John Williams 2617 31.91 WSB 22 82
85%
1988 69 John Williams 2254 25.91 WSB 21 87
85%
1977 10 Jo Jo White 3483 38.27 BOS 30 91
85%
2024 44 Kawhi Leonard 2740 39.14 LAC 32 70
85%
2023 79 Kawhi Leonard 2196 40.67 LAC 31 54
85%
2021 20 Kawhi Leonard 2816 44.70 LAC 29 63
85%
2020 10 Kawhi Leonard 3314 47.34 LAC 28 70
85%
2019 10 Kawhi Leonard 3758 44.74 TOR 27 84
85%
2017 11 Kawhi Leonard 3587 41.71 SAS 25 86
85%
2016 23 Kawhi Leonard 2971 36.23 SAS 24 82
85%
2015 49 Kawhi Leonard 2278 32.08 SAS 23 71
85%
2014 63 Kawhi Leonard 2298 25.82 SAS 22 89
85%
2013 89 Kawhi Leonard 1916 24.25 SAS 21 79
85%
2025 35 Kevin Durant 389 43.22 PHO 36 9
85%
2024 14 Kevin Durant 3610 45.70 PHO 35 79
85%
2023 40 Kevin Durant 2811 48.47 PHO,BRK 34 58
85%
2022 21 Kevin Durant 3092 51.53 BRK 33 60
85%
2021 41 Kevin Durant 2315 49.26 BRK 32 47
85%
2019 6 Kevin Durant 4159 46.21 GSW 30 90
85%
2018 4 Kevin Durant 4166 46.81 GSW 29 89
85%
2017 14 Kevin Durant 3540 45.97 GSW 28 77
85%
2016 5 Kevin Durant 4289 47.66 OKC 27 90
85%
2014 1 Kevin Durant 5170 51.70 OKC 25 100
85%
2013 2 Kevin Durant 4491 48.82 OKC 24 92
85%
2012 2 Kevin Durant 3923 45.62 OKC 23 86
85%
2011 5 Kevin Durant 4043 42.56 OKC 22 95
85%
2010 5 Kevin Durant 3988 45.32 OKC 21 88
85%
2009 27 Kevin Durant 2912 39.35 OKC 20 74
85%
2008 51 Kevin Durant 2509 31.36 SEA 19 80
85%
1994 86 Kevin Edwards 2132 24.79 NJN 28 86
85%
1989 78 Kevin Edwards 2220 28.10 MIA 23 79
85%
2025 94 Keyonte George 255 31.88 UTA 21 8
85%
2021 97 Lou Williams 1646 19.60 ATL,LAC 34 84
85%
2020 31 Lou Williams 2500 32.05 LAC 33 78
85%
2019 40 Lou Williams 2837 35.02 LAC 32 81
85%
2018 26 Lou Williams 2918 36.94 LAC 31 79
85%
2017 53 Lou Williams 2405 26.14 HOU,LAL 30 92
85%
2015 90 Lou Williams 1893 22.54 TOR 28 84
85%
2012 50 Lou Williams 1891 24.56 PHI 25 77
85%
2011 97 Lou Williams 1841 23.01 PHI 24 80
85%
2009 99 Lou Williams 1898 21.82 PHI 22 87
85%
2016 86 Marvin Williams 1929 21.92 CHO 29 88
85%
2008 74 Marvin Williams 2153 24.75 ATL 21 87
85%
2015 34 Michael Carter-Williams 2515 34.93 MIL,PHI 23 72
85%
2014 39 Michael Carter-Williams 2659 37.99 PHI 22 70
85%
1994 65 Micheal Williams 2358 33.21 MIN 27 71
85%
1993 31 Micheal Williams 2934 38.61 MIN 26 76
85%
1992 23 Micheal Williams 3134 38.22 IND 25 82
85%
1991 95 Micheal Williams 2069 26.53 IND 24 78
85%
2015 69 Mo Williams 2046 30.09 CHO,MIN 32 68
85%
2010 49 Mo Williams 2443 30.54 CLE 27 80
85%
2009 30 Mo Williams 2858 30.08 CLE 26 95
85%
2008 64 Mo Williams 2293 34.74 MIL 25 66
85%
2007 50 Mo Williams 2426 35.68 MIL 24 68
85%
2005 72 Mo Williams 2111 26.39 MIL 22 80
85%
2024 28 Paul George 2959 36.99 LAC 33 80
85%
2023 61 Paul George 2353 42.02 LAC 32 56
85%
2021 12 Paul George 3191 43.71 LAC 30 73
85%
2020 49 Paul George 2229 36.54 LAC 29 61
85%
2019 8 Paul George 3857 47.04 OKC 28 82
85%
2018 18 Paul George 3135 36.88 OKC 27 85
85%
2017 19 Paul George 3129 39.61 IND 26 79
85%
2016 10 Paul George 3599 40.90 IND 25 88
85%
2014 6 Paul George 3786 38.24 IND 23 99
85%
2013 7 Paul George 3560 36.33 IND 22 98
85%
2012 51 Paul George 1884 24.47 IND 21 77
85%
2005 73 P.J. Brown 2103 25.65 NOH 35 82
85%
2004 71 P.J. Brown 2161 24.84 NOH 34 87
85%
2003 74 P.J. Brown 2103 25.04 NOH 33 84
85%
2002 81 P.J. Brown 2030 22.81 CHH 32 89
85%
2001 75 P.J. Brown 2070 23.00 CHH 31 90
85%
2000 88 P.J. Brown 1971 21.90 MIA 30 90
85%
1999 76 P.J. Brown 1239 22.53 MIA 29 55
85%
1997 74 P.J. Brown 2098 22.08 MIA 27 95
85%
1996 94 P.J. Brown 1984 24.49 NJN 26 81
85%
1984 38 Ray Williams 2833 32.56 NYK 29 87
85%
1983 41 Ray Williams 2720 37.78 KCK 28 72
85%
1982 16 Ray Williams 3295 39.23 NJN 27 84
85%
1981 18 Ray Williams 3040 37.53 NYK 26 81
85%
1980 12 Ray Williams 3341 40.74 NYK 25 82
85%
1979 36 Ray Williams 2847 35.15 NYK 24 81
85%
1978 89 Ray Williams 2002 23.01 NYK 23 87
85%
1995 85 Reggie Williams 2035 26.43 DEN 30 77
85%
1994 51 Reggie Williams 2577 27.41 DEN 29 94
85%
1993 50 Reggie Williams 2561 32.42 DEN 28 79
85%
1992 54 Reggie Williams 2565 31.67 DEN 27 81
85%
2008 76 Ricky Davis 2136 26.05 MIA 28 82
85%
2007 42 Ricky Davis 2562 31.63 MIN 27 81
85%
2006 39 Ricky Davis 2763 35.42 BOS,MIN 26 78
85%
2005 52 Ricky Davis 2317 26.03 BOS 25 89
85%
2004 68 Ricky Davis 2223 26.78 BOS,CLE 24 83
85%
2003 23 Ricky Davis 3049 38.59 CLE 23 79
85%
2022 86 Robert Williams 1947 24.96 BOS 24 78
85%
1984 85 Rob Williams 2143 25.51 DEN 22 84
85%
2021 68 Thaddeus Young 1942 28.56 CHI 32 68
85%
2019 67 Thaddeus Young 2228 26.21 IND 30 85
85%
2018 66 Thaddeus Young 2113 24.01 IND 29 88
85%
2016 56 Thaddeus Young 2183 29.90 BRK 27 73
85%
2015 59 Thaddeus Young 2121 25.87 BRK,MIN 26 82
85%
2014 54 Thaddeus Young 2460 31.14 PHI 25 79
85%
2013 64 Thaddeus Young 2136 28.11 PHI 24 76
85%
2012 78 Thaddeus Young 1598 21.03 PHI 23 76
85%
2011 96 Thaddeus Young 1858 21.36 PHI 22 87
85%
2009 91 Thaddeus Young 1939 23.94 PHI 20 81
85%
2025 2 Trae Young 579 52.64 ATL 26 11
85%
2024 39 Trae Young 2831 51.47 ATL 25 55
85%
2023 3 Trae Young 4082 51.03 ATL 24 80
85%
2022 5 Trae Young 4268 51.42 ATL 23 83
85%
2021 5 Trae Young 3922 49.65 ATL 22 79
85%
2020 12 Trae Young 3226 53.77 ATL 21 60
85%
2019 24 Trae Young 3243 40.04 ATL 20 81
85%
1988 78 Walter Davis 2021 29.72 PHO 33 68
85%
1987 36 Walter Davis 2940 37.22 PHO 32 79
85%
1986 50 Walter Davis 2550 36.43 PHO 31 70
85%
1984 14 Walter Davis 3455 36.37 PHO 29 95
85%
1983 39 Walter Davis 2771 33.39 PHO 28 83
85%
1981 47 Walter Davis 2498 29.39 PHO 26 85
85%
1980 27 Walter Davis 2956 35.61 PHO 25 83
85%
1979 11 Walter Davis 3682 39.17 PHO 24 94
85%
1978 21 Walter Davis 3208 38.65 PHO 23 83
85%
1997 71 Walt Williams 2119 29.03 TOR 26 73
85%
1996 96 Walt Williams 1955 25.72 MIA,SAC 25 76
85%
1995 50 Walt Williams 2422 31.45 SAC 24 77
85%
1995 67 A.C. Green 2207 23.99 PHO 31 92
77%
1994 50 A.C. Green 2586 28.11 PHO 30 92
77%
1993 73 A.C. Green 2279 26.20 LAL 29 87
77%
1992 67 A.C. Green 2347 27.29 LAL 28 86
77%
1990 80 A.C. Green 2283 25.09 LAL 26 91
77%
1989 59 A.C. Green 2529 26.07 LAL 25 97
77%
1988 59 A.C. Green 2442 23.04 LAL 24 106
77%
1987 74 A.C. Green 2173 22.40 LAL 23 97
77%
2013 94 Amir Johnson 1859 22.95 TOR 25 81
77%
2006 100 Anthony Johnson 1810 22.35 IND 31 81
77%
2000 65 Avery Johnson 2256 26.23 SAS 34 86
77%
1999 17 Avery Johnson 1935 28.88 SAS 33 67
77%
1998 44 Avery Johnson 2488 29.62 SAS 32 84
77%
1997 78 Avery Johnson 2084 27.42 SAS 31 76
77%
1996 13 Avery Johnson 3363 36.55 SAS 30 92
77%
1995 16 Avery Johnson 3302 34.04 SAS 29 97
77%
1994 88 Avery Johnson 2099 24.69 GSW 28 85
77%
1993 68 Avery Johnson 2311 27.19 SAS 27 85
77%
1990 71 Buck Johnson 2359 27.43 HOU 26 86
77%
2025 61 Cameron Johnson 304 27.64 BRK 28 11
77%
2025 37 Cam Thomas 383 34.82 BRK 23 11
77%
2024 83 Cam Thomas 2141 32.44 BRK 22 66
77%
2010 58 Caron Butler 2302 28.78 DAL,WAS 29 80
77%
2009 44 Caron Butler 2512 37.49 WAS 28 67
77%
2008 53 Caron Butler 2488 38.88 WAS 27 64
77%
2007 63 Caron Butler 2287 36.30 WAS 26 63
77%
2006 45 Caron Butler 2523 31.15 WAS 25 81
77%
2005 77 Caron Butler 2070 26.88 LAL 24 77
77%
2003 69 Caron Butler 2192 28.10 MIA 22 78
77%
2025 46 Chris Paul 355 32.27 SAS 39 11
77%
2023 56 Chris Paul 2474 37.48 PHO 37 66
77%
2022 14 Chris Paul 3305 42.37 PHO 36 78
77%
2021 7 Chris Paul 3645 40.50 PHO 35 90
77%
2020 16 Chris Paul 2936 38.13 OKC 34 77
77%
2019 46 Chris Paul 2657 38.51 HOU 33 69
77%
2018 21 Chris Paul 3032 41.53 HOU 32 73
77%
2017 22 Chris Paul 3024 44.47 LAC 31 68
77%
2016 11 Chris Paul 3575 45.83 LAC 30 78
77%
2015 4 Chris Paul 4340 46.17 LAC 29 94
77%
2014 8 Chris Paul 3554 47.39 LAC 28 75
77%
2013 13 Chris Paul 3231 42.51 LAC 27 76
77%
2012 5 Chris Paul 3099 43.65 LAC 26 71
77%
2011 7 Chris Paul 3673 42.71 NOH 25 86
77%
2010 79 Chris Paul 2096 46.58 NOH 24 45
77%
2009 4 Chris Paul 4378 52.75 NOH 23 83
77%
2008 3 Chris Paul 4724 51.35 NOH 22 92
77%
2007 36 Chris Paul 2643 41.30 NOK 21 64
77%
2006 28 Chris Paul 3061 39.24 NOK 20 78
77%
2015 86 Danny Green 1917 21.78 SAS 27 88
77%
2013 84 Danny Green 1939 19.20 SAS 25 101
77%
2025 18 Darius Garland 442 36.83 CLE 25 12
77%
2024 66 Darius Garland 2391 34.65 CLE 24 69
77%
2023 30 Darius Garland 3016 40.76 CLE 23 74
77%
2022 23 Darius Garland 3051 43.59 CLE 22 70
77%
2021 76 Darius Garland 1800 33.33 CLE 21 54
77%
2014 28 David West 2835 28.64 IND 33 99
77%
2013 23 David West 2934 31.89 IND 32 92
77%
2012 45 David West 1973 25.62 IND 31 77
77%
2011 60 David West 2308 32.97 NOH 30 70
77%
2010 37 David West 2760 34.07 NOH 29 81
77%
2009 31 David West 2848 35.16 NOH 28 81
77%
2008 21 David West 3214 36.52 NOH 27 88
77%
2006 71 David West 2119 28.64 NOK 25 74
77%
2025 80 Davion Mitchell 273 24.82 TOR 26 11
77%
2025 16 De'Aaron Fox 446 40.55 SAC 27 11
77%
2024 15 De'Aaron Fox 3420 45.00 SAC 26 76
77%
2023 14 De'Aaron Fox 3489 43.61 SAC 25 80
77%
2022 57 De'Aaron Fox 2351 39.85 SAC 24 59
77%
2021 30 De'Aaron Fox 2612 45.03 SAC 23 58
77%
2020 57 De'Aaron Fox 2068 40.55 SAC 22 51
77%
2019 30 De'Aaron Fox 3061 37.79 SAC 21 81
77%
2024 19 Dejounte Murray 3361 42.54 ATL 27 79
77%
2023 23 Dejounte Murray 3197 39.96 ATL 26 80
77%
2022 11 Dejounte Murray 3452 50.03 SAS 25 69
77%
2021 38 Dejounte Murray 2406 35.38 SAS 24 68
77%
2020 88 Dejounte Murray 1773 26.86 SAS 23 66
77%
1996 100 Dell Curry 1941 23.67 CHH 31 82
77%
1994 81 Dell Curry 2164 26.39 CHH 29 82
77%
1993 82 Dell Curry 2163 24.30 CHH 28 89
77%
2009 100 Delonte West 1897 24.32 CLE 25 78
77%
2006 91 Delonte West 1913 26.94 BOS 22 71
77%
1989 97 Dennis Johnson 2003 26.71 BOS 34 75
77%
1988 22 Dennis Johnson 3186 33.89 BOS 33 94
77%
1987 15 Dennis Johnson 3596 35.25 BOS 32 102
77%
1986 21 Dennis Johnson 3163 32.95 BOS 31 96
77%
1985 9 Dennis Johnson 3588 35.52 BOS 30 101
77%
1984 39 Dennis Johnson 2829 27.74 BOS 29 102
77%
1983 54 Dennis Johnson 2458 30.73 PHO 28 80
77%
1982 18 Dennis Johnson 3139 36.08 PHO 27 87
77%
1981 28 Dennis Johnson 2856 33.21 PHO 26 86
77%
1980 13 Dennis Johnson 3316 34.54 SEA 25 96
77%
1979 23 Dennis Johnson 3053 31.47 SEA 24 97
77%
1978 43 Dennis Johnson 2599 25.23 SEA 23 103
77%
2025 20 Donovan Mitchell 433 36.08 CLE 28 12
77%
2024 27 Donovan Mitchell 3000 46.15 CLE 27 65
77%
2023 24 Donovan Mitchell 3165 43.36 CLE 26 73
77%
2022 19 Donovan Mitchell 3096 42.41 UTA 25 73
77%
2021 23 Donovan Mitchell 2745 43.57 UTA 24 63
77%
2020 15 Donovan Mitchell 2997 39.43 UTA 23 76
77%
2019 29 Donovan Mitchell 3099 37.79 UTA 22 82
77%
2018 20 Donovan Mitchell 3084 34.27 UTA 21 90
77%
1993 65 Doug West 2366 29.58 MIN 25 80
77%
1992 96 Doug West 2027 25.34 MIN 24 80
77%
2025 92 Draymond Green 257 25.70 GSW 34 10
77%
2023 43 Draymond Green 2666 31.36 GSW 32 85
77%
2022 78 Draymond Green 2091 30.75 GSW 31 68
77%
2021 47 Draymond Green 2248 34.58 GSW 31,30 65
77%
2019 35 Draymond Green 2994 34.02 GSW 28 88
77%
2018 12 Draymond Green 3372 37.05 GSW 27 91
77%
2017 17 Draymond Green 3357 36.10 GSW 26 93
77%
2016 6 Draymond Green 4265 41.01 GSW 25 104
77%
2015 13 Draymond Green 3153 31.53 GSW 24 100
77%
1993 96 Eddie Johnson 2047 20.27 SEA 33 101
77%
1992 74 Eddie Johnson 2281 25.34 SEA 32 90
77%
1991 94 Eddie Johnson 2077 24.15 SEA,PHO 31 86
77%
1989 58 Eddie Johnson 2552 31.12 PHO 29 82
77%
1988 79 Eddie Johnson 2014 27.59 PHO 28 73
77%
1987 60 Eddie Johnson 2432 30.02 SAC 27 81
77%
1986 52 Eddie Johnson 2537 29.85 SAC 26 85
77%
1985 33 Eddie Johnson 2934 35.78 KCK 25 82
77%
1984 28 Eddie Johnson 3027 35.61 KCK 24 85
77%
1983 47 Eddie Johnson 2644 32.24 KCK 23 82
77%
1985 58 Eddie L. Johnson 2567 35.16 ATL 29 73
77%
1984 98 Eddie L. Johnson 1962 27.25 ATL 28 72
77%
1982 59 Eddie L. Johnson 2283 32.61 ATL 26 70
77%
1981 44 Eddie L. Johnson 2561 34.15 ATL 25 75
77%
1980 39 Eddie L. Johnson 2716 32.33 ATL 24 84
77%
1979 53 Eddie L. Johnson 2534 29.13 ATL 23 87
77%
2007 56 Eddy Curry 2357 29.10 NYK 24 81
77%
1997 94 Ervin Johnson 1929 23.52 DEN 29 82
77%
2016 51 Evan Turner 2258 25.95 BOS 27 87
77%
2015 44 Evan Turner 2308 26.84 BOS 26 86
77%
2014 66 Evan Turner 2244 24.13 IND,PHI 25 93
77%
2013 51 Evan Turner 2407 29.35 PHI 24 82
77%
2012 60 Evan Turner 1731 22.19 PHI 23 78
77%
1984 53 Frank Johnson 2527 29.38 WSB 25 86
77%
1983 66 Frank Johnson 2244 33.00 WSB 24 68
77%
1982 73 Frank Johnson 2091 24.31 WSB 23 86
77%
1980 95 George Johnson 1844 22.77 NJN 31 81
77%
1978 85 George Johnson 2056 25.38 NJN 29 81
77%
1984 89 George Lee Johnson 2037 25.15 IND 27 81
77%
1983 77 George Lee Johnson 2066 25.20 IND 26 82
77%
1980 99 George Lee Johnson 1817 24.23 DEN 23 75
77%
2014 92 Gerald Green 1926 23.49 PHO 28 82
77%
2023 94 Harrison Barnes 2038 22.90 SAC 30 89
77%
2022 74 Harrison Barnes 2136 27.74 SAC 29 77
77%
2021 77 Harrison Barnes 1774 30.59 SAC 28 58
77%
2020 87 Harrison Barnes 1774 24.64 SAC 27 72
77%
2019 95 Harrison Barnes 1919 24.92 DAL,SAC 26 77
77%
2018 56 Harrison Barnes 2287 29.70 DAL 25 77
77%
2017 61 Harrison Barnes 2224 28.15 DAL 24 79
77%
2015 74 Harrison Barnes 2017 19.58 GSW 22 103
77%
2017 6 Isaiah Thomas 3994 43.89 BOS 27 91
77%
2016 13 Isaiah Thomas 3416 38.82 BOS 26 88
77%
2015 72 Isaiah Thomas 2025 28.52 BOS,PHO 25 71
77%
2014 38 Isaiah Thomas 2684 37.28 SAC 24 72
77%
2013 79 Isaiah Thomas 1963 24.85 SAC 23 79
77%
2012 87 Isaiah Thomas 1510 23.23 SAC 22 65
77%
1993 21 Isiah Thomas 3106 39.32 DET 31 79
77%
1992 25 Isiah Thomas 3120 37.59 DET 30 83
77%
1991 64 Isiah Thomas 2380 39.02 DET 29 61
77%
1990 5 Isiah Thomas 4382 43.39 DET 28 101
77%
1989 11 Isiah Thomas 3905 40.26 DET 27 97
77%
1988 5 Isiah Thomas 4456 42.85 DET 26 104
77%
1987 4 Isiah Thomas 4520 47.08 DET 25 96
77%
1986 7 Isiah Thomas 3973 49.05 DET 24 81
77%
1985 3 Isiah Thomas 5030 55.89 DET 23 90
77%
1984 3 Isiah Thomas 4395 50.52 DET 22 87
77%
1983 5 Isiah Thomas 3678 45.41 DET 21 81
77%
1982 35 Isiah Thomas 2731 37.93 DET 20 72
77%
2025 40 Jalen Brunson 373 41.44 NYK 28 9
77%
2024 5 Jalen Brunson 4281 47.57 NYK 27 90
77%
2023 20 Jalen Brunson 3294 41.70 NYK 26 79
77%
2022 24 Jalen Brunson 3035 31.29 DAL 25 97
77%
2021 92 Jalen Brunson 1696 22.61 DAL 24 75
77%
2025 44 Jalen Green 357 32.45 HOU 22 11
77%
2024 46 Jalen Green 2709 33.04 HOU 21 82
77%
2023 46 Jalen Green 2606 34.29 HOU 20 76
77%
2025 13 Jalen Johnson 453 41.18 ATL 23 11
77%
2024 40 Jamal Murray 2805 39.51 DEN 26 71
77%
2023 19 Jamal Murray 3391 39.89 DEN 25 85
77%
2021 83 Jamal Murray 1751 36.48 DEN 23 48
77%
2020 17 Jamal Murray 2851 36.55 DEN 22 78
77%
2019 34 Jamal Murray 3011 33.83 DEN 21 89
77%
2018 55 Jamal Murray 2304 28.44 DEN 20 81
77%
2018 78 James Johnson 1979 25.37 MIA 30 78
77%
2017 69 James Johnson 2065 27.17 MIA 29 76
77%
2025 45 Jarrett Allen 357 29.75 CLE 26 12
77%
2024 42 Jarrett Allen 2778 34.30 CLE 25 81
77%
2023 86 Jarrett Allen 2116 28.99 CLE 24 73
77%
2022 96 Jarrett Allen 1828 32.07 CLE 24,23 57
77%
2021 80 Jarrett Allen 1771 28.11 BRK,CLE 22 63
77%
2020 69 Jarrett Allen 1925 26.01 BRK 21 74
77%
2019 84 Jarrett Allen 2045 24.06 BRK 20 85
77%
2015 55 Jarrett Jack 2197 25.55 BRK 31 86
77%
2013 42 Jarrett Jack 2601 28.58 GSW 29 91
77%
2012 89 Jarrett Jack 1486 33.02 NOH 28 45
77%
2010 86 Jarrett Jack 2045 24.94 TOR 26 82
77%
2009 74 Jarrett Jack 2131 25.99 IND 25 82
77%
2007 75 Jarrett Jack 2083 26.37 POR 23 79
77%
2015 67 Jeff Green 2049 23.02 MEM,BOS 28 89
77%
2014 70 Jeff Green 2142 26.12 BOS 27 82
77%
2013 87 Jeff Green 1922 22.09 BOS 26 87
77%
2010 60 Jeff Green 2299 26.13 OKC 23 88
77%
2009 68 Jeff Green 2233 28.63 OKC 22 78
77%
2025 90 Jimmy Butler 259 32.38 MIA 35 8
77%
2024 72 Jimmy Butler 2294 37.61 MIA 34 61
77%
2023 7 Jimmy Butler 3794 43.11 MIA 33 88
77%
2022 20 Jimmy Butler 3093 41.80 MIA 32 74
77%
2021 35 Jimmy Butler 2489 44.45 MIA 31 56
77%
2020 11 Jimmy Butler 3290 41.65 MIA 30 79
77%
2019 44 Jimmy Butler 2699 35.05 PHI,MIN 29 77
77%
2018 38 Jimmy Butler 2491 38.92 MIN 28 64
77%
2017 13 Jimmy Butler 3542 43.20 CHI 27 82
77%
2016 37 Jimmy Butler 2552 38.09 CHI 26 67
77%
2015 28 Jimmy Butler 2710 35.19 CHI 25 77
77%
2016 50 Joe Johnson 2302 24.23 MIA,BRK 34 95
77%
2015 38 Joe Johnson 2405 27.97 BRK 33 86
77%
2014 57 Joe Johnson 2383 26.19 BRK 32 91
77%
2013 65 Joe Johnson 2129 26.95 BRK 31 79
77%
2012 41 Joe Johnson 2050 31.06 ATL 30 66
77%
2011 38 Joe Johnson 2708 32.24 ATL 29 84
77%
2010 18 Joe Johnson 3173 36.47 ATL 28 87
77%
2009 10 Joe Johnson 3368 37.42 ATL 27 90
77%
2008 13 Joe Johnson 3421 38.44 ATL 26 89
77%
2007 66 Joe Johnson 2234 39.19 ATL 25 57
77%
2006 21 Joe Johnson 3194 38.95 ATL 24 82
77%
2005 34 Joe Johnson 2789 30.65 PHO 23 91
77%
2004 42 Joe Johnson 2595 31.65 PHO 22 82
77%
1981 94 John Johnson 1987 24.84 SEA 33 80
77%
1980 36 John Johnson 2769 28.84 SEA 32 96
77%
1979 47 John Johnson 2638 26.65 SEA 31 99
77%
1978 84 John Johnson 2058 20.79 SEA,HOU 30 99
77%
2025 81 Jrue Holiday 272 24.73 BOS 34 11
77%
2024 55 Jrue Holiday 2578 29.30 BOS 33 88
77%
2023 34 Jrue Holiday 2934 40.75 MIL 32 72
77%
2022 22 Jrue Holiday 3057 38.70 MIL 31 79
77%
2021 13 Jrue Holiday 3138 38.27 MIL 30 82
77%
2020 38 Jrue Holiday 2423 39.72 NOP 29 61
77%
2019 37 Jrue Holiday 2953 44.07 NOP 28 67
77%
2018 10 Jrue Holiday 3454 38.38 NOP 27 90
77%
2017 52 Jrue Holiday 2413 36.01 NOP 26 67
77%
2016 57 Jrue Holiday 2176 33.48 NOP 25 65
77%
2013 17 Jrue Holiday 3117 39.96 PHI 22 78
77%
2012 31 Jrue Holiday 2221 28.47 PHI 21 78
77%
2011 30 Jrue Holiday 2846 32.71 PHI 20 87
77%
1987 90 Julius Erving 1984 30.52 PHI 36 65
77%
1986 35 Julius Erving 2810 32.67 PHI 35 86
77%
1985 28 Julius Erving 3112 34.20 PHI 34 91
77%
1984 20 Julius Erving 3344 40.78 PHI 33 82
77%
1983 14 Julius Erving 3270 38.47 PHI 32 85
77%
1982 2 Julius Erving 4360 42.75 PHI 31 102
77%
1981 3 Julius Erving 4371 44.60 PHI 30 98
77%
1980 2 Julius Erving 4503 46.91 PHI 29 96
77%
1979 8 Julius Erving 3754 43.15 PHI 28 87
77%
1978 19 Julius Erving 3227 38.42 PHI 27 84
77%
1977 2 Julius Erving 4223 41.81 PHI 26 101
77%
2025 67 Keegan Murray 291 26.45 SAC 24 11
77%
2024 92 Keegan Murray 2057 26.04 SAC 23 79
77%
2023 84 Keldon Johnson 2126 33.75 SAS 23 63
77%
2022 72 Keldon Johnson 2151 28.30 SAS 22 76
77%
2006 94 Kenny Thomas 1896 21.55 SAC 28 88
77%
2005 86 Kenny Thomas 1965 25.19 SAC,PHI 27 78
77%
2004 75 Kenny Thomas 2093 28.28 PHI 26 74
77%
2003 100 Kenny Thomas 1784 22.87 PHI,HOU 25 78
77%
2002 87 Kenny Thomas 1956 27.17 HOU 24 72
77%
1997 18 Kevin Johnson 3262 43.49 PHO 30 75
77%
1996 43 Kevin Johnson 2573 42.88 PHO 29 60
77%
1995 72 Kevin Johnson 2118 37.16 PHO 28 57
77%
1994 11 Kevin Johnson 3420 44.42 PHO 27 77
77%
1993 48 Kevin Johnson 2651 36.82 PHO 26 72
77%
1992 7 Kevin Johnson 4061 47.22 PHO 25 86
77%
1991 10 Kevin Johnson 3862 47.68 PHO 24 81
77%
1990 4 Kevin Johnson 4494 49.93 PHO 23 90
77%
1989 3 Kevin Johnson 4785 51.45 PHO 22 93
77%
1988 92 Kevin Johnson 1924 24.05 CLE,PHO 21 80
77%
2024 88 Kristaps Porzingis 2086 32.59 BOS 28 64
77%
2023 52 Kristaps Porzingis 2557 39.34 WAS 27 65
77%
2022 100 Kristaps Porzingis 1800 35.29 DAL,WAS 26 51
77%
2020 52 Kristaps Porzingis 2168 36.13 DAL 24 60
77%
2017 71 Kristaps Porzingis 2041 30.92 NYK 21 66
77%
2016 85 Kristaps Porzingis 1929 26.79 NYK 20 72
77%
2005 57 Kurt Thomas 2216 27.70 NYK 32 80
77%
2004 73 Kurt Thomas 2105 25.06 NYK 31 84
77%
2003 60 Kurt Thomas 2273 28.06 NYK 30 81
77%
2002 68 Kurt Thomas 2214 27.00 NYK 29 82
77%
1999 93 Kurt Thomas 1121 16.01 NYK 26 70
77%
2025 26 Kyrie Irving 419 41.90 DAL 32 10
77%
2024 21 Kyrie Irving 3301 41.26 DAL 31 80
77%
2023 42 Kyrie Irving 2700 45.00 BRK,DAL 30 60
77%
2021 22 Kyrie Irving 2801 44.46 BRK 28 63
77%
2019 19 Kyrie Irving 3370 44.34 BOS 26 76
77%
2018 53 Kyrie Irving 2387 39.78 BOS 25 60
77%
2017 8 Kyrie Irving 3727 41.41 CLE 24 90
77%
2016 35 Kyrie Irving 2607 35.23 CLE 23 74
77%
2015 11 Kyrie Irving 3199 36.35 CLE 22 88
77%
2014 36 Kyrie Irving 2734 38.51 CLE 21 71
77%
2013 56 Kyrie Irving 2351 39.85 CLE 20 59
77%
2012 57 Kyrie Irving 1759 34.49 CLE 19 51
77%
2025 11 LaMelo Ball 485 48.50 CHO 23 10
77%
2022 13 LaMelo Ball 3348 44.05 CHO 20 76
77%
2021 72 LaMelo Ball 1853 35.63 CHO 19 52
77%
2002 85 Lamond Murray 1975 27.82 CLE 28 71
77%
2000 84 Lamond Murray 2003 27.07 CLE 26 74
77%
1998 65 Lamond Murray 2160 27.34 LAC 24 79
77%
1995 98 Lamond Murray 1889 23.32 LAC 21 81
77%
2000 99 Larry Johnson 1851 21.52 NYK 30 86
77%
1999 41 Larry Johnson 1563 22.65 NYK 29 69
77%
1998 77 Larry Johnson 2076 26.62 NYK 28 78
77%
1997 80 Larry Johnson 2031 23.89 NYK 27 85
77%
1996 18 Larry Johnson 3151 38.90 CHH 26 81
77%
1995 19 Larry Johnson 3088 36.33 CHH 25 85
77%
1993 9 Larry Johnson 3767 41.40 CHH 23 91
77%
1992 19 Larry Johnson 3191 38.91 CHH 22 82
77%
2021 75 Lonzo Ball 1810 32.91 NOP 23 55
77%
2020 55 Lonzo Ball 2130 33.81 NOP 22 63
77%
1978 91 Lucius Allen 1990 25.84 KCK 30 77
77%
1977 50 Lucius Allen 2506 29.48 LAL 29 85
77%
1991 2 Magic Johnson 5250 53.57 LAL 31 98
77%
1990 2 Magic Johnson 4793 54.47 LAL 30 88
77%
1989 2 Magic Johnson 5174 56.86 LAL 29 91
77%
1988 2 Magic Johnson 4951 51.57 LAL 28 96
77%
1987 1 Magic Johnson 5548 56.61 LAL 27 98
77%
1986 2 Magic Johnson 4575 53.20 LAL 26 86
77%
1985 2 Magic Johnson 5037 52.47 LAL 25 96
77%
1984 2 Magic Johnson 4769 54.19 LAL 24 88
77%
1983 1 Magic Johnson 4716 50.17 LAL 23 94
77%
1982 1 Magic Johnson 4630 50.33 LAL 22 92
77%
1981 86 Magic Johnson 2051 51.28 LAL 21 40
77%
1980 3 Magic Johnson 4155 44.68 LAL 20 93
77%
1990 77 Mark West 2295 23.42 PHO 29 98
77%
1986 46 Marques Johnson 2664 35.52 LAC 29 75
77%
1985 78 Marques Johnson 2207 30.65 LAC 28 72
77%
1984 19 Marques Johnson 3347 37.19 MIL 27 90
77%
1983 9 Marques Johnson 3519 39.54 MIL 26 89
77%
1982 74 Marques Johnson 2079 31.50 MIL 25 66
77%
1981 12 Marques Johnson 3231 38.93 MIL 24 83
77%
1980 18 Marques Johnson 3191 37.99 MIL 23 84
77%
1979 19 Marques Johnson 3231 41.96 MIL 22 77
77%
1978 12 Marques Johnson 3396 38.16 MIL 21 89
77%
1984 84 Mickey Johnson 2149 27.55 GSW 31 78
77%
1983 68 Mickey Johnson 2229 28.58 GSW,MIL,NJN 30 78
77%
1982 66 Mickey Johnson 2178 26.56 MIL 29 82
77%
1981 49 Mickey Johnson 2475 27.81 MIL 28 89
77%
1980 17 Mickey Johnson 3200 39.02 IND 27 82
77%
1979 40 Mickey Johnson 2799 34.13 CHI 26 82
77%
1978 28 Mickey Johnson 2916 36.00 CHI 25 81
77%
1977 28 Mickey Johnson 2927 34.85 CHI 24 84
77%
1986 31 Mike Mitchell 2869 33.75 SAS 30 85
77%
1985 38 Mike Mitchell 2790 32.07 SAS 29 87
77%
1984 43 Mike Mitchell 2730 34.56 SAS 28 79
77%
1983 36 Mike Mitchell 2818 30.97 SAS 27 91
77%
1982 27 Mike Mitchell 2899 31.17 SAS,CLE 26 93
77%
1981 24 Mike Mitchell 2907 35.45 CLE 25 82
77%
1980 37 Mike Mitchell 2744 33.46 CLE 24 82
77%
2025 78 Myles Turner 273 30.33 IND 28 9
77%
2024 43 Myles Turner 2756 29.01 IND 27 95
77%
2019 80 Myles Turner 2087 26.76 IND 22 78
77%
2017 56 Myles Turner 2308 27.15 IND 20 85
77%
2013 98 Ray Allen 1803 17.68 MIA 37 102
77%
2012 97 Ray Allen 1393 21.77 BOS 36 64
77%
2011 57 Ray Allen 2386 26.81 BOS 35 89
77%
2010 39 Ray Allen 2684 25.81 BOS 34 104
77%
2009 38 Ray Allen 2635 28.33 BOS 33 93
77%
2008 41 Ray Allen 2749 27.77 BOS 32 99
77%
2007 65 Ray Allen 2250 40.91 SEA 31 55
77%
2006 30 Ray Allen 2980 38.21 SEA 30 78
77%
2005 20 Ray Allen 3323 37.34 SEA 29 89
77%
2004 70 Ray Allen 2191 39.13 SEA 28 56
77%
2003 33 Ray Allen 2879 37.88 MIL,SEA 27 76
77%
2002 47 Ray Allen 2463 35.70 MIL 26 69
77%
2001 6 Ray Allen 3902 39.02 MIL 25 100
77%
2000 23 Ray Allen 3090 35.52 MIL 24 87
77%
1999 40 Ray Allen 1603 30.25 MIL 23 53
77%
1998 26 Ray Allen 2842 34.66 MIL 22 82
77%
1997 93 Ray Allen 1933 23.57 MIL 21 82
77%
1987 72 Rickey Green 2225 26.18 UTA 32 85
77%
1986 77 Rickey Green 2141 25.49 UTA 31 84
77%
1985 36 Rickey Green 2860 32.87 UTA 30 87
77%
1984 15 Rickey Green 3452 37.52 UTA 29 92
77%
1983 28 Rickey Green 2956 37.90 UTA 28 78
77%
1982 28 Rickey Green 2899 35.79 UTA 27 81
77%
2002 75 Rick Fox 2131 21.10 LAL 32 101
77%
2001 70 Rick Fox 2126 21.69 LAL 31 98
77%
1998 52 Rick Fox 2357 24.81 LAL 28 95
77%
1997 58 Rick Fox 2347 30.88 BOS 27 76
77%
1996 52 Rick Fox 2479 30.60 BOS 26 81
77%
1991 89 Sam Mitchell 2106 25.68 MIN 27 82
77%
2024 56 Scottie Barnes 2574 42.90 TOR 22 60
77%
2023 45 Scottie Barnes 2613 33.50 TOR 21 78
77%
2022 52 Scottie Barnes 2464 31.59 TOR 20 78
77%
1986 75 Sidney Green 2151 25.92 CHI 25 83
77%
2025 68 Stephen Curry 290 41.43 GSW 36 7
77%
2024 25 Stephen Curry 3159 42.12 GSW 36,35 75
77%
2023 17 Stephen Curry 3405 49.35 GSW 34 69
77%
2022 8 Stephen Curry 3893 45.27 GSW 33 86
77%
2021 11 Stephen Curry 3277 50.42 GSW 33,32 65
77%
2019 7 Stephen Curry 4121 45.29 GSW 30 91
77%
2018 25 Stephen Curry 2988 45.27 GSW 29 66
77%
2017 5 Stephen Curry 4408 45.92 GSW 28 96
77%
2016 3 Stephen Curry 4811 49.60 GSW 27 97
77%
2015 2 Stephen Curry 4667 46.21 GSW 26 101
77%
2014 3 Stephen Curry 3998 47.04 GSW 25 85
77%
2013 3 Stephen Curry 3859 42.88 GSW 24 90
77%
2011 39 Stephen Curry 2652 35.84 GSW 22 74
77%
2010 27 Stephen Curry 2870 35.88 GSW 21 80
77%
1987 58 Steve Johnson 2461 29.65 POR 29 83
77%
2003 89 Tim Thomas 1939 22.55 MIL 25 86
77%
2001 76 Tim Thomas 2027 21.56 MIL 23 94
77%
1996 87 Tracy Murray 2066 25.20 TOR 24 82
77%
2017 89 Tyler Johnson 1889 25.88 MIA 24 73
77%
2025 31 Tyrese Haliburton 394 39.40 IND 24 10
77%
2024 11 Tyrese Haliburton 3967 46.67 IND 23 85
77%
2023 44 Tyrese Haliburton 2651 47.34 IND 22 56
77%
2022 29 Tyrese Haliburton 2931 38.06 IND,SAC 21 77
77%
2021 96 Tyrese Haliburton 1649 28.43 SAC 20 58
77%
2009 97 Tyrus Thomas 1911 22.22 CHI 22 86
77%
2025 14 Victor Wembanyama 451 41.00 SAS 21 11
77%
2024 24 Victor Wembanyama 3167 44.61 SAS 20 71
77%
1991 73 Vinnie Johnson 2275 23.45 DET 34 97
77%
1990 97 Vinnie Johnson 2036 19.96 DET 33 102
77%
1989 72 Vinnie Johnson 2337 23.61 DET 32 99
77%
1988 68 Vinnie Johnson 2261 21.53 DET 31 105
77%
1987 52 Vinnie Johnson 2595 27.90 DET 30 93
77%
1986 89 Vinnie Johnson 2057 24.78 DET 29 83
77%
1985 73 Vinnie Johnson 2264 24.88 DET 28 91
77%
1984 93 Vinnie Johnson 1996 22.94 DET 27 87
77%
1983 58 Vinnie Johnson 2393 29.18 DET 26 82
77%
1981 69 Vinnie Johnson 2199 27.15 SEA 24 81
77%
1989 34 Winston Garland 2885 33.16 GSW 24 87
77%
1988 77 Winston Garland 2039 30.43 GSW 23 67
77%
2025 71 Zach LaVine 282 35.25 CHI 29 8
77%
2023 26 Zach LaVine 3075 38.92 CHI 28,27 79
77%
2022 34 Zach LaVine 2763 38.92 CHI 26 71
77%
2021 34 Zach LaVine 2517 43.40 CHI 25 58
77%
2020 35 Zach LaVine 2443 40.72 CHI 24 60
77%
2019 54 Zach LaVine 2438 38.70 CHI 23 63
77%
2016 78 Zach LaVine 1966 23.98 MIN 20 82
77%
2025 89 Zion Williamson 259 43.17 NOP 24 6
77%
2024 31 Zion Williamson 2898 40.82 NOP 23 71
77%
2021 29 Zion Williamson 2636 43.21 NOP 20 61
77%
1979 76 Austin Carr 2209 26.94 CLE 30 82
69%
1977 69 Austin Carr 2132 25.08 CLE 28 85
69%
1977 79 Bingo Smith 1927 22.94 CLE 30 84
69%
2003 93 Bobby Jackson 1871 26.35 SAC 29 71
69%
2002 97 Bobby Jackson 1867 19.25 SAC 28 97
69%
1998 98 Bobby Jackson 1842 27.09 DEN 24 68
69%
1982 41 Bobby Jones 2573 26.53 PHI 30 97
69%
1981 42 Bobby Jones 2580 26.60 PHI 29 97
69%
1980 57 Bobby Jones 2449 24.74 PHI 28 99
69%
1979 68 Bobby Jones 2309 25.94 PHI 27 89
69%
1978 31 Bobby Jones 2854 32.43 DEN 26 88
69%
1977 24 Bobby Jones 2972 33.77 DEN 25 88
69%
2021 16 Bradley Beal 3096 46.21 WAS 28,27 67
69%
2020 20 Bradley Beal 2771 48.61 WAS 26 57
69%
2019 12 Bradley Beal 3585 43.72 WAS 25 82
69%
2018 14 Bradley Beal 3300 37.50 WAS 24 88
69%
2017 20 Bradley Beal 3123 34.70 WAS 23 90
69%
2015 61 Bradley Beal 2089 28.62 WAS 21 73
69%
2014 50 Bradley Beal 2488 29.62 WAS 20 84
69%
2025 17 Brandon Ingram 442 40.18 NOP 27 11
69%
2024 53 Brandon Ingram 2648 37.83 NOP 26 70
69%
2022 44 Brandon Ingram 2609 41.41 NOP 24 63
69%
2021 37 Brandon Ingram 2419 39.66 NOP 23 61
69%
2020 32 Brandon Ingram 2474 39.90 NOP 22 62
69%
1983 93 Caldwell Jones 1897 23.13 HOU 32 82
69%
1982 64 Caldwell Jones 2194 21.51 PHI 31 102
69%
1981 68 Caldwell Jones 2214 22.82 PHI 30 97
69%
1980 53 Caldwell Jones 2532 25.84 PHI 29 98
69%
1979 74 Caldwell Jones 2273 26.13 PHI 28 87
69%
1977 80 Caldwell Jones 1918 18.99 PHI 26 101
69%
1995 97 Charles Smith 1891 21.74 NYK 29 87
69%
1993 84 Charles Smith 2153 22.43 NYK 27 96
69%
1991 48 Charles Smith 2582 34.89 LAC 25 74
69%
1990 56 Charles Smith 2602 33.36 LAC 24 78
69%
1989 99 Charles Smith 1983 27.93 LAC 23 71
69%
2025 54 Chet Holmgren 325 32.50 OKC 22 10
69%
2024 29 Chet Holmgren 2950 32.07 OKC 21 92
69%
2024 63 CJ McCollum 2501 34.74 NOP 32 72
69%
2023 37 CJ McCollum 2889 38.01 NOP 31 76
69%
2022 38 CJ McCollum 2682 38.31 NOP,POR 30 70
69%
2021 63 CJ McCollum 2001 37.75 POR 29 53
69%
2020 19 CJ McCollum 2791 36.72 POR 28 76
69%
2019 39 CJ McCollum 2863 33.29 POR 27 86
69%
2018 28 CJ McCollum 2852 33.55 POR 26 85
69%
2017 26 CJ McCollum 2938 34.98 POR 25 84
69%
2016 19 CJ McCollum 3079 33.84 POR 24 91
69%
2003 97 Corliss Williamson 1811 18.67 DET 29 97
69%
2002 98 Corliss Williamson 1862 21.16 DET 28 88
69%
1999 95 Corliss Williamson 1119 20.35 SAC 25 55
69%
1998 49 Corliss Williamson 2431 30.77 SAC 24 79
69%
2007 95 Cuttino Mobley 1856 23.79 LAC 31 78
69%
2006 53 Cuttino Mobley 2391 26.27 LAC 30 91
69%
2005 87 Cuttino Mobley 1957 27.56 SAC,ORL 29 71
69%
2004 55 Cuttino Mobley 2408 28.33 HOU 28 85
69%
2003 71 Cuttino Mobley 2130 29.18 HOU 27 73
69%
2002 51 Cuttino Mobley 2426 32.78 HOU 26 74
69%
2001 55 Cuttino Mobley 2435 30.82 HOU 25 79
69%
2000 76 Cuttino Mobley 2100 25.93 HOU 24 81
69%
2005 53 Damon Jones 2284 23.55 MIA 28 97
69%
2004 95 Damon Jones 1882 21.63 MIL 27 87
69%
1983 85 David Thompson 2024 26.29 SEA 28 77
69%
1981 29 David Thompson 2829 36.74 DEN 26 77
69%
1979 37 David Thompson 2835 35.89 DEN 24 79
69%
1978 3 David Thompson 3992 42.92 DEN 23 93
69%
1977 8 David Thompson 3540 40.23 DEN 22 88
69%
2019 81 DeAndre Jordan 2087 30.25 DAL,NYK 30 69
69%
2018 46 DeAndre Jordan 2442 31.71 LAC 29 77
69%
2017 34 DeAndre Jordan 2748 31.23 LAC 28 88
69%
2016 32 DeAndre Jordan 2660 32.05 LAC 27 83
69%
2015 17 DeAndre Jordan 3009 31.34 LAC 26 96
69%
2014 34 DeAndre Jordan 2754 28.99 LAC 25 95
69%
2025 29 Dennis Schroder 398 36.18 BRK 31 11
69%
2024 65 Dennis Schroder 2420 30.25 BRK,TOR 30 80
69%
2021 56 Dennis Schroder 2109 31.01 LAL 27 68
69%
2020 47 Dennis Schroder 2250 31.25 OKC 26 72
69%
2019 59 Dennis Schroder 2354 28.02 OKC 25 84
69%
2018 47 Dennis Schroder 2421 36.13 ATL 24 67
69%
2017 24 Dennis Schroder 3010 35.41 ATL 23 85
69%
2016 66 Dennis Schroder 2073 23.03 ATL 22 90
69%
2015 85 Dennis Schroder 1925 20.70 ATL 21 93
69%
2018 67 Dennis Smith Jr. 2113 30.62 DAL 20 69
69%
1985 43 Derek Smith 2755 34.44 LAC 23 80
69%
2022 79 Dorian Finney-Smith 2086 21.29 DAL 28 98
69%
2005 49 Eddie Jones 2368 24.93 MIA 33 95
69%
2004 39 Eddie Jones 2657 28.27 MIA 32 94
69%
2002 42 Eddie Jones 2576 31.80 MIA 30 81
69%
2001 79 Eddie Jones 1989 30.14 MIA 29 66
69%
2000 36 Eddie Jones 2779 36.57 CHH 28 76
69%
1999 48 Eddie Jones 1529 30.58 CHH,LAL 27 50
69%
1998 28 Eddie Jones 2741 29.47 LAL 26 93
69%
1997 42 Eddie Jones 2681 30.12 LAL 25 89
69%
1980 38 Eddie Jordan 2721 33.18 NJN 25 82
69%
1979 69 Eddie Jordan 2299 27.37 NJN 24 84
69%
1978 81 Elmore Smith 2077 25.02 CLE 28 83
69%
2025 27 Evan Mobley 418 34.83 CLE 23 12
69%
2024 89 Evan Mobley 2085 33.63 CLE 22 62
69%
2023 41 Evan Mobley 2743 32.65 CLE 21 84
69%
2022 68 Evan Mobley 2193 30.89 CLE 21,20 71
69%
2025 32 Franz Wagner 392 35.64 ORL 23 11
69%
2024 47 Franz Wagner 2700 34.18 ORL 22 79
69%
2023 55 Franz Wagner 2474 30.93 ORL 21 80
69%
2022 76 Franz Wagner 2117 26.80 ORL 20 79
69%
1977 95 Howard Porter 1807 22.31 DET 28 81
69%
2020 92 Ish Smith 1716 25.24 WAS 31 68
69%
2018 85 Ish Smith 1922 23.44 DET 29 82
69%
2017 85 Ish Smith 1923 23.74 DET 28 81
69%
2016 46 Ish Smith 2393 31.08 NOP,PHI 27 77
69%
2024 99 Jabari Smith Jr. 2015 26.51 HOU 20 76
69%
2025 69 Jaren Jackson Jr. 287 31.89 MEM 25 9
69%
2024 69 Jaren Jackson Jr. 2345 35.53 MEM 24 66
69%
2023 81 Jaren Jackson Jr. 2164 31.36 MEM 23 69
69%
2022 51 Jaren Jackson Jr. 2475 27.50 MEM 22 90
69%
2010 96 Jason Thompson 1938 25.84 SAC 23 75
69%
2004 66 Jim Jackson 2233 26.27 HOU 33 85
69%
2000 67 Jim Jackson 2238 28.33 ATL 29 79
69%
1998 43 Jim Jackson 2491 31.53 GSW,PHI 27 79
69%
1997 54 Jim Jackson 2387 31.00 DAL,NJN 26 77
69%
1996 45 Jim Jackson 2553 31.13 DAL 25 82
69%
1995 91 Jim Jackson 1991 39.04 DAL 24 51
69%
1994 34 Jim Jackson 2824 34.44 DAL 23 82
69%
2004 91 Joe Smith 1904 23.51 MIL 28 81
69%
1999 73 Joe Smith 1252 26.64 MIN 23 47
69%
1998 89 Joe Smith 1927 24.39 GSW,PHI 22 79
69%
1997 45 Joe Smith 2582 32.28 GSW 21 80
69%
1996 62 Joe Smith 2345 28.60 GSW 20 82
69%
1979 51 John Williamson 2535 33.36 NJN 27 76
69%
1978 46 John Williamson 2536 33.81 IND,NJN 26 75
69%
1977 62 John Williamson 2210 30.69 IND,NYN 25 72
69%
2015 24 Josh Smith 2757 27.57 HOU,DET 29 100
69%
2014 45 Josh Smith 2503 32.51 DET 28 77
69%
2013 19 Josh Smith 3041 37.09 ATL 27 82
69%
2012 10 Josh Smith 2801 39.45 ATL 26 71
69%
2011 21 Josh Smith 3051 34.28 ATL 25 89
69%
2010 15 Josh Smith 3304 35.91 ATL 24 92
69%
2009 47 Josh Smith 2461 30.76 ATL 23 80
69%
2008 22 Josh Smith 3182 36.16 ATL 22 88
69%
2007 39 Josh Smith 2579 35.82 ATL 21 72
69%
2006 75 Josh Smith 2087 26.09 ATL 20 80
69%
2016 83 J.R. Smith 1932 19.71 CLE 30 98
69%
2015 82 J.R. Smith 1946 22.11 CLE,NYK 29 88
69%
2014 97 J.R. Smith 1890 25.54 NYK 28 74
69%
2013 38 J.R. Smith 2686 29.52 NYK 27 91
69%
2011 99 J.R. Smith 1820 21.67 DEN 25 84
69%
2010 90 J.R. Smith 1991 24.58 DEN 24 81
69%
2009 46 J.R. Smith 2479 25.56 DEN 23 97
69%
1988 50 Kareem Abdul-Jabbar 2646 25.44 LAL 40 104
69%
1987 32 Kareem Abdul-Jabbar 3024 31.50 LAL 39 96
69%
1986 10 Kareem Abdul-Jabbar 3663 39.39 LAL 38 93
69%
1985 7 Kareem Abdul-Jabbar 3861 39.40 LAL 37 98
69%
1984 7 Kareem Abdul-Jabbar 3825 37.87 LAL 36 101
69%
1983 6 Kareem Abdul-Jabbar 3622 38.53 LAL 35 94
69%
1982 8 Kareem Abdul-Jabbar 3762 41.80 LAL 34 90
69%
1981 4 Kareem Abdul-Jabbar 3912 47.13 LAL 33 83
69%
1980 1 Kareem Abdul-Jabbar 4850 50.00 LAL 32 97
69%
1979 1 Kareem Abdul-Jabbar 4628 52.59 LAL 31 88
69%
1978 13 Kareem Abdul-Jabbar 3385 52.08 LAL 30 65
69%
1977 1 Kareem Abdul-Jabbar 4965 53.39 LAL 29 93
69%
2025 34 Karl-Anthony Towns 390 43.33 NYK 29 9
69%
2024 33 Karl-Anthony Towns 2874 36.85 MIN 28 78
69%
2022 10 Karl-Anthony Towns 3500 43.21 MIN 26 81
69%
2021 42 Karl-Anthony Towns 2314 46.28 MIN 25 50
69%
2020 98 Karl-Anthony Towns 1685 48.14 MIN 24 35
69%
2019 14 Karl-Anthony Towns 3544 46.03 MIN 23 77
69%
2018 8 Karl-Anthony Towns 3504 40.28 MIN 22 87
69%
2017 9 Karl-Anthony Towns 3667 44.72 MIN 21 82
69%
2016 25 Karl-Anthony Towns 2879 35.11 MIN 20 82
69%
1995 65 Kenny Smith 2226 21.61 HOU 29 103
69%
1994 70 Kenny Smith 2277 22.54 HOU 28 101
69%
1993 54 Kenny Smith 2515 26.76 HOU 27 94
69%
1992 55 Kenny Smith 2549 31.47 HOU 26 81
69%
1991 31 Kenny Smith 2875 35.49 HOU 25 81
69%
1990 95 Kenny Smith 2077 26.29 ATL,SAC 24 79
69%
1989 29 Kenny Smith 2980 36.79 SAC 23 81
69%
1988 88 Kenny Smith 1947 31.92 SAC 22 61
69%
1981 30 Kevin Porter 2798 34.54 WSB 30 81
69%
1979 6 Kevin Porter 3830 46.71 DET 28 82
69%
1978 18 Kevin Porter 3260 39.76 DET,NJN 27 82
69%
1977 66 Kevin Porter 2152 25.62 DET 26 84
69%
2023 77 Kevin Porter Jr. 2219 37.61 HOU 22 59
69%
2022 80 Kevin Porter Jr. 2059 33.75 HOU 21 61
69%
2024 91 Klay Thompson 2072 26.56 GSW 34,33 78
69%
2023 51 Klay Thompson 2563 31.26 GSW 32 82
69%
2019 27 Klay Thompson 3134 31.66 GSW 28 99
69%
2018 29 Klay Thompson 2793 29.71 GSW 27 94
69%
2017 29 Klay Thompson 2863 30.14 GSW 26 95
69%
2016 14 Klay Thompson 3331 32.03 GSW 25 104
69%
2015 14 Klay Thompson 3121 31.85 GSW 24 98
69%
2014 56 Klay Thompson 2411 27.40 GSW 23 88
69%
2013 47 Klay Thompson 2462 26.19 GSW 22 94
69%
1992 85 Larry Bird 2137 43.61 BOS 35 49
69%
1991 22 Larry Bird 3090 44.14 BOS 34 70
69%
1990 13 Larry Bird 4089 51.11 BOS 33 80
69%
1988 3 Larry Bird 4941 53.13 BOS 31 93
69%
1987 2 Larry Bird 5324 54.89 BOS 30 97
69%
1986 1 Larry Bird 5229 52.29 BOS 29 100
69%
1985 1 Larry Bird 5411 54.11 BOS 28 100
69%
1984 1 Larry Bird 5194 50.92 BOS 27 102
69%
1983 4 Larry Bird 4168 49.04 BOS 26 85
69%
1982 4 Larry Bird 4239 47.63 BOS 25 89
69%
1981 2 Larry Bird 4635 46.82 BOS 24 99
69%
1980 5 Larry Bird 3932 43.21 BOS 23 91
69%
1987 70 Larry Smith 2233 24.81 GSW 29 90
69%
1985 86 Larry Smith 2080 26.00 GSW 27 80
69%
1981 80 Larry Smith 2098 25.59 GSW 23 82
69%
1989 88 LaSalle Thompson 2112 27.79 IND,SAC 27 76
69%
1987 83 LaSalle Thompson 2038 24.85 SAC 25 82
69%
1986 61 LaSalle Thompson 2386 28.75 SAC 24 83
69%
1985 70 LaSalle Thompson 2305 28.11 KCK 23 82
69%
1984 91 LaSalle Thompson 2013 24.25 KCK 22 83
69%
2002 62 Mark Jackson 2280 27.80 NYK 36 82
69%
2001 52 Mark Jackson 2480 28.18 NYK,TOR 35 88
69%
2000 26 Mark Jackson 2992 28.77 IND 34 104
69%
1999 26 Mark Jackson 1818 29.32 IND 33 62
69%
1998 18 Mark Jackson 3021 30.83 IND 32 98
69%
1997 21 Mark Jackson 3186 38.85 DEN,IND 31 82
69%
1996 37 Mark Jackson 2632 30.60 IND 30 86
69%
1995 32 Mark Jackson 2799 28.27 IND 29 99
69%
1994 46 Mark Jackson 2695 34.11 LAC 28 79
69%
1993 14 Mark Jackson 3355 38.56 LAC 27 87
69%
1992 29 Mark Jackson 3043 32.72 NYK 26 93
69%
1990 61 Mark Jackson 2531 27.81 NYK 24 91
69%
1989 18 Mark Jackson 3302 40.77 NYK 23 81
69%
1988 18 Mark Jackson 3621 42.10 NYK 22 86
69%
2003 28 Michael Jordan 2921 35.62 WAS 39 82
69%
2002 50 Michael Jordan 2445 40.75 WAS 38 60
69%
1998 2 Michael Jordan 4563 44.30 CHI 34 103
69%
1997 2 Michael Jordan 4770 47.23 CHI 33 101
69%
1996 1 Michael Jordan 4788 47.88 CHI 32 100
69%
1993 1 Michael Jordan 5279 54.42 CHI 29 97
69%
1992 1 Michael Jordan 5360 52.55 CHI 28 102
69%
1991 1 Michael Jordan 5268 53.21 CHI 27 99
69%
1990 1 Michael Jordan 5616 57.31 CHI 26 98
69%
1989 1 Michael Jordan 5909 60.30 CHI 25 98
69%
1988 1 Michael Jordan 5240 56.96 CHI 24 92
69%
1987 3 Michael Jordan 4763 56.04 CHI 23 85
69%
1985 4 Michael Jordan 4297 49.97 CHI 21 86
69%
2025 55 Michael Porter Jr. 324 32.40 DEN 26 10
69%
2024 54 Michael Porter Jr. 2578 27.72 DEN 25 93
69%
2023 83 Michael Porter Jr. 2129 25.96 DEN 24 82
69%
2021 53 Michael Porter Jr. 2117 29.82 DEN 22 71
69%
1988 73 Mychal Thompson 2127 20.45 LAL 33 104
69%
1987 89 Mychal Thompson 1984 19.84 LAL,SAS 32 100
69%
1986 56 Mychal Thompson 2416 28.09 POR 31 86
69%
1985 34 Mychal Thompson 2913 33.10 POR 30 88
69%
1984 34 Mychal Thompson 2864 34.51 POR 29 83
69%
1983 16 Mychal Thompson 3203 36.82 POR 28 87
69%
1982 15 Mychal Thompson 3377 42.75 POR 27 79
69%
1981 22 Mychal Thompson 2949 35.96 POR 26 82
69%
1979 64 Mychal Thompson 2340 30.79 POR 24 76
69%
2025 25 Nikola Vucevic 426 38.73 CHI 34 11
69%
2024 35 Nikola Vucevic 2872 36.82 CHI 33 78
69%
2023 28 Nikola Vucevic 3057 36.39 CHI 32 84
69%
2022 31 Nikola Vucevic 2904 37.23 CHI 31 78
69%
2021 15 Nikola Vucevic 3107 44.39 CHI,ORL 30 70
69%
2020 23 Nikola Vucevic 2675 39.93 ORL 29 67
69%
2019 15 Nikola Vucevic 3542 41.67 ORL 28 85
69%
2018 79 Nikola Vucevic 1962 34.42 ORL 27 57
69%
2017 51 Nikola Vucevic 2441 32.55 ORL 26 75
69%
2016 52 Nikola Vucevic 2238 34.43 ORL 25 65
69%
2015 29 Nikola Vucevic 2640 35.68 ORL 24 74
69%
2013 55 Nikola Vucevic 2351 30.53 ORL 22 77
69%
2018 58 Otto Porter Jr. 2199 26.82 WAS 24 82
69%
2017 55 Otto Porter Jr. 2311 24.85 WAS 23 93
69%
1981 63 Phil Smith 2281 30.01 SDC 28 76
69%
1979 91 Phil Smith 2030 34.41 GSW 26 59
69%
1978 32 Phil Smith 2833 34.55 GSW 25 82
69%
1977 25 Phil Smith 2972 32.30 GSW 24 92
69%
1995 81 Popeye Jones 2057 25.71 DAL 24 80
69%
1981 67 Randy Smith 2228 27.17 CLE 32 82
69%
1980 49 Randy Smith 2555 31.16 CLE 31 82
69%
1979 30 Randy Smith 2945 35.91 SDC 30 82
69%
1978 11 Randy Smith 3430 41.83 BUF 29 82
69%
1977 16 Randy Smith 3221 39.28 BUF 28 82
69%
2022 54 Reggie Jackson 2409 31.29 LAC 32,31 77
69%
2021 69 Reggie Jackson 1914 22.26 LAC 30 86
69%
2019 58 Reggie Jackson 2371 27.57 DET 28 86
69%
2016 24 Reggie Jackson 2948 35.52 DET 25 83
69%
2015 37 Reggie Jackson 2439 31.68 DET,OKC 24 77
69%
2014 48 Reggie Jackson 2499 25.24 OKC 23 99
69%
2025 73 Russell Westbrook 281 28.10 DEN 36 10
69%
2023 29 Russell Westbrook 3036 38.92 LAC,LAL 34 78
69%
2022 18 Russell Westbrook 3216 41.23 LAL 33 78
69%
2021 3 Russell Westbrook 4207 58.43 WAS 32 72
69%
2020 13 Russell Westbrook 3206 49.32 HOU 31 65
69%
2019 4 Russell Westbrook 4498 57.67 OKC 30 78
69%
2018 2 Russell Westbrook 4986 57.98 OKC 29 86
69%
2017 1 Russell Westbrook 5632 65.49 OKC 28 86
69%
2016 1 Russell Westbrook 5391 55.01 OKC 27 98
69%
2015 6 Russell Westbrook 3676 54.87 OKC 26 67
69%
2014 21 Russell Westbrook 2996 46.09 OKC 25 65
69%
2013 4 Russell Westbrook 3809 45.35 OKC 24 84
69%
2012 3 Russell Westbrook 3559 41.38 OKC 23 86
69%
2011 3 Russell Westbrook 4439 44.84 OKC 22 99
69%
2010 12 Russell Westbrook 3411 38.76 OKC 21 88
69%
2009 37 Russell Westbrook 2651 32.33 OKC 20 82
69%
2002 86 Scottie Pippen 1959 30.14 POR 36 65
69%
2001 90 Scottie Pippen 1853 27.66 POR 35 67
69%
2000 25 Scottie Pippen 3035 30.97 POR 34 98
69%
1999 16 Scottie Pippen 1944 36.00 HOU 33 54
69%
1998 45 Scottie Pippen 2486 38.25 CHI 32 65
69%
1997 7 Scottie Pippen 4004 39.64 CHI 31 101
69%
1996 8 Scottie Pippen 3821 40.22 CHI 30 95
69%
1995 8 Scottie Pippen 3874 43.53 CHI 29 89
69%
1994 9 Scottie Pippen 3725 45.43 CHI 28 82
69%
1993 5 Scottie Pippen 4172 41.72 CHI 27 100
69%
1992 3 Scottie Pippen 4723 45.41 CHI 26 104
69%
1991 8 Scottie Pippen 4142 41.84 CHI 25 99
69%
1990 15 Scottie Pippen 3711 38.26 CHI 24 97
69%
1989 45 Scottie Pippen 2729 30.32 CHI 23 90
69%
2025 52 Scotty Pippen Jr. 337 30.64 MEM 24 11
69%
2011 72 Stephen Jackson 2134 31.85 CHA 32 67
69%
2010 23 Stephen Jackson 2971 34.95 CHA,GSW 31 85
69%
2009 52 Stephen Jackson 2407 40.80 GSW 30 59
69%
2008 52 Stephen Jackson 2505 34.32 GSW 29 73
69%
2007 47 Stephen Jackson 2444 28.42 GSW,IND 28 86
69%
2006 54 Stephen Jackson 2390 27.47 IND 27 87
69%
2005 98 Stephen Jackson 1867 29.17 IND 26 64
69%
2004 49 Stephen Jackson 2470 30.88 ATL 25 80
69%
2003 56 Stephen Jackson 2330 22.40 SAS 24 104
69%
2001 81 Steve Smith 1956 23.29 POR 31 84
69%
2000 52 Steve Smith 2483 25.34 POR 30 98
69%
1999 68 Steve Smith 1369 30.42 ATL 29 45
69%
1998 35 Steve Smith 2594 33.69 ATL 28 77
69%
1997 44 Steve Smith 2645 32.26 ATL 27 82
69%
1996 35 Steve Smith 2653 29.48 ATL 26 90
69%
1995 56 Steve Smith 2308 27.81 ATL,MIA 25 83
69%
1994 41 Steve Smith 2759 33.24 MIA 24 83
69%
2014 98 Terrence Jones 1882 22.95 HOU 22 82
69%
1999 96 Terry Porter 1113 20.24 MIA 35 55
69%
1996 93 Terry Porter 1993 24.30 MIN 32 82
69%
1994 79 Terry Porter 2199 27.15 POR 30 81
69%
1993 34 Terry Porter 2847 33.49 POR 29 85
69%
1992 9 Terry Porter 3687 35.80 POR 28 103
69%
1991 13 Terry Porter 3699 38.13 POR 27 97
69%
1990 12 Terry Porter 4120 40.79 POR 26 101
69%
1989 13 Terry Porter 3626 43.17 POR 25 84
69%
1988 19 Terry Porter 3576 41.58 POR 24 86
69%
1987 26 Terry Porter 3159 37.61 POR 23 84
69%
2024 87 Tre Jones 2103 27.31 SAS 24 77
69%
2023 87 Tre Jones 2114 31.09 SAS 23 68
69%
2017 78 Tristan Thompson 1994 20.77 CLE 25 96
69%
2016 74 Tristan Thompson 1978 19.20 CLE 24 103
69%
2015 78 Tristan Thompson 1978 19.39 CLE 23 102
69%
2014 91 Tristan Thompson 1936 23.61 CLE 22 82
69%
2013 72 Tristan Thompson 2077 25.33 CLE 21 82
69%
2025 74 Tyus Jones 279 27.90 PHO 28 10
69%
2024 96 Tyus Jones 2028 30.73 WAS 27 66
69%
2023 93 Tyus Jones 2043 23.76 MEM 26 86
69%
1998 96 Voshon Lenard 1854 21.56 MIA 24 86
69%
1977 63 Wil Jones 2206 27.58 IND 29 80
69%
2025 22 Alperen Sengun 431 39.18 HOU 22 11
62%
2024 52 Alperen Sengun 2666 42.32 HOU 21 63
62%
2023 54 Alperen Sengun 2509 33.45 HOU 20 75
62%
2002 76 Anfernee Hardaway 2111 26.39 PHO 30 80
62%
2000 54 Anfernee Hardaway 2476 35.88 PHO 28 69
62%
1999 21 Anfernee Hardaway 1891 35.02 ORL 27 54
62%
1997 47 Anfernee Hardaway 2503 39.11 ORL 25 64
62%
1996 6 Anfernee Hardaway 4009 42.65 ORL 24 94
62%
1995 5 Anfernee Hardaway 4077 41.60 ORL 23 98
62%
1994 16 Anfernee Hardaway 3210 37.76 ORL 22 85
62%
2008 90 Anthony Parker 1934 22.23 TOR 32 87
62%
2003 83 Brian Grant 2001 24.40 MIA 30 82
62%
2001 59 Brian Grant 2362 27.79 MIA 28 85
62%
1999 43 Brian Grant 1553 25.46 POR 26 61
62%
1996 81 Brian Grant 2138 26.07 SAC 23 82
62%
1995 86 Brian Grant 2019 25.24 SAC 22 80
62%
2024 94 Brook Lopez 2047 24.08 MIL 35 85
62%
2023 64 Brook Lopez 2342 28.22 MIL 34 83
62%
2021 67 Brook Lopez 1945 20.91 MIL 32 93
62%
2020 84 Brook Lopez 1778 22.79 MIL 31 78
62%
2019 73 Brook Lopez 2157 22.47 MIL 30 96
62%
2017 49 Brook Lopez 2456 32.75 BRK 28 75
62%
2016 38 Brook Lopez 2550 34.93 BRK 27 73
62%
2015 51 Brook Lopez 2240 28.72 BRK 26 78
62%
2013 46 Brook Lopez 2531 31.25 BRK 24 81
62%
2011 41 Brook Lopez 2586 31.54 NJN 22 82
62%
2010 29 Brook Lopez 2819 34.38 NJN 21 82
62%
2009 77 Brook Lopez 2100 25.61 NJN 20 82
62%
1998 39 Dennis Rodman 2560 25.35 CHI 36 101
62%
1997 100 Dennis Rodman 1892 25.57 CHI 35 74
62%
1996 77 Dennis Rodman 2164 26.39 CHI 34 82
62%
1994 71 Dennis Rodman 2276 27.76 SAS 32 82
62%
1992 33 Dennis Rodman 2961 34.03 DET 30 87
62%
1991 69 Dennis Rodman 2305 23.76 DET 29 97
62%
1990 90 Dennis Rodman 2110 20.89 DET 28 101
62%
1989 83 Dennis Rodman 2154 21.76 DET 27 99
62%
1988 60 Dennis Rodman 2378 22.65 DET 26 105
62%
2012 75 Devin Harris 1629 24.31 UTA 28 67
62%
2011 59 Devin Harris 2331 32.83 NJN,UTA 27 71
62%
2010 67 Devin Harris 2226 34.78 NJN 26 64
62%
2009 32 Devin Harris 2780 40.29 NJN 25 69
62%
2008 89 Devin Harris 1957 30.58 DAL,NJN 24 64
62%
2007 92 Devin Harris 1876 21.81 DAL 23 86
62%
2019 83 Dwyane Wade 2067 28.71 MIA 37 72
62%
2017 65 Dwyane Wade 2130 32.27 CHI 35 66
62%
2016 20 Dwyane Wade 3043 34.58 MIA 34 88
62%
2015 50 Dwyane Wade 2242 36.16 MIA 33 62
62%
2014 46 Dwyane Wade 2503 33.82 MIA 32 74
62%
2013 8 Dwyane Wade 3417 37.55 MIA 31 91
62%
2012 8 Dwyane Wade 2828 39.28 MIA 30 72
62%
2011 4 Dwyane Wade 4227 43.58 MIA 29 97
62%
2010 6 Dwyane Wade 3922 47.83 MIA 28 82
62%
2009 3 Dwyane Wade 4571 53.15 MIA 27 86
62%
2008 63 Dwyane Wade 2300 45.10 MIA 26 51
62%
2007 32 Dwyane Wade 2743 49.87 MIA 25 55
62%
2006 2 Dwyane Wade 4810 49.08 MIA 24 98
62%
2005 2 Dwyane Wade 4182 45.96 MIA 23 91
62%
2004 57 Dwyane Wade 2361 31.91 MIA 22 74
62%
2018 80 Elfrid Payton 1962 31.14 ORL,PHO 23 63
62%
2017 43 Elfrid Payton 2619 31.94 ORL 22 82
62%
2016 64 Elfrid Payton 2084 28.55 ORL 21 73
62%
2015 45 Elfrid Payton 2308 28.15 ORL 20 82
62%
1992 91 Gary Grant 2088 25.16 LAC 26 83
62%
1991 91 Gary Grant 2088 30.71 LAC 25 68
62%
1989 76 Gary Grant 2249 31.68 LAC 23 71
62%
2018 91 Gary Harris 1871 27.93 DEN 23 67
62%
2005 51 Gary Payton 2319 27.61 BOS 36 84
62%
2004 22 Gary Payton 3056 29.38 LAL 35 104
62%
2003 11 Gary Payton 3689 42.90 MIL,SEA 34 86
62%
2002 7 Gary Payton 4059 46.66 SEA 33 87
62%
2001 14 Gary Payton 3621 45.84 SEA 32 79
62%
2000 2 Gary Payton 4397 50.54 SEA 31 87
62%
1999 7 Gary Payton 2321 46.42 SEA 30 50
62%
1998 3 Gary Payton 3941 42.84 SEA 29 92
62%
1997 4 Gary Payton 4127 43.90 SEA 28 94
62%
1996 4 Gary Payton 4240 41.57 SEA 27 102
62%
1995 11 Gary Payton 3481 40.48 SEA 26 86
62%
1994 22 Gary Payton 2975 34.20 SEA 25 87
62%
1993 33 Gary Payton 2861 28.33 SEA 24 101
62%
1992 61 Gary Payton 2407 27.04 SEA 23 89
62%
1991 82 Gary Payton 2177 25.02 SEA 22 87
62%
1999 20 Hakeem Olajuwon 1898 35.15 HOU 36 54
62%
1998 93 Hakeem Olajuwon 1899 36.52 HOU 35 52
62%
1997 6 Hakeem Olajuwon 4014 42.70 HOU 34 94
62%
1996 7 Hakeem Olajuwon 3900 48.75 HOU 33 80
62%
1995 1 Hakeem Olajuwon 4901 52.14 HOU 32 94
62%
1994 1 Hakeem Olajuwon 5384 52.27 HOU 31 103
62%
1993 3 Hakeem Olajuwon 4952 52.68 HOU 30 94
62%
1992 26 Hakeem Olajuwon 3100 44.29 HOU 29 70
62%
1991 40 Hakeem Olajuwon 2695 45.68 HOU 28 59
62%
1990 6 Hakeem Olajuwon 4331 50.36 HOU 27 86
62%
1989 5 Hakeem Olajuwon 4130 48.02 HOU 26 86
62%
1988 11 Hakeem Olajuwon 3717 44.78 HOU 25 83
62%
1987 7 Hakeem Olajuwon 3958 46.56 HOU 24 85
62%
1986 6 Hakeem Olajuwon 3977 45.19 HOU 23 88
62%
1985 15 Hakeem Olajuwon 3412 39.22 HOU 22 87
62%
1993 74 Harvey Grant 2277 31.63 WSB 27 72
62%
1992 95 Harvey Grant 2028 31.69 WSB 26 64
62%
1991 50 Harvey Grant 2522 32.75 WSB 25 77
62%
2001 95 Horace Grant 1814 19.51 LAL 35 93
62%
1999 87 Horace Grant 1149 21.28 ORL 33 54
62%
1998 80 Horace Grant 2043 26.88 ORL 32 76
62%
1997 91 Horace Grant 1937 28.91 ORL 31 67
62%
1996 75 Horace Grant 2171 30.15 ORL 30 72
62%
1995 30 Horace Grant 2802 29.49 ORL 29 95
62%
1994 39 Horace Grant 2772 34.65 CHI 28 80
62%
1993 37 Horace Grant 2826 29.44 CHI 27 96
62%
1992 15 Horace Grant 3259 31.64 CHI 26 103
62%
1991 42 Horace Grant 2640 27.79 CHI 25 95
62%
1990 42 Horace Grant 2800 29.17 CHI 24 96
62%
1989 57 Horace Grant 2563 26.70 CHI 23 96
62%
2016 99 Jabari Parker 1823 23.99 MIL 20 76
62%
2025 43 Ja Morant 358 44.75 MEM 25 8
62%
2023 22 Ja Morant 3258 49.36 MEM 23 66
62%
2022 16 Ja Morant 3259 49.38 MEM 22 66
62%
2021 21 Ja Morant 2811 40.16 MEM 21 70
62%
2020 28 Ja Morant 2559 37.63 MEM 20 68
62%
2025 63 Jerami Grant 302 27.45 POR 30 11
62%
2021 73 Jerami Grant 1852 34.30 DET 26 54
62%
2020 90 Jerami Grant 1742 19.36 DEN 25 90
62%
2019 94 Jerami Grant 1932 22.73 OKC 24 85
62%
2007 41 Jermaine O'Neal 2566 37.19 IND 28 69
62%
2006 72 Jermaine O'Neal 2118 37.16 IND 27 57
62%
2005 67 Jermaine O'Neal 2144 37.61 IND 26 57
62%
2004 8 Jermaine O'Neal 3465 36.86 IND 25 94
62%
2003 19 Jermaine O'Neal 3221 38.81 IND 24 83
62%
2002 33 Jermaine O'Neal 2721 35.34 IND 23 77
62%
2001 56 Jermaine O'Neal 2421 28.48 IND 22 85
62%
2003 46 Jerry Stackhouse 2491 35.59 WAS 28 70
62%
2002 18 Jerry Stackhouse 3181 36.99 DET 27 86
62%
2001 12 Jerry Stackhouse 3666 45.83 DET 26 80
62%
2000 16 Jerry Stackhouse 3231 38.01 DET 25 85
62%
1998 67 Jerry Stackhouse 2145 27.15 DET,PHI 23 79
62%
1997 43 Jerry Stackhouse 2679 33.07 PHI 22 81
62%
1996 61 Jerry Stackhouse 2360 32.78 PHI 21 72
62%
2021 81 Joe Harris 1763 21.77 BRK 29 81
62%
2020 93 Joe Harris 1700 23.94 BRK 28 71
62%
2024 45 Joel Embiid 2729 59.33 PHI 30,29 46
62%
2023 5 Joel Embiid 3959 52.79 PHI 28 75
62%
2022 6 Joel Embiid 4016 51.49 PHI 27 78
62%
2021 18 Joel Embiid 2925 47.18 PHI 26 62
62%
2020 43 Joel Embiid 2369 43.07 PHI 25 55
62%
2019 11 Joel Embiid 3712 49.49 PHI 24 75
62%
2018 22 Joel Embiid 3025 42.61 PHI 23 71
62%
2018 60 John Wall 2185 46.49 WAS 27 47
62%
2017 4 John Wall 4705 51.70 WAS 26 91
62%
2016 9 John Wall 3692 47.95 WAS 25 77
62%
2015 5 John Wall 3861 44.90 WAS 24 86
62%
2014 5 John Wall 3952 42.49 WAS 23 93
62%
2013 82 John Wall 1950 39.80 WAS 22 49
62%
2012 14 John Wall 2588 39.21 WAS 21 66
62%
2011 36 John Wall 2752 39.88 WAS 20 69
62%
2024 70 Jonas Valanciunas 2338 26.57 NOP 32,31 88
62%
2023 68 Jonas Valanciunas 2311 28.89 NOP 31,30 80
62%
2022 30 Jonas Valanciunas 2914 35.54 NOP 30,29 82
62%
2021 39 Jonas Valanciunas 2384 34.55 MEM 29,28 69
62%
2020 46 Jonas Valanciunas 2251 31.70 MEM 28,27 71
62%
2018 59 Jonas Valanciunas 2194 25.22 TOR 25 87
62%
2017 67 Jonas Valanciunas 2123 23.59 TOR 24 90
62%
2016 96 Jonas Valanciunas 1844 25.61 TOR 23 72
62%
2015 80 Jonas Valanciunas 1951 23.23 TOR 22 84
62%
2014 85 Jonas Valanciunas 1994 22.66 TOR 21 88
62%
2025 33 Josh Giddey 391 35.55 CHI 22 11
62%
2024 57 Josh Giddey 2538 28.20 OKC 21 90
62%
2023 33 Josh Giddey 2966 38.03 OKC 20 78
62%
2022 92 Josh Giddey 1856 34.37 OKC 19 54
62%
2025 58 Josh Hart 309 34.33 NYK 29 9
62%
2024 51 Josh Hart 2676 28.47 NYK 28 94
62%
2023 72 Josh Hart 2280 26.21 NYK,POR 27 87
62%
2025 38 Julius Randle 378 37.80 MIN 30 10
62%
2024 98 Julius Randle 2020 43.91 NYK 29 46
62%
2023 9 Julius Randle 3734 42.92 NYK 28 87
62%
2022 25 Julius Randle 2995 41.60 NYK 27 72
62%
2021 10 Julius Randle 3562 46.87 NYK 26 76
62%
2020 45 Julius Randle 2339 36.55 NYK 25 64
62%
2019 42 Julius Randle 2754 37.73 NOP 24 73
62%
2018 39 Julius Randle 2485 30.30 LAL 23 82
62%
2017 60 Julius Randle 2225 30.07 LAL 22 74
62%
2016 61 Julius Randle 2118 26.15 LAL 21 81
62%
2016 94 Kobe Bryant 1851 28.05 LAL 37 66
62%
2013 6 Kobe Bryant 3635 46.60 LAL 34 78
62%
2012 6 Kobe Bryant 3084 44.06 LAL 33 70
62%
2011 6 Kobe Bryant 3731 40.55 LAL 32 92
62%
2010 2 Kobe Bryant 4332 45.13 LAL 31 96
62%
2009 2 Kobe Bryant 4714 44.90 LAL 30 105
62%
2008 1 Kobe Bryant 4942 47.98 LAL 29 103
62%
2007 3 Kobe Bryant 4083 49.79 LAL 28 82
62%
2006 4 Kobe Bryant 4476 51.45 LAL 27 87
62%
2005 22 Kobe Bryant 3146 47.67 LAL 26 66
62%
2004 3 Kobe Bryant 3650 41.95 LAL 25 87
62%
2003 2 Kobe Bryant 4820 51.28 LAL 24 94
62%
2002 3 Kobe Bryant 4324 43.68 LAL 23 99
62%
2001 4 Kobe Bryant 3988 47.48 LAL 22 84
62%
2000 8 Kobe Bryant 3536 40.18 LAL 21 88
62%
1999 11 Kobe Bryant 2074 35.76 LAL 20 58
62%
1998 69 Kobe Bryant 2134 23.71 LAL 19 90
62%
2015 71 Kyle Korver 2028 22.79 ATL 33 89
62%
2005 96 Kyle Korver 1880 21.61 PHI 23 87
62%
2006 34 Mike James 2861 36.22 TOR 30 79
62%
2004 92 Mike James 1900 18.45 DET,BOS 28 103
62%
2025 97 Paolo Banchero 252 50.40 ORL 22 5
62%
2024 13 Paolo Banchero 3655 42.01 ORL 21 87
62%
2023 50 Paolo Banchero 2571 35.71 ORL 20 72
62%
2025 42 Pascal Siakam 365 36.50 IND 30 10
62%
2024 12 Pascal Siakam 3717 38.32 IND,TOR 29 97
62%
2023 21 Pascal Siakam 3261 45.29 TOR 29,28 72
62%
2022 17 Pascal Siakam 3241 43.80 TOR 27 74
62%
2021 51 Pascal Siakam 2202 39.32 TOR 26 56
62%
2020 22 Pascal Siakam 2708 38.14 TOR 25 71
62%
2019 20 Pascal Siakam 3323 31.95 TOR 24 104
62%
2017 100 Robin Lopez 1792 20.60 CHI 28 87
62%
2014 68 Robin Lopez 2173 23.37 POR 25 93
62%
2009 53 Shaquille O'Neal 2375 31.67 PHO 36 75
62%
2008 99 Shaquille O'Neal 1842 27.91 PHO,MIA 35 66
62%
2006 35 Shaquille O'Neal 2847 34.72 MIA 33 82
62%
2005 15 Shaquille O'Neal 3464 40.28 MIA 32 86
62%
2004 2 Shaquille O'Neal 3742 42.04 LAL 31 89
62%
2003 9 Shaquille O'Neal 3823 48.39 LAL 30 79
62%
2002 6 Shaquille O'Neal 4061 47.22 LAL 29 86
62%
2001 1 Shaquille O'Neal 4751 52.79 LAL 28 90
62%
2000 1 Shaquille O'Neal 5567 54.58 LAL 27 102
62%
1999 3 Shaquille O'Neal 2532 44.42 LAL 26 57
62%
1998 8 Shaquille O'Neal 3492 47.84 LAL 25 73
62%
1997 33 Shaquille O'Neal 2904 48.40 LAL 24 60
62%
1996 20 Shaquille O'Neal 3053 46.26 ORL 23 66
62%
1995 2 Shaquille O'Neal 4896 48.96 ORL 22 100
62%
1994 6 Shaquille O'Neal 4273 50.87 ORL 21 84
62%
1993 10 Shaquille O'Neal 3665 45.25 ORL 20 81
62%
2006 74 Smush Parker 2093 23.52 LAL 24 89
62%
1980 63 Sonny Parker 2380 29.02 GSW 24 82
62%
1979 59 Sonny Parker 2402 30.41 GSW 23 79
62%
2001 54 Tim Hardaway 2441 30.90 MIA 34 79
62%
1999 22 Tim Hardaway 1883 35.53 MIA 32 53
62%
1998 6 Tim Hardaway 3542 41.19 MIA 31 86
62%
1997 5 Tim Hardaway 4124 42.08 MIA 30 98
62%
1996 24 Tim Hardaway 2970 35.78 MIA,GSW 29 83
62%
1995 37 Tim Hardaway 2693 43.44 GSW 28 62
62%
1993 19 Tim Hardaway 3208 48.61 GSW 26 66
62%
1992 6 Tim Hardaway 4178 49.15 GSW 25 85
62%
1991 5 Tim Hardaway 4522 49.69 GSW 24 91
62%
1990 28 Tim Hardaway 3027 38.32 GSW 23 79
62%
2021 74 Tim Hardaway Jr. 1851 24.04 DAL 28 77
62%
2020 80 Tim Hardaway Jr. 1825 23.70 DAL 27 77
62%
2017 88 Tim Hardaway Jr. 1911 22.48 ATL 24 85
62%
2025 59 Tobias Harris 308 28.00 DET 32 11
62%
2024 68 Tobias Harris 2353 30.56 PHI 31 77
62%
2023 71 Tobias Harris 2286 26.89 PHI 30 85
62%
2022 36 Tobias Harris 2734 32.16 PHI 29 85
62%
2021 28 Tobias Harris 2639 35.66 PHI 28 74
62%
2020 26 Tobias Harris 2589 34.07 PHI 27 76
62%
2019 23 Tobias Harris 3246 34.53 PHI,LAC 26 94
62%
2018 48 Tobias Harris 2413 30.16 DET,LAC 25 80
62%
2017 68 Tobias Harris 2120 25.85 DET 24 82
62%
2016 55 Tobias Harris 2195 27.44 DET,ORL 23 80
62%
2015 81 Tobias Harris 1947 28.63 ORL 22 68
62%
2016 63 Tony Parker 2096 25.56 SAS 33 82
62%
2015 79 Tony Parker 1972 26.29 SAS 32 75
62%
2014 31 Tony Parker 2794 30.70 SAS 31 91
62%
2013 9 Tony Parker 3416 39.26 SAS 30 87
62%
2012 12 Tony Parker 2789 37.69 SAS 29 74
62%
2011 27 Tony Parker 2931 34.89 SAS 28 84
62%
2010 87 Tony Parker 2025 30.68 SAS 27 66
62%
2009 21 Tony Parker 3106 40.34 SAS 26 77
62%
2008 28 Tony Parker 3068 35.67 SAS 25 86
62%
2007 13 Tony Parker 3341 34.44 SAS 24 97
62%
2006 20 Tony Parker 3213 34.55 SAS 23 93
62%
2005 17 Tony Parker 3394 32.95 SAS 22 103
62%
2004 43 Tony Parker 2585 30.41 SAS 21 85
62%
2003 25 Tony Parker 3037 28.65 SAS 20 106
62%
2002 88 Tony Parker 1940 22.30 SAS 19 87
62%
2025 48 Tyler Herro 351 39.00 MIA 25 9
62%
2023 58 Tyler Herro 2423 34.61 MIA 23 70
62%
2022 43 Tyler Herro 2620 32.35 MIA 22 81
62%
2020 74 Tyler Herro 1858 24.45 MIA 20 76
62%
2025 70 Tyrese Maxey 282 40.29 PHI 24 7
62%
2024 17 Tyrese Maxey 3375 43.83 PHI 23 77
62%
2023 76 Tyrese Maxey 2224 31.32 PHI 22 71
62%
2022 39 Tyrese Maxey 2676 30.76 PHI 21 87
62%
2024 64 Aaron Gordon 2485 29.24 DEN 28 85
54%
2023 49 Aaron Gordon 2579 29.31 DEN 27 88
54%
2022 70 Aaron Gordon 2168 27.10 DEN 26 80
54%
2020 70 Aaron Gordon 1915 30.89 ORL 24 62
54%
2019 45 Aaron Gordon 2666 32.12 ORL 23 83
54%
2018 93 Aaron Gordon 1855 31.98 ORL 22 58
54%
2017 95 Aaron Gordon 1829 22.86 ORL 21 80
54%
2008 5 Allen Iverson 3902 45.37 DEN 32 86
54%
2007 16 Allen Iverson 3156 45.09 DEN,PHI 31 70
54%
2006 10 Allen Iverson 3823 53.10 PHI 30 72
54%
2005 1 Allen Iverson 4261 53.26 PHI 29 80
54%
2004 69 Allen Iverson 2212 46.08 PHI 28 48
54%
2003 5 Allen Iverson 4392 46.72 PHI 27 94
54%
2002 17 Allen Iverson 3218 49.51 PHI 26 65
54%
2001 2 Allen Iverson 4482 48.19 PHI 25 93
54%
2000 9 Allen Iverson 3466 43.33 PHI 24 80
54%
1999 5 Allen Iverson 2444 43.64 PHI 23 56
54%
1998 14 Allen Iverson 3243 40.54 PHI 22 80
54%
1997 13 Allen Iverson 3414 44.92 PHI 21 76
54%
1992 70 Alvin Robertson 2322 28.32 MIL 29 82
54%
1991 34 Alvin Robertson 2834 33.74 MIL 28 84
54%
1990 29 Alvin Robertson 2990 35.18 MIL 27 85
54%
1989 62 Alvin Robertson 2525 38.85 SAS 26 65
54%
1988 12 Alvin Robertson 3687 43.38 SAS 25 85
54%
1987 34 Alvin Robertson 2996 36.99 SAS 24 81
54%
1986 19 Alvin Robertson 3232 38.02 SAS 23 85
54%
2013 62 Andre Miller 2228 25.32 DEN 36 88
54%
2012 42 Andre Miller 2026 27.75 DEN 35 73
54%
2011 35 Andre Miller 2765 31.78 POR 34 87
54%
2010 42 Andre Miller 2597 29.51 POR 33 88
54%
2009 19 Andre Miller 3133 35.60 PHI 32 88
54%
2008 24 Andre Miller 3119 35.44 PHI 31 88
54%
2007 30 Andre Miller 2797 34.96 DEN,PHI 30 80
54%
2006 23 Andre Miller 3131 35.99 DEN 29 87
54%
2005 28 Andre Miller 2888 33.20 DEN 28 87
54%
2004 29 Andre Miller 2889 33.21 DEN 27 87
54%
2003 38 Andre Miller 2588 32.35 LAC 26 80
54%
2002 11 Andre Miller 3638 44.91 CLE 25 81
54%
2001 24 Andre Miller 3117 38.01 CLE 24 82
54%
2000 66 Andre Miller 2247 27.40 CLE 23 82
54%
2022 37 Andrew Wiggins 2683 28.24 GSW 26 95
54%
2021 49 Andrew Wiggins 2205 30.21 GSW 26,25 73
54%
2020 66 Andrew Wiggins 1943 35.98 GSW,MIN 24 54
54%
2019 72 Andrew Wiggins 2159 29.58 MIN 23 73
54%
2018 50 Andrew Wiggins 2401 27.60 MIN 22 87
54%
2017 33 Andrew Wiggins 2751 33.55 MIN 21 82
54%
2016 44 Andrew Wiggins 2418 29.85 MIN 20 81
54%
2015 52 Andrew Wiggins 2237 27.28 MIN 19 82
54%
2025 53 Anfernee Simons 328 29.82 POR 25 11
54%
2023 96 Anfernee Simons 2029 32.73 POR 23 62
54%
1991 53 Antoine Carr 2499 32.45 SAC 29 77
54%
2006 51 Antoine Walker 2409 22.94 MIA 29 105
54%
2005 25 Antoine Walker 3030 36.51 BOS,ATL 28 83
54%
2004 32 Antoine Walker 2835 32.59 DAL 27 87
54%
2003 16 Antoine Walker 3393 38.56 BOS 26 88
54%
2002 5 Antoine Walker 4108 42.35 BOS 25 97
54%
2001 10 Antoine Walker 3688 45.53 BOS 24 81
54%
2000 22 Antoine Walker 3091 37.70 BOS 23 82
54%
1999 55 Antoine Walker 1494 35.57 BOS 22 42
54%
1998 10 Antoine Walker 3424 41.76 BOS 21 82
54%
1997 36 Antoine Walker 2858 34.85 BOS 20 82
54%
2005 83 Antonio Daniels 1976 22.98 SEA 29 86
54%
2001 86 Antonio Daniels 1877 20.40 SAS 25 92
54%
2025 47 Austin Reaves 354 35.40 LAL 26 10
54%
2024 37 Austin Reaves 2861 32.15 LAL 26,25 89
54%
2023 95 Austin Reaves 2032 25.09 LAL 25,24 81
54%
2009 29 Ben Gordon 2869 32.24 CHI 25 89
54%
2008 84 Ben Gordon 2046 28.42 CHI 24 72
54%
2007 24 Ben Gordon 3012 32.74 CHI 23 92
54%
2006 56 Ben Gordon 2316 26.93 CHI 22 86
54%
2005 82 Ben Gordon 1981 22.51 CHI 21 88
54%
2021 27 Ben Simmons 2651 37.87 PHI 24 70
54%
2020 36 Ben Simmons 2443 42.86 PHI 23 57
54%
2019 9 Ben Simmons 3849 42.30 PHI 22 91
54%
2018 7 Ben Simmons 3906 42.92 PHI 21 91
54%
2007 70 Ben Wallace 2196 25.24 CHI 32 87
54%
2006 43 Ben Wallace 2544 25.44 DET 31 100
54%
2005 32 Ben Wallace 2836 28.65 DET 30 99
54%
2004 17 Ben Wallace 3196 30.73 DET 29 104
54%
2003 36 Ben Wallace 2784 30.93 DET 28 90
54%
2002 41 Ben Wallace 2597 28.86 DET 27 90
54%
2001 72 Ben Wallace 2102 26.28 DET 26 80
54%
2019 18 Blake Griffin 3377 43.86 DET 29 77
54%
2018 52 Blake Griffin 2397 41.33 DET,LAC 28 58
54%
2017 47 Blake Griffin 2588 40.44 LAC 27 64
54%
2015 7 Blake Griffin 3518 43.43 LAC 25 81
54%
2014 4 Blake Griffin 3980 42.80 LAC 24 93
54%
2013 20 Blake Griffin 2994 34.81 LAC 23 86
54%
2012 7 Blake Griffin 2977 38.66 LAC 22 77
54%
2011 9 Blake Griffin 3566 43.49 LAC 21 82
54%
2006 96 Bobby Simmons 1867 23.34 MIL 25 80
54%
2005 61 Bobby Simmons 2207 29.43 LAC 24 75
54%
2009 78 Brad Miller 2085 27.08 CHI,SAC 32 77
54%
2008 62 Brad Miller 2316 32.17 SAC 31 72
54%
2006 37 Brad Miller 2783 32.74 SAC 29 85
54%
2005 76 Brad Miller 2085 34.18 SAC 28 61
54%
2004 30 Brad Miller 2861 34.06 SAC 27 84
54%
2003 70 Brad Miller 2172 27.49 IND 26 79
54%
2002 70 Brad Miller 2199 27.15 IND,CHI 25 81
54%
2024 93 Brandon Miller 2052 27.73 CHO 21 74
54%
1998 60 Bryant Reeves 2221 30.01 VAN 24 74
54%
1997 64 Bryant Reeves 2239 29.85 VAN 23 75
54%
2001 93 Bryon Russell 1840 22.17 UTA 30 83
54%
2000 60 Bryon Russell 2308 25.09 UTA 29 92
54%
1999 67 Bryon Russell 1375 22.54 UTA 28 61
54%
1997 81 Bryon Russell 2024 20.04 UTA 26 101
54%
1982 84 Campy Russell 1966 25.53 NYK 30 77
54%
1981 57 Campy Russell 2344 28.94 NYK 29 81
54%
1979 29 Campy Russell 2945 39.80 CLE 27 74
54%
1978 41 Campy Russell 2608 35.24 CLE 26 74
54%
1977 65 Campy Russell 2152 29.48 CLE 25 73
54%
2020 100 Carmelo Anthony 1664 26.00 POR 36,35 64
54%
2018 65 Carmelo Anthony 2139 25.46 OKC 33 84
54%
2017 44 Carmelo Anthony 2617 35.36 NYK 32 74
54%
2016 28 Carmelo Anthony 2827 39.26 NYK 31 72
54%
2014 11 Carmelo Anthony 3364 43.69 NYK 29 77
54%
2013 11 Carmelo Anthony 3284 41.57 NYK 28 79
54%
2012 28 Carmelo Anthony 2284 38.07 NYK 27 60
54%
2011 15 Carmelo Anthony 3280 40.49 NYK,DEN 26 81
54%
2010 16 Carmelo Anthony 3249 43.32 DEN 25 75
54%
2009 16 Carmelo Anthony 3193 38.94 DEN 24 82
54%
2008 17 Carmelo Anthony 3351 41.37 DEN 23 81
54%
2007 21 Carmelo Anthony 3064 43.77 DEN 22 70
54%
2006 18 Carmelo Anthony 3249 38.22 DEN 21 85
54%
2005 37 Carmelo Anthony 2617 32.71 DEN 20 80
54%
2004 26 Carmelo Anthony 2935 34.13 DEN 19 86
54%
1977 52 Cazzie Russell 2440 26.24 LAL 32 93
54%
1993 91 Chris Morris 2093 25.52 NJN 27 82
54%
1992 88 Chris Morris 2096 25.88 NJN 26 81
54%
1991 77 Chris Morris 2237 28.32 NJN 25 79
54%
1990 92 Chris Morris 2104 26.30 NJN 24 80
54%
2004 85 Clifford Robinson 1972 24.05 GSW 37 82
54%
2003 55 Clifford Robinson 2352 24.00 DET 36 98
54%
2002 55 Clifford Robinson 2397 26.63 DET 35 90
54%
2001 57 Clifford Robinson 2414 28.07 PHO 34 86
54%
2000 38 Clifford Robinson 2704 30.38 PHO 33 89
54%
1999 50 Clifford Robinson 1522 28.72 PHO 32 53
54%
1998 70 Clifford Robinson 2113 25.15 PHO 31 84
54%
1997 59 Clifford Robinson 2337 27.49 POR 30 85
54%
1996 29 Clifford Robinson 2743 33.05 POR 29 83
54%
1995 39 Clifford Robinson 2666 34.18 POR 28 78
54%
1994 29 Clifford Robinson 2863 33.29 POR 27 86
54%
1993 40 Clifford Robinson 2820 32.79 POR 26 86
54%
1992 68 Clifford Robinson 2342 22.74 POR 25 103
54%
1991 96 Clifford Robinson 2049 20.91 POR 24 98
54%
1988 85 Cliff Robinson 1963 31.66 PHI 27 62
54%
1986 32 Cliff Robinson 2851 34.35 WSB 25 83
54%
1985 89 Cliff Robinson 2048 32.00 WSB 24 64
54%
1984 56 Cliff Robinson 2507 34.34 CLE 23 73
54%
1983 44 Cliff Robinson 2652 34.44 CLE 22 77
54%
1982 58 Cliff Robinson 2298 33.79 CLE,KCK 21 68
54%
1981 90 Cliff Robinson 2030 32.22 NJN 20 63
54%
2022 77 Clint Capela 2108 27.03 ATL 28,27 78
54%
2021 32 Clint Capela 2577 31.81 ATL 26 81
54%
2019 49 Clint Capela 2567 32.91 HOU 24 78
54%
2018 32 Clint Capela 2666 29.30 HOU 23 91
54%
2017 91 Clint Capela 1855 24.41 HOU 22 76
54%
2022 67 Cole Anthony 2211 34.02 ORL 21 65
54%
2025 86 D'Angelo Russell 261 26.10 LAL 28 10
54%
2024 34 D'Angelo Russell 2874 34.63 LAL 28,27 83
54%
2023 35 D'Angelo Russell 2898 32.93 LAL,MIN 27,26 88
54%
2022 42 D'Angelo Russell 2621 36.40 MIN 26,25 72
54%
2020 77 D'Angelo Russell 1847 41.04 GSW,MIN 23 45
54%
2019 17 D'Angelo Russell 3432 39.91 BRK 22 86
54%
2017 87 D'Angelo Russell 1914 30.38 LAL 20 63
54%
2016 79 D'Angelo Russell 1966 24.58 LAL 19 80
54%
1991 93 Darrell Walker 2080 29.30 WSB 29 71
54%
1990 31 Darrell Walker 2959 36.53 WSB 28 81
54%
1989 67 Darrell Walker 2391 30.27 WSB 27 79
54%
1987 80 Darrell Walker 2084 24.81 DEN 25 84
54%
1986 97 Darrell Walker 1914 23.63 NYK 24 81
54%
1985 65 Darrell Walker 2385 29.09 NYK 23 82
54%
2002 79 David Robinson 2069 25.23 SAS 36 82
54%
2001 38 David Robinson 2812 30.24 SAS 35 93
54%
2000 29 David Robinson 2949 35.11 SAS 34 84
54%
1999 8 David Robinson 2248 34.06 SAS 33 66
54%
1998 11 David Robinson 3392 41.37 SAS 32 82
54%
1996 3 David Robinson 4352 47.30 SAS 30 92
54%
1995 3 David Robinson 4700 48.96 SAS 29 96
54%
1994 4 David Robinson 4565 54.35 SAS 28 84
54%
1993 4 David Robinson 4348 47.26 SAS 27 92
54%
1992 17 David Robinson 3232 47.53 SAS 26 68
54%
1991 7 David Robinson 4221 49.08 SAS 25 86
54%
1990 10 David Robinson 4221 45.88 SAS 24 92
54%
2020 72 Duncan Robinson 1872 19.91 MIA 25 94
54%
2018 30 Dwight Howard 2748 33.93 CHO 32 81
54%
2017 50 Dwight Howard 2445 30.56 ATL 31 80
54%
2016 48 Dwight Howard 2352 30.95 HOU 30 76
54%
2015 92 Dwight Howard 1876 32.34 HOU 29 58
54%
2014 26 Dwight Howard 2894 37.58 HOU 28 77
54%
2013 29 Dwight Howard 2856 35.70 LAL 27 80
54%
2012 25 Dwight Howard 2303 42.65 ORL 26 54
54%
2011 8 Dwight Howard 3665 43.63 ORL 25 84
54%
2010 8 Dwight Howard 3683 38.36 ORL 24 96
54%
2009 5 Dwight Howard 4235 41.52 ORL 23 102
54%
2008 8 Dwight Howard 3733 40.58 ORL 22 92
54%
2007 17 Dwight Howard 3133 36.43 ORL 21 86
54%
2006 40 Dwight Howard 2744 33.46 ORL 20 82
54%
2005 64 Dwight Howard 2167 26.43 ORL 19 82
54%
2018 62 Eric Gordon 2173 25.27 HOU 29 86
54%
2017 66 Eric Gordon 2126 24.72 HOU 28 86
54%
2011 86 Eric Gordon 1988 35.50 LAC 22 56
54%
2009 85 Eric Gordon 1996 25.59 LAC 20 78
54%
1980 64 Foots Walker 2380 31.32 CLE 28 76
54%
1978 73 Foots Walker 2190 26.39 CLE 26 83
54%
2012 72 Gerald Wallace 1635 28.19 NJN,POR 29 58
54%
2011 56 Gerald Wallace 2387 31.00 POR,CHA 28 77
54%
2010 30 Gerald Wallace 2805 35.06 CHA 27 80
54%
2009 60 Gerald Wallace 2301 32.41 CHA 26 71
54%
2008 71 Gerald Wallace 2194 35.39 CHA 25 62
54%
2007 53 Gerald Wallace 2405 33.40 CHA 24 72
54%
2003 49 Glenn Robinson 2420 35.07 ATL 30 69
54%
2002 66 Glenn Robinson 2246 34.03 MIL 29 66
54%
2001 16 Glenn Robinson 3473 36.95 MIL 28 94
54%
2000 33 Glenn Robinson 2819 32.78 MIL 27 86
54%
1999 47 Glenn Robinson 1530 30.60 MIL 26 50
54%
1998 81 Glenn Robinson 2034 36.32 MIL 25 56
54%
1997 35 Glenn Robinson 2858 35.73 MIL 24 80
54%
1996 27 Glenn Robinson 2887 35.21 MIL 23 82
54%
1995 31 Glenn Robinson 2799 34.99 MIL 22 80
54%
1996 72 Greg Anthony 2220 32.17 VAN 28 69
54%
1994 97 Greg Anthony 1968 18.74 NYK 26 105
54%
2025 28 Ivica Zubac 404 36.73 LAC 27 11
54%
2022 99 Ivica Zubac 1816 23.28 LAC 25,24 78
54%
2021 93 Ivica Zubac 1669 18.75 LAC 23 89
54%
1993 77 James Worthy 2260 25.98 LAL 31 87
54%
1991 16 James Worthy 3328 34.67 LAL 29 96
54%
1990 22 James Worthy 3226 36.25 LAL 28 89
54%
1989 15 James Worthy 3477 36.22 LAL 27 96
54%
1988 20 James Worthy 3466 35.01 LAL 26 99
54%
1987 20 James Worthy 3405 34.05 LAL 25 100
54%
1986 29 James Worthy 2903 32.62 LAL 24 89
54%
1985 29 James Worthy 3093 31.24 LAL 23 99
54%
1984 33 James Worthy 2887 28.03 LAL 22 103
54%
1983 100 James Worthy 1851 24.04 LAL 21 77
54%
2011 19 Jason Kidd 3100 30.69 DAL 37 101
54%
2010 20 Jason Kidd 3085 35.87 DAL 36 86
54%
2009 18 Jason Kidd 3149 34.60 DAL 35 91
54%
2008 14 Jason Kidd 3390 39.88 DAL,NJN 34 85
54%
2007 6 Jason Kidd 3913 42.53 NJN 33 92
54%
2006 13 Jason Kidd 3615 39.73 NJN 32 91
54%
2005 33 Jason Kidd 2834 40.49 NJN 31 70
54%
2004 13 Jason Kidd 3277 42.01 NJN 30 78
54%
2003 4 Jason Kidd 4547 45.47 NJN 29 100
54%
2002 1 Jason Kidd 4575 44.85 NJN 28 102
54%
2001 11 Jason Kidd 3683 45.47 PHO 27 81
54%
2000 18 Jason Kidd 3177 43.52 PHO 26 73
54%
1999 4 Jason Kidd 2516 47.47 PHO 25 53
54%
1998 13 Jason Kidd 3302 38.40 PHO 24 86
54%
1997 65 Jason Kidd 2185 36.42 PHO,DAL 23 60
54%
1996 11 Jason Kidd 3668 45.28 DAL 22 81
54%
1995 33 Jason Kidd 2741 34.70 DAL 21 79
54%
1992 42 Jeff Malone 2735 28.20 UTA 30 97
54%
1991 87 Jeff Malone 2119 27.17 UTA 29 78
54%
1990 58 Jeff Malone 2566 34.21 WSB 28 75
54%
1989 73 Jeff Malone 2321 30.54 WSB 27 76
54%
1988 54 Jeff Malone 2562 30.14 WSB 26 85
54%
1987 45 Jeff Malone 2731 32.90 WSB 25 83
54%
1986 41 Jeff Malone 2717 31.96 WSB 24 85
54%
1985 80 Jeff Malone 2163 27.04 WSB 23 80
54%
2016 90 Jeremy Lin 1881 22.13 CHO 27 85
54%
2015 94 Jeremy Lin 1820 24.59 LAL 26 74
54%
2014 95 Jeremy Lin 1906 24.75 HOU 25 77
54%
2013 45 Jeremy Lin 2542 29.56 HOU 24 86
54%
2003 37 John Stockton 2629 30.22 UTA 40 87
54%
2002 19 John Stockton 3047 35.43 UTA 39 86
54%
2001 28 John Stockton 2954 33.95 UTA 38 87
54%
2000 20 John Stockton 3132 34.04 UTA 37 92
54%
1999 19 John Stockton 1902 31.18 UTA 36 61
54%
1998 27 John Stockton 2747 32.70 UTA 35 84
54%
1997 3 John Stockton 4132 40.51 UTA 34 102
54%
1996 5 John Stockton 4105 41.05 UTA 33 100
54%
1995 7 John Stockton 3911 44.95 UTA 32 87
54%
1994 5 John Stockton 4409 44.99 UTA 31 98
54%
1993 8 John Stockton 3870 44.48 UTA 30 87
54%
1992 2 John Stockton 4842 49.41 UTA 29 98
54%
1991 3 John Stockton 4704 51.69 UTA 28 91
54%
1990 7 John Stockton 4291 51.70 UTA 27 83
54%
1989 4 John Stockton 4351 51.19 UTA 26 85
54%
1988 4 John Stockton 4581 49.26 UTA 25 93
54%
1987 57 John Stockton 2487 28.59 UTA 24 87
54%
1986 67 John Stockton 2262 26.30 UTA 23 86
54%
1998 92 John Wallace 1903 23.21 TOR 23 82
54%
2025 64 Jordan Poole 302 33.56 WAS 25 9
54%
2024 67 Jordan Poole 2365 30.32 WAS 24 78
54%
2023 31 Jordan Poole 2989 31.46 GSW 23 95
54%
2022 27 Jordan Poole 2982 30.43 GSW 22 98
54%
2008 47 Josh Howard 2580 31.85 DAL 27 81
54%
2007 49 Josh Howard 2427 31.93 DAL 26 76
54%
2006 59 Josh Howard 2266 27.63 DAL 25 82
54%
2005 63 Josh Howard 2188 24.58 DAL 24 89
54%
2004 60 Juwan Howard 2338 28.86 ORL 30 81
54%
2003 40 Juwan Howard 2575 33.44 DEN 29 77
54%
2002 67 Juwan Howard 2228 27.51 DAL,DEN 28 81
54%
2001 36 Juwan Howard 2850 31.32 DAL,WAS 27 91
54%
2000 64 Juwan Howard 2272 27.71 WAS 26 82
54%
1999 75 Juwan Howard 1245 34.58 WAS 25 36
54%
1998 66 Juwan Howard 2154 33.66 WAS 24 64
54%
1997 26 Juwan Howard 3048 35.86 WSB 23 85
54%
1996 15 Juwan Howard 3275 40.43 WSB 22 81
54%
1995 82 Juwan Howard 2046 31.48 WSB 21 65
54%
2004 89 Karl Malone 1914 30.38 LAL 40 63
54%
2003 15 Karl Malone 3402 39.56 UTA 39 86
54%
2002 12 Karl Malone 3521 41.92 UTA 38 84
54%
2001 13 Karl Malone 3649 42.43 UTA 37 86
54%
2000 3 Karl Malone 4069 44.23 UTA 36 92
54%
1999 2 Karl Malone 2608 43.47 UTA 35 60
54%
1998 1 Karl Malone 4743 46.96 UTA 34 101
54%
1997 1 Karl Malone 4858 47.63 UTA 33 102
54%
1996 2 Karl Malone 4659 46.59 UTA 32 100
54%
1995 4 Karl Malone 4106 47.20 UTA 31 87
54%
1994 2 Karl Malone 4686 47.82 UTA 30 98
54%
1993 6 Karl Malone 4161 47.83 UTA 29 87
54%
1992 5 Karl Malone 4593 47.35 UTA 28 97
54%
1991 4 Karl Malone 4522 49.69 UTA 27 91
54%
1990 8 Karl Malone 4289 49.30 UTA 26 87
54%
1989 9 Karl Malone 3984 48.00 UTA 25 83
54%
1988 6 Karl Malone 4330 46.56 UTA 24 93
54%
1987 23 Karl Malone 3289 37.80 UTA 23 87
54%
1986 44 Karl Malone 2675 31.47 UTA 22 85
54%
2020 27 Kemba Walker 2571 35.22 BOS 29 73
54%
2019 13 Kemba Walker 3567 43.50 CHO 28 82
54%
2018 23 Kemba Walker 3021 37.76 CHO 27 80
54%
2017 21 Kemba Walker 3113 39.41 CHO 26 79
54%
2016 15 Kemba Walker 3302 37.52 CHO 25 88
54%
2015 66 Kemba Walker 2051 33.08 CHO 24 62
54%
2014 33 Kemba Walker 2759 35.83 CHA 23 77
54%
2013 27 Kemba Walker 2871 35.01 CHA 22 82
54%
2012 67 Kemba Walker 1691 25.62 CHA 21 66
54%
1984 59 Kenny Carr 2465 28.33 POR 28 87
54%
1983 79 Kenny Carr 2055 23.09 POR 27 89
54%
1981 43 Kenny Carr 2567 31.69 CLE 25 81
54%
2009 88 Kenyon Martin 1966 23.98 DEN 31 82
54%
2005 56 Kenyon Martin 2228 29.71 DEN 27 75
54%
2004 44 Kenyon Martin 2582 33.97 NJN 26 76
54%
2003 20 Kenyon Martin 3200 32.99 NJN 25 97
54%
2002 34 Kenyon Martin 2684 28.86 NJN 24 93
54%
2001 97 Kenyon Martin 1769 26.01 NJN 23 68
54%
2013 63 Kevin Garnett 2203 29.77 BOS 36 74
54%
2012 13 Kevin Garnett 2610 32.63 BOS 35 80
54%
2011 45 Kevin Garnett 2485 31.06 BOS 34 80
54%
2010 40 Kevin Garnett 2668 29.00 BOS 33 92
54%
2008 9 Kevin Garnett 3711 38.26 BOS 31 97
54%
2007 9 Kevin Garnett 3520 46.32 MIN 30 76
54%
2006 16 Kevin Garnett 3449 45.38 MIN 29 76
54%
2005 4 Kevin Garnett 4090 49.88 MIN 28 82
54%
2004 1 Kevin Garnett 5192 51.92 MIN 27 100
54%
2003 3 Kevin Garnett 4555 51.76 MIN 26 88
54%
2002 8 Kevin Garnett 3929 46.77 MIN 25 84
54%
2001 5 Kevin Garnett 3939 46.34 MIN 24 85
54%
2000 4 Kevin Garnett 4057 47.73 MIN 23 85
54%
1999 9 Kevin Garnett 2211 43.35 MIN 22 51
54%
1998 9 Kevin Garnett 3472 39.91 MIN 21 87
54%
1997 38 Kevin Garnett 2776 34.70 MIN 20 80
54%
2022 87 Kevin Love 1945 25.59 CLE 33 76
54%
2020 67 Kevin Love 1942 34.68 CLE 31 56
54%
2018 41 Kevin Love 2477 30.96 CLE 29 80
54%
2017 37 Kevin Love 2705 34.68 CLE 28 78
54%
2016 21 Kevin Love 3036 31.30 CLE 27 97
54%
2015 35 Kevin Love 2493 31.56 CLE 26 79
54%
2014 7 Kevin Love 3749 48.69 MIN 25 77
54%
2012 16 Kevin Love 2463 44.78 MIN 23 55
54%
2011 22 Kevin Love 3029 41.49 MIN 22 73
54%
2011 40 Kevin Martin 2625 32.81 HOU 27 80
54%
2008 85 Kevin Martin 2041 33.46 SAC 24 61
54%
2007 52 Kevin Martin 2415 30.19 SAC 23 80
54%
1991 51 Kevin McHale 2513 31.81 BOS 33 79
54%
1990 26 Kevin McHale 3107 35.71 BOS 32 87
54%
1989 30 Kevin McHale 2964 36.59 BOS 31 81
54%
1988 24 Kevin McHale 3128 38.62 BOS 30 81
54%
1987 6 Kevin McHale 4130 42.14 BOS 29 98
54%
1986 17 Kevin McHale 3274 38.07 BOS 28 86
54%
1985 13 Kevin McHale 3503 35.03 BOS 27 100
54%
1984 27 Kevin McHale 3053 29.08 BOS 26 105
54%
1983 64 Kevin McHale 2286 25.69 BOS 25 89
54%
1982 50 Kevin McHale 2403 25.56 BOS 24 94
54%
2024 100 Khris Middleton 1998 32.75 MIL 32 61
54%
2022 46 Khris Middleton 2561 37.66 MIL 30 68
54%
2021 8 Khris Middleton 3605 39.62 MIL 29 91
54%
2020 24 Khris Middleton 2674 37.14 MIL 28 72
54%
2019 28 Khris Middleton 3107 33.77 MIL 27 92
54%
2018 17 Khris Middleton 3141 35.29 MIL 26 89
54%
2016 40 Khris Middleton 2548 32.25 MIL 24 79
54%
2015 64 Khris Middleton 2057 24.20 MIL 23 85
54%
2024 48 Kyle Kuzma 2695 38.50 WAS 28 70
54%
2023 60 Kyle Kuzma 2363 36.92 WAS 27 64
54%
2022 64 Kyle Kuzma 2256 34.18 WAS 26 66
54%
2021 87 Kyle Kuzma 1721 22.95 LAL 25 75
54%
2019 76 Kyle Kuzma 2113 30.19 LAL 23 70
54%
2018 70 Kyle Kuzma 2090 27.14 LAL 22 77
54%
1994 58 Lionel Simmons 2455 32.73 SAC 25 75
54%
1993 55 Lionel Simmons 2487 36.04 SAC 24 69
54%
1992 34 Lionel Simmons 2911 37.32 SAC 23 78
54%
1991 29 Lionel Simmons 2946 37.29 SAC 22 79
54%
2015 99 Manu Ginobili 1776 23.06 SAS 37 77
54%
2014 59 Manu Ginobili 2346 25.78 SAS 36 91
54%
2013 68 Manu Ginobili 2107 26.01 SAS 35 81
54%
2011 32 Manu Ginobili 2806 33.01 SAS 33 85
54%
2010 36 Manu Ginobili 2767 32.55 SAS 32 85
54%
2008 25 Manu Ginobili 3118 34.26 SAS 30 91
54%
2007 28 Manu Ginobili 2856 30.06 SAS 29 95
54%
2006 64 Manu Ginobili 2210 28.33 SAS 28 78
54%
2005 23 Manu Ginobili 3077 31.72 SAS 27 97
54%
2004 63 Manu Ginobili 2328 26.76 SAS 26 87
54%
2019 26 Marc Gasol 3139 30.48 TOR,MEM 34 103
54%
2018 33 Marc Gasol 2615 35.82 MEM 33 73
54%
2017 25 Marc Gasol 2963 37.04 MEM 32 80
54%
2015 9 Marc Gasol 3315 36.03 MEM 30 92
54%
2014 77 Marc Gasol 2103 31.86 MEM 29 66
54%
2013 16 Marc Gasol 3131 32.96 MEM 28 95
54%
2012 21 Marc Gasol 2334 32.42 MEM 27 72
54%
2011 42 Marc Gasol 2571 27.35 MEM 26 94
54%
2010 76 Marc Gasol 2156 31.25 MEM 25 69
54%
2009 84 Marc Gasol 2019 24.62 MEM 24 82
54%
2020 73 Marcus Morris 1863 24.84 LAC,NYK 30 75
54%
2019 86 Marcus Morris 2014 23.98 BOS 29 84
54%
2017 90 Marcus Morris 1868 23.65 DET 27 79
54%
2016 60 Marcus Morris 2133 25.39 DET 26 84
54%
2017 59 Markieff Morris 2245 25.22 WAS 27 89
54%
2015 47 Markieff Morris 2288 27.90 PHO 25 82
54%
2014 83 Markieff Morris 2007 24.78 PHO 24 81
54%
2008 50 Michael Redd 2513 34.90 MIL 28 72
54%
2007 83 Michael Redd 1932 36.45 MIL 27 53
54%
2006 25 Michael Redd 3111 36.60 MIL 26 85
54%
2005 43 Michael Redd 2450 32.67 MIL 25 75
54%
2004 33 Michael Redd 2781 31.97 MIL 24 87
54%
2003 76 Michael Redd 2063 23.44 MIL 23 88
54%
2025 98 Mikal Bridges 249 27.67 NYK 28 9
54%
2024 49 Mikal Bridges 2687 32.77 BRK 27 82
54%
2023 38 Mikal Bridges 2884 33.15 BRK,PHO 26 87
54%
2022 58 Mikal Bridges 2346 24.69 PHO 25 95
54%
2021 52 Mikal Bridges 2169 23.07 PHO 24 94
54%
2009 95 Mike Miller 1918 26.27 MIN 28 73
54%
2008 75 Mike Miller 2145 30.64 MEM 27 70
54%
2007 58 Mike Miller 2339 33.41 MEM 26 70
54%
2006 87 Mike Miller 1957 25.09 MEM 25 78
54%
2005 91 Mike Miller 1922 24.03 MEM 24 80
54%
2001 100 Mike Miller 1735 20.17 ORL 20 86
54%
2024 60 Miles Bridges 2514 36.43 CHO 25 69
54%
2022 28 Miles Bridges 2938 36.27 CHO 24,23 81
54%
2021 94 Miles Bridges 1668 24.90 CHO 23,22 67
54%
1980 94 M.L. Carr 1856 20.40 BOS 29 91
54%
1979 35 M.L. Carr 2853 35.66 DET 28 80
54%
1978 80 M.L. Carr 2081 26.34 DET 27 79
54%
1977 55 M.L. Carr 2368 27.86 DET 26 85
54%
2022 81 Monte Morris 2048 25.60 DEN 26 80
54%
2020 94 Monte Morris 1698 18.46 DEN 24 92
54%
2019 98 Monte Morris 1888 19.67 DEN 23 96
54%
1992 66 Moses Malone 2347 28.62 MIL 36 82
54%
1990 45 Moses Malone 2731 33.72 ATL 34 81
54%
1989 22 Moses Malone 3190 37.09 ATL 33 86
54%
1988 30 Moses Malone 3016 35.90 WSB 32 84
54%
1987 31 Moses Malone 3088 40.63 WSB 31 76
54%
1986 26 Moses Malone 2949 39.85 PHI 30 74
54%
1985 6 Moses Malone 3909 42.49 PHI 29 92
54%
1984 23 Moses Malone 3136 41.26 PHI 28 76
54%
1983 3 Moses Malone 4178 45.91 PHI 27 91
54%
1982 3 Moses Malone 4340 51.67 HOU 26 84
54%
1981 1 Moses Malone 4901 48.52 HOU 25 101
54%
1980 4 Moses Malone 4102 46.09 HOU 24 89
54%
1979 3 Moses Malone 4070 48.45 HOU 23 84
54%
1978 70 Moses Malone 2216 37.56 HOU 22 59
54%
1977 20 Moses Malone 3057 32.52 HOU,BUF 21 94
54%
2013 50 Nate Robinson 2416 25.70 CHI 28 94
54%
2009 63 Nate Robinson 2265 30.61 NYK 24 74
54%
1996 70 Oliver Miller 2233 29.38 TOR 25 76
54%
1994 98 Oliver Miller 1962 24.84 PHO 23 79
54%
2018 73 Pau Gasol 2056 25.07 SAS 37 82
54%
2017 76 Pau Gasol 2008 25.10 SAS 36 80
54%
2016 30 Pau Gasol 2756 38.28 CHI 35 72
54%
2015 10 Pau Gasol 3283 37.31 CHI 34 88
54%
2014 71 Pau Gasol 2142 35.70 LAL 33 60
54%
2012 11 Pau Gasol 2789 36.22 LAL 31 77
54%
2011 11 Pau Gasol 3407 37.03 LAL 30 92
54%
2010 11 Pau Gasol 3434 39.02 LAL 29 88
54%
2009 6 Pau Gasol 3858 37.10 LAL 28 104
54%
2008 26 Pau Gasol 3115 35.80 LAL,MEM 27 87
54%
2007 55 Pau Gasol 2364 40.07 MEM 26 59
54%
2006 17 Pau Gasol 3421 40.73 MEM 25 84
54%
2005 88 Pau Gasol 1951 32.52 MEM 24 60
54%
2004 38 Pau Gasol 2677 32.65 MEM 23 82
54%
2003 30 Pau Gasol 2915 35.55 MEM 22 82
54%
2002 25 Pau Gasol 2827 34.48 MEM 21 82
54%
2014 75 Paul Pierce 2115 24.31 BRK 36 87
54%
2013 21 Paul Pierce 2992 36.05 BOS 35 83
54%
2012 9 Paul Pierce 2812 34.72 BOS 34 81
54%
2011 29 Paul Pierce 2890 32.47 BOS 33 89
54%
2010 24 Paul Pierce 2953 31.08 BOS 32 95
54%
2009 13 Paul Pierce 3291 34.64 BOS 31 95
54%
2008 7 Paul Pierce 3758 35.45 BOS 30 106
54%
2007 88 Paul Pierce 1899 40.40 BOS 29 47
54%
2006 15 Paul Pierce 3537 44.77 BOS 28 79
54%
2005 14 Paul Pierce 3477 39.07 BOS 27 89
54%
2004 6 Paul Pierce 3508 41.76 BOS 26 84
54%
2003 8 Paul Pierce 4049 45.49 BOS 25 89
54%
2002 4 Paul Pierce 4182 42.67 BOS 24 98
54%
2001 22 Paul Pierce 3306 40.32 BOS 23 82
54%
2000 53 Paul Pierce 2479 33.96 BOS 22 73
54%
1999 58 Paul Pierce 1462 30.46 BOS 21 48
54%
2008 55 Rasheed Wallace 2425 25.80 DET 33 94
54%
2007 54 Rasheed Wallace 2371 26.05 DET 32 91
54%
2006 36 Rasheed Wallace 2788 28.45 DET 31 98
54%
2005 27 Rasheed Wallace 2901 27.89 DET 30 104
54%
2004 40 Rasheed Wallace 2652 29.14 DET,ATL,POR 29 91
54%
2003 43 Rasheed Wallace 2544 31.41 POR 28 81
54%
2002 27 Rasheed Wallace 2799 34.13 POR 27 82
54%
2001 37 Rasheed Wallace 2820 35.25 POR 26 80
54%
2000 32 Rasheed Wallace 2849 29.37 POR 25 97
54%
1999 63 Rasheed Wallace 1418 22.87 POR 24 62
54%
1998 58 Rasheed Wallace 2258 27.88 POR 23 81
54%
2004 97 Reggie Miller 1871 19.49 IND 38 96
54%
2002 60 Reggie Miller 2298 27.36 IND 36 84
54%
2001 48 Reggie Miller 2598 30.56 IND 35 85
54%
2000 31 Reggie Miller 2926 28.41 IND 34 103
54%
1999 31 Reggie Miller 1719 27.29 IND 33 63
54%
1998 31 Reggie Miller 2674 27.57 IND 32 97
54%
1997 41 Reggie Miller 2683 33.12 IND 31 81
54%
1996 56 Reggie Miller 2449 31.81 IND 30 77
54%
1995 22 Reggie Miller 2982 30.43 IND 29 98
54%
1994 25 Reggie Miller 2961 31.17 IND 28 95
54%
1993 36 Reggie Miller 2827 32.87 IND 27 86
54%
1992 35 Reggie Miller 2892 34.02 IND 26 85
54%
1991 23 Reggie Miller 3082 35.43 IND 25 87
54%
1990 24 Reggie Miller 3150 37.06 IND 24 85
54%
1989 93 Reggie Miller 2049 27.69 IND 23 74
54%
1993 49 Ricky Pierce 2625 27.34 SEA 33 96
54%
1992 41 Ricky Pierce 2771 31.85 SEA 32 87
54%
1991 71 Ricky Pierce 2282 27.49 SEA,MIL 31 83
54%
1989 80 Ricky Pierce 2211 26.32 MIL 29 84
54%
1987 59 Ricky Pierce 2448 26.90 MIL 27 91
54%
1986 90 Ricky Pierce 2032 21.62 MIL 26 94
54%
1993 85 Robert Parish 2143 25.82 BOS 39 83
54%
1992 64 Robert Parish 2392 26.88 BOS 38 89
54%
1991 41 Robert Parish 2641 29.02 BOS 37 91
54%
1990 62 Robert Parish 2519 29.99 BOS 36 84
54%
1989 26 Robert Parish 3118 37.57 BOS 35 83
54%
1988 55 Robert Parish 2548 28.00 BOS 34 91
54%
1987 18 Robert Parish 3492 34.57 BOS 33 101
54%
1986 22 Robert Parish 3063 30.94 BOS 32 99
54%
1985 19 Robert Parish 3336 33.36 BOS 31 100
54%
1984 9 Robert Parish 3534 34.31 BOS 30 103
54%
1983 24 Robert Parish 3054 35.93 BOS 29 85
54%
1982 12 Robert Parish 3475 37.77 BOS 28 92
54%
1981 9 Robert Parish 3411 34.45 BOS 27 99
54%
1980 58 Robert Parish 2423 33.65 GSW 26 72
54%
1979 41 Robert Parish 2767 36.41 GSW 25 76
54%
1978 78 Robert Parish 2097 25.57 GSW 24 82
54%
1977 96 Robert Parish 1801 20.70 GSW 23 87
54%
2025 79 Rudy Gobert 273 27.30 MIN 32 10
54%
2024 36 Rudy Gobert 2866 31.49 MIN 31 91
54%
2023 73 Rudy Gobert 2276 29.95 MIN 31,30 76
54%
2022 50 Rudy Gobert 2485 34.51 UTA 29 72
54%
2021 26 Rudy Gobert 2727 33.26 UTA 28 82
54%
2020 29 Rudy Gobert 2558 34.11 UTA 27 75
54%
2019 32 Rudy Gobert 3037 35.31 UTA 26 86
54%
2018 76 Rudy Gobert 2010 30.00 UTA 25 67
54%
2017 28 Rudy Gobert 2865 31.83 UTA 24 90
54%
2015 83 Rudy Gobert 1932 23.56 UTA 22 82
54%
1992 73 Rumeal Robinson 2295 28.33 ATL 25 81
54%
2006 77 Steve Francis 2076 29.66 NYK,ORL 28 70
54%
2005 18 Steve Francis 3347 42.91 ORL 27 78
54%
2004 20 Steve Francis 3125 37.20 HOU 26 84
54%
2003 18 Steve Francis 3388 41.83 HOU 25 81
54%
2002 49 Steve Francis 2455 43.07 HOU 24 57
54%
2001 20 Steve Francis 3350 41.88 HOU 23 80
54%
2000 28 Steve Francis 2958 38.42 HOU 22 77
54%
2012 22 Steve Nash 2332 37.61 PHO 37 62
54%
2011 17 Steve Nash 3128 41.71 PHO 36 75
54%
2010 4 Steve Nash 4102 42.29 PHO 35 97
54%
2009 28 Steve Nash 2882 38.95 PHO 34 74
54%
2008 10 Steve Nash 3683 42.83 PHO 33 86
54%
2007 4 Steve Nash 4052 46.57 PHO 32 87
54%
2006 5 Steve Nash 4448 44.93 PHO 31 99
54%
2005 6 Steve Nash 4003 44.48 PHO 30 90
54%
2004 23 Steve Nash 2997 36.11 DAL 29 83
54%
2003 12 Steve Nash 3676 36.04 DAL 28 102
54%
2002 14 Steve Nash 3377 37.52 DAL 27 90
54%
2001 44 Steve Nash 2713 33.91 DAL 26 80
54%
2015 27 Tim Duncan 2716 32.33 SAS 38 84
54%
2014 14 Tim Duncan 3173 32.71 SAS 37 97
54%
2013 12 Tim Duncan 3241 36.01 SAS 36 90
54%
2012 27 Tim Duncan 2296 31.89 SAS 35 72
54%
2011 43 Tim Duncan 2491 30.38 SAS 34 82
54%
2010 17 Tim Duncan 3203 36.40 SAS 33 88
54%
2009 20 Tim Duncan 3122 39.03 SAS 32 80
54%
2008 6 Tim Duncan 3785 39.84 SAS 31 95
54%
2007 2 Tim Duncan 4125 41.25 SAS 30 100
54%
2006 12 Tim Duncan 3699 39.77 SAS 29 93
54%
2005 10 Tim Duncan 3665 41.18 SAS 28 89
54%
2004 7 Tim Duncan 3496 44.25 SAS 27 79
54%
2003 1 Tim Duncan 5161 49.15 SAS 26 105
54%
2002 2 Tim Duncan 4522 49.69 SAS 25 91
54%
2001 3 Tim Duncan 4221 44.43 SAS 24 95
54%
2000 14 Tim Duncan 3333 45.04 SAS 23 74
54%
1999 1 Tim Duncan 2812 41.97 SAS 22 67
54%
1998 4 Tim Duncan 3746 41.16 SAS 21 91
54%
2000 92 Toni Kukoc 1915 29.02 PHI,CHI 31 66
54%
1999 34 Toni Kukoc 1668 37.91 CHI 30 44
54%
1998 38 Toni Kukoc 2564 26.99 CHI 29 95
54%
1997 90 Toni Kukoc 1945 25.59 CHI 28 76
54%
1996 58 Toni Kukoc 2413 25.14 CHI 27 96
54%
1995 27 Toni Kukoc 2905 31.92 CHI 26 91
54%
1994 100 Toni Kukoc 1942 22.85 CHI 25 85
54%
2008 31 Tracy McGrady 2945 40.90 HOU 28 72
54%
2007 10 Tracy McGrady 3500 44.87 HOU 27 78
54%
2006 83 Tracy McGrady 2004 42.64 HOU 26 47
54%
2005 7 Tracy McGrady 3952 46.49 HOU 25 85
54%
2004 19 Tracy McGrady 3155 47.09 ORL 24 67
54%
2003 6 Tracy McGrady 4255 51.89 ORL 23 82
54%
2002 10 Tracy McGrady 3738 46.73 ORL 22 80
54%
2001 7 Tracy McGrady 3822 47.19 ORL 21 81
54%
2000 46 Tracy McGrady 2576 31.41 TOR 20 82
54%
1999 100 Tracy McGrady 1080 22.04 TOR 19 49
54%
1983 88 Truck Robinson 1996 22.94 NYK 31 87
54%
1982 34 Truck Robinson 2753 33.99 PHO 30 81
54%
1981 19 Truck Robinson 3032 34.07 PHO 29 89
54%
1980 42 Truck Robinson 2636 31.01 PHO 28 85
54%
1979 33 Truck Robinson 2921 34.77 PHO,NOJ 27 84
54%
1978 7 Truck Robinson 3644 44.44 NOJ 26 82
54%
1977 38 Truck Robinson 2678 34.78 ATL,WSB 25 77
54%
2014 93 Vince Carter 1923 21.85 DAL 37 88
54%
2013 86 Vince Carter 1928 23.80 DAL 36 81
54%
2010 51 Vince Carter 2435 27.36 ORL 33 89
54%
2009 26 Vince Carter 2944 36.80 NJN 32 80
54%
2008 30 Vince Carter 2979 39.20 NJN 31 76
54%
2007 5 Vince Carter 3956 42.09 NJN 30 94
54%
2006 11 Vince Carter 3741 41.57 NJN 29 90
54%
2005 21 Vince Carter 3294 40.67 NJN,TOR 28 81
54%
2004 31 Vince Carter 2843 38.95 TOR 27 73
54%
2002 52 Vince Carter 2412 40.20 TOR 25 60
54%
2001 8 Vince Carter 3821 43.92 TOR 24 87
54%
2000 7 Vince Carter 3550 41.76 TOR 23 85
54%
1999 36 Vince Carter 1626 32.52 TOR 22 50
54%
2022 84 Wendell Carter Jr. 2000 32.26 ORL 22 62
54%
2000 89 Alan Henderson 1943 23.70 ATL 27 82
46%
2022 47 Al Horford 2529 27.49 BOS 35 92
46%
2020 62 Al Horford 1988 28.00 PHI 33 71
46%
2019 56 Al Horford 2391 31.05 BOS 32 77
46%
2018 27 Al Horford 2879 31.64 BOS 31 91
46%
2017 30 Al Horford 2841 33.03 BOS 30 86
46%
2016 27 Al Horford 2855 31.03 ATL 29 92
46%
2015 22 Al Horford 2877 31.27 ATL 28 92
46%
2013 26 Al Horford 2882 36.03 ATL 26 80
46%
2011 28 Al Horford 2919 32.80 ATL 24 89
46%
2010 31 Al Horford 2802 30.46 ATL 23 92
46%
2009 83 Al Horford 2033 26.75 ATL 22 76
46%
2008 68 Al Horford 2211 25.13 ATL 21 88
46%
2015 76 Al Jefferson 1987 30.57 CHO 30 65
46%
2014 23 Al Jefferson 2936 38.63 CHA 29 76
46%
2013 41 Al Jefferson 2608 33.44 UTA 28 78
46%
2012 24 Al Jefferson 2306 35.48 UTA 27 65
46%
2011 31 Al Jefferson 2819 34.38 UTA 26 82
46%
2010 50 Al Jefferson 2439 32.09 MIN 25 76
46%
2009 86 Al Jefferson 1984 39.68 MIN 24 50
46%
2008 29 Al Jefferson 3064 37.37 MIN 23 82
46%
2007 71 Al Jefferson 2193 31.78 BOS 22 69
46%
1986 82 Alvan Adams 2115 27.12 PHO 31 78
46%
1985 56 Alvan Adams 2579 30.34 PHO 30 85
46%
1983 42 Alvan Adams 2711 32.66 PHO 28 83
46%
1982 25 Alvan Adams 2931 34.08 PHO 27 86
46%
1981 36 Alvan Adams 2696 32.88 PHO 26 82
46%
1980 32 Alvan Adams 2849 34.33 PHO 25 83
46%
1979 15 Alvan Adams 3340 37.53 PHO 24 89
46%
1978 65 Alvan Adams 2305 32.01 PHO 23 72
46%
1977 34 Alvan Adams 2774 38.53 PHO 22 72
46%
2012 52 Antawn Jamison 1882 28.95 CLE 35 65
46%
2010 54 Antawn Jamison 2345 30.45 CLE,WAS 33 77
46%
2009 25 Antawn Jamison 2948 36.40 WAS 32 81
46%
2008 27 Antawn Jamison 3076 36.19 WAS 31 85
46%
2007 44 Antawn Jamison 2521 34.07 WAS 30 74
46%
2006 27 Antawn Jamison 3069 34.88 WAS 29 88
46%
2005 42 Antawn Jamison 2515 32.24 WAS 28 78
46%
2004 78 Antawn Jamison 2086 23.98 DAL 27 87
46%
2003 34 Antawn Jamison 2833 34.55 GSW 26 82
46%
2002 38 Antawn Jamison 2612 31.85 GSW 25 82
46%
2001 23 Antawn Jamison 3229 39.38 GSW 24 82
46%
1987 91 Artis Gilmore 1947 23.74 SAS 37 82
46%
1986 70 Artis Gilmore 2207 29.82 SAS 36 74
46%
1985 31 Artis Gilmore 3031 35.24 SAS 35 86
46%
1984 100 Artis Gilmore 1952 30.50 SAS 34 64
46%
1983 13 Artis Gilmore 3352 36.04 SAS 33 93
46%
1982 29 Artis Gilmore 2893 35.28 CHI 32 82
46%
1981 14 Artis Gilmore 3108 35.32 CHI 31 88
46%
1979 9 Artis Gilmore 3737 45.57 CHI 29 82
46%
1978 6 Artis Gilmore 3699 45.11 CHI 28 82
46%
1977 12 Artis Gilmore 3360 39.53 CHI 27 85
46%
2025 57 Bam Adebayo 314 34.89 MIA 27 9
46%
2024 26 Bam Adebayo 3060 39.23 MIA 26 78
46%
2023 8 Bam Adebayo 3759 37.59 MIA 25 100
46%
2022 40 Bam Adebayo 2673 36.12 MIA 24 74
46%
2021 25 Bam Adebayo 2743 40.34 MIA 23 68
46%
2020 8 Bam Adebayo 3529 38.78 MIA 22 91
46%
2008 96 Brendan Haywood 1865 21.69 WAS 28 86
46%
2025 76 Buddy Hield 278 27.80 GSW 32 10
46%
2023 67 Buddy Hield 2312 28.90 IND 30 80
46%
2022 69 Buddy Hield 2174 26.84 IND,SAC 29 81
46%
2021 54 Buddy Hield 2117 29.82 SAC 28 71
46%
2020 50 Buddy Hield 2219 30.82 SAC 27 72
46%
2019 47 Buddy Hield 2608 31.80 SAC 26 82
46%
1999 24 Charles Barkley 1819 39.54 HOU 35 46
46%
1998 48 Charles Barkley 2433 33.79 HOU 34 72
46%
1997 31 Charles Barkley 2934 42.52 HOU 33 69
46%
1996 14 Charles Barkley 3358 44.77 PHO 32 75
46%
1995 10 Charles Barkley 3503 44.91 PHO 31 78
46%
1994 12 Charles Barkley 3395 45.27 PHO 30 75
46%
1993 2 Charles Barkley 5067 50.67 PHO 29 100
46%
1992 14 Charles Barkley 3356 44.75 PHI 28 75
46%
1991 14 Charles Barkley 3637 48.49 PHI 27 75
46%
1990 11 Charles Barkley 4213 47.34 PHI 26 89
46%
1989 8 Charles Barkley 4021 49.04 PHI 25 82
46%
1988 10 Charles Barkley 3926 49.08 PHI 24 80
46%
1987 13 Charles Barkley 3665 50.21 PHI 23 73
46%
1986 3 Charles Barkley 4216 45.83 PHI 22 92
46%
1985 41 Charles Barkley 2764 29.09 PHI 21 95
46%
2014 40 Chris Bosh 2624 26.51 MIA 29 99
46%
2013 36 Chris Bosh 2719 28.03 MIA 28 97
46%
2012 35 Chris Bosh 2120 29.86 MIA 27 71
46%
2011 18 Chris Bosh 3122 31.86 MIA 26 98
46%
2010 26 Chris Bosh 2880 41.14 TOR 25 70
46%
2009 23 Chris Bosh 3043 39.52 TOR 24 77
46%
2008 38 Chris Bosh 2762 38.36 TOR 23 72
46%
2007 25 Chris Bosh 2986 39.81 TOR 22 75
46%
2006 42 Chris Bosh 2710 38.71 TOR 21 70
46%
2005 40 Chris Bosh 2574 31.78 TOR 20 81
46%
1998 88 Chris Mullin 1951 19.91 IND 34 98
46%
1997 62 Chris Mullin 2267 28.70 GSW 33 79
46%
1994 68 Chris Mullin 2292 35.26 GSW 30 65
46%
1992 11 Chris Mullin 3445 40.53 GSW 28 85
46%
1991 11 Chris Mullin 3765 41.83 GSW 27 90
46%
1990 23 Chris Mullin 3225 41.35 GSW 26 78
46%
1989 6 Chris Mullin 4083 45.37 GSW 25 90
46%
1988 72 Chris Mullin 2143 35.72 GSW 24 60
46%
1987 68 Chris Mullin 2264 24.61 GSW 23 92
46%
2000 74 Christian Laettner 2103 24.74 DET 30 85
46%
1998 72 Christian Laettner 2102 26.95 ATL 28 78
46%
1997 24 Christian Laettner 3136 34.09 ATL 27 92
46%
1996 44 Christian Laettner 2569 30.58 ATL,MIN 26 84
46%
1995 44 Christian Laettner 2591 31.99 MIN 25 81
46%
1994 53 Christian Laettner 2562 36.60 MIN 24 70
46%
1993 41 Christian Laettner 2814 34.74 MIN 23 81
46%
2007 85 Chris Webber 1927 25.03 DET,PHI 33 77
46%
2006 33 Chris Webber 2936 39.15 PHI 32 75
46%
2005 31 Chris Webber 2860 39.72 PHI,SAC 31 72
46%
2003 13 Chris Webber 3460 46.76 SAC 29 74
46%
2002 16 Chris Webber 3291 47.01 SAC 28 70
46%
2001 9 Chris Webber 3819 48.96 SAC 27 78
46%
2000 5 Chris Webber 3801 47.51 SAC 26 80
46%
1999 12 Chris Webber 2054 43.70 SAC 25 47
46%
1998 19 Chris Webber 3010 42.39 WAS 24 71
46%
1997 20 Chris Webber 3209 42.79 WSB 23 75
46%
1995 58 Chris Webber 2283 42.28 WSB 21 54
46%
1994 23 Chris Webber 2967 37.56 GSW 20 79
46%
1998 30 Clyde Drexler 2724 36.32 HOU 35 75
46%
1997 32 Clyde Drexler 2916 37.38 HOU 34 78
46%
1996 59 Clyde Drexler 2411 40.18 HOU 33 60
46%
1995 6 Clyde Drexler 3912 39.92 HOU,POR 32 98
46%
1994 43 Clyde Drexler 2725 37.85 POR 31 72
46%
1993 92 Clyde Drexler 2085 40.10 POR 30 52
46%
1992 4 Clyde Drexler 4688 48.33 POR 29 97
46%
1991 6 Clyde Drexler 4287 43.74 POR 28 98
46%
1990 9 Clyde Drexler 4241 45.12 POR 27 94
46%
1989 7 Clyde Drexler 4066 50.20 POR 26 81
46%
1988 7 Clyde Drexler 4079 47.99 POR 25 85
46%
1987 9 Clyde Drexler 3873 45.03 POR 24 86
46%
1986 14 Clyde Drexler 3411 43.18 POR 23 79
46%
1985 16 Clyde Drexler 3383 38.01 POR 22 89
46%
1997 79 Dale Ellis 2051 25.01 DEN 36 82
46%
1993 81 Dale Ellis 2174 23.63 SAS 32 92
46%
1989 19 Dale Ellis 3300 36.67 SEA 28 90
46%
1988 35 Dale Ellis 2919 36.49 SEA 27 80
46%
1987 14 Dale Ellis 3633 37.84 SEA 26 96
46%
2012 36 Danny Granger 2099 28.75 IND 28 73
46%
2011 34 Danny Granger 2779 33.08 IND 27 84
46%
2010 56 Danny Granger 2326 37.52 IND 26 62
46%
2009 41 Danny Granger 2601 38.82 IND 25 67
46%
2008 48 Danny Granger 2564 32.05 IND 24 80
46%
2007 91 Danny Granger 1879 22.91 IND 23 82
46%
2014 51 David Lee 2469 32.49 GSW 30 76
46%
2013 18 David Lee 3064 36.05 GSW 29 85
46%
2012 38 David Lee 2092 36.70 GSW 28 57
46%
2011 44 David Lee 2488 34.08 GSW 27 73
46%
2010 14 David Lee 3304 40.79 NYK 26 81
46%
2009 36 David Lee 2694 33.26 NYK 25 81
46%
2008 93 David Lee 1874 23.14 NYK 24 81
46%
2018 37 DeMarcus Cousins 2496 52.00 NOP 27 48
46%
2017 10 DeMarcus Cousins 3593 49.90 NOP,SAC 26 72
46%
2016 18 DeMarcus Cousins 3116 47.94 SAC 25 65
46%
2015 23 DeMarcus Cousins 2781 47.14 SAC 24 59
46%
2014 18 DeMarcus Cousins 3059 43.08 SAC 23 71
46%
2013 44 DeMarcus Cousins 2587 34.49 SAC 22 75
46%
2012 30 DeMarcus Cousins 2235 34.92 SAC 21 64
46%
2011 53 DeMarcus Cousins 2403 29.67 SAC 20 81
46%
2003 75 Derek Anderson 2080 26.67 POR 28 78
46%
2001 53 Derek Anderson 2478 27.84 SAS 26 89
46%
2000 96 Derek Anderson 1879 29.36 LAC 25 64
46%
1996 60 Derek Harper 2375 26.39 NYK 34 90
46%
1995 49 Derek Harper 2449 26.91 NYK 33 91
46%
1994 67 Derek Harper 2299 21.90 NYK,DAL 32 105
46%
1993 99 Derek Harper 2013 32.47 DAL 31 62
46%
1992 83 Derek Harper 2186 33.63 DAL 30 65
46%
1991 26 Derek Harper 3009 39.08 DAL 29 77
46%
1990 20 Derek Harper 3264 38.40 DAL 28 85
46%
1989 28 Derek Harper 2985 36.85 DAL 27 81
46%
1988 15 Derek Harper 3662 36.99 DAL 26 99
46%
1987 35 Derek Harper 2978 36.77 DAL 25 81
46%
1986 53 Derek Harper 2525 28.37 DAL 24 89
46%
1985 94 Derek Harper 1975 22.97 DAL 23 86
46%
2002 100 Derrick Coleman 1811 28.75 PHI 34 63
46%
2000 47 Derrick Coleman 2559 32.81 CHH 32 78
46%
1998 82 Derrick Coleman 2031 34.42 PHI 30 59
46%
1997 72 Derrick Coleman 2116 37.12 PHI 29 57
46%
1995 62 Derrick Coleman 2240 40.00 NJN 27 56
46%
1994 13 Derrick Coleman 3345 41.30 NJN 26 81
46%
1993 13 Derrick Coleman 3460 42.72 NJN 25 81
46%
1992 49 Derrick Coleman 2656 38.49 NJN 24 69
46%
1991 46 Derrick Coleman 2619 35.39 NJN 23 74
46%
2017 73 Derrick Rose 2027 31.67 NYK 28 64
46%
2016 73 Derrick Rose 1985 30.08 CHI 27 66
46%
2015 60 Derrick Rose 2097 33.29 CHI 26 63
46%
2012 64 Derrick Rose 1712 42.80 CHI 23 40
46%
2011 2 Derrick Rose 4520 46.60 CHI 22 97
46%
2010 19 Derrick Rose 3161 38.08 CHI 21 83
46%
2009 22 Derrick Rose 3067 34.85 CHI 20 88
46%
2002 61 Dikembe Mutombo 2282 26.85 PHI 35 85
46%
2001 31 Dikembe Mutombo 2904 29.63 PHI,ATL 34 98
46%
2000 45 Dikembe Mutombo 2605 31.77 ATL 33 82
46%
1999 33 Dikembe Mutombo 1716 29.08 ATL 32 59
46%
1998 34 Dikembe Mutombo 2603 30.27 ATL 31 86
46%
1997 34 Dikembe Mutombo 2858 31.76 ATL 30 90
46%
1996 67 Dikembe Mutombo 2271 30.69 DEN 29 74
46%
1995 43 Dikembe Mutombo 2608 30.68 DEN 28 85
46%
1994 20 Dikembe Mutombo 3028 32.21 DEN 27 94
46%
1993 39 Dikembe Mutombo 2825 34.45 DEN 26 82
46%
1992 51 Dikembe Mutombo 2612 36.79 DEN 25 71
46%
2016 47 Dirk Nowitzki 2376 29.70 DAL 37 80
46%
2015 42 Dirk Nowitzki 2334 28.46 DAL 36 82
46%
2014 20 Dirk Nowitzki 3007 34.56 DAL 35 87
46%
2012 29 Dirk Nowitzki 2253 34.14 DAL 33 66
46%
2011 10 Dirk Nowitzki 3543 37.69 DAL 32 94
46%
2010 9 Dirk Nowitzki 3486 40.07 DAL 31 87
46%
2009 7 Dirk Nowitzki 3741 41.11 DAL 30 91
46%
2008 15 Dirk Nowitzki 3372 41.12 DAL 29 82
46%
2007 11 Dirk Nowitzki 3482 41.45 DAL 28 84
46%
2006 3 Dirk Nowitzki 4533 43.59 DAL 27 104
46%
2005 5 Dirk Nowitzki 4049 44.49 DAL 26 91
46%
2004 18 Dirk Nowitzki 3186 38.85 DAL 25 82
46%
2003 7 Dirk Nowitzki 4210 43.40 DAL 24 97
46%
2002 13 Dirk Nowitzki 3456 41.14 DAL 23 84
46%
2001 18 Dirk Nowitzki 3426 37.24 DAL 22 92
46%
2000 48 Dirk Nowitzki 2504 30.54 DAL 21 82
46%
1995 55 Dominique Wilkins 2318 28.62 BOS 35 81
46%
1994 28 Dominique Wilkins 2864 38.70 ATL,LAC 34 74
46%
1993 16 Dominique Wilkins 3282 44.35 ATL 33 74
46%
1991 12 Dominique Wilkins 3727 43.34 ATL 31 86
46%
1990 21 Dominique Wilkins 3232 40.40 ATL 30 80
46%
1989 17 Dominique Wilkins 3452 40.61 ATL 29 85
46%
1988 8 Dominique Wilkins 4038 44.87 ATL 28 90
46%
1987 10 Dominique Wilkins 3863 43.90 ATL 27 88
46%
1986 8 Dominique Wilkins 3955 45.46 ATL 26 87
46%
1985 17 Dominique Wilkins 3363 41.52 ATL 25 81
46%
1984 31 Dominique Wilkins 2960 34.42 ATL 24 86
46%
1983 59 Dominique Wilkins 2384 28.05 ATL 23 85
46%
1978 29 Doug Collins 2868 32.22 PHI 26 89
46%
1977 44 Doug Collins 2567 33.34 PHI 25 77
46%
2014 89 Gerald Henderson Jr. 1950 24.07 CHA 26 81
46%
2012 100 Gerald Henderson Jr. 1376 25.02 CHA 24 55
46%
1987 84 Gerald Henderson Sr. 2034 27.49 NYK,SEA 31 74
46%
1986 62 Gerald Henderson Sr. 2381 29.04 SEA 30 82
46%
1985 60 Gerald Henderson Sr. 2519 31.89 SEA 29 79
46%
1984 67 Gerald Henderson Sr. 2354 23.31 BOS 28 101
46%
1982 99 Gerald Henderson Sr. 1819 19.35 BOS 26 94
46%
1994 76 Gerald Wilkins 2223 26.15 CLE 30 85
46%
1990 52 Gerald Wilkins 2639 28.68 NYK 26 92
46%
1989 69 Gerald Wilkins 2367 26.30 NYK 25 90
46%
1988 53 Gerald Wilkins 2576 30.31 NYK 24 85
46%
1987 49 Gerald Wilkins 2635 32.94 NYK 23 80
46%
2007 12 Gilbert Arenas 3481 47.04 WAS 25 74
46%
2006 6 Gilbert Arenas 4098 47.65 WAS 24 86
46%
2005 9 Gilbert Arenas 3839 42.66 WAS 23 90
46%
2004 84 Gilbert Arenas 1997 36.31 WAS 22 55
46%
2003 22 Gilbert Arenas 3052 37.22 GSW 21 82
46%
1992 81 Greg Anderson 2195 26.77 DEN 27 82
46%
1989 84 Greg Anderson 2130 25.98 SAS 24 82
46%
1988 97 Greg Anderson 1875 22.06 SAS 23 85
46%
1980 91 Henry Bibby 1919 19.19 PHI 30 100
46%
1979 75 Henry Bibby 2246 24.68 PHI 29 91
46%
1978 68 Henry Bibby 2243 24.38 PHI 28 92
46%
1977 54 Henry Bibby 2381 23.81 PHI 27 100
46%
1998 73 Hersey Hawkins 2085 22.66 SEA 31 92
46%
1997 50 Hersey Hawkins 2469 26.27 SEA 30 94
46%
1996 38 Hersey Hawkins 2622 25.46 SEA 29 103
46%
1995 63 Hersey Hawkins 2240 26.05 CHH 28 86
46%
1994 85 Hersey Hawkins 2146 26.17 CHH 27 82
46%
1993 43 Hersey Hawkins 2790 34.44 PHI 26 81
46%
1992 56 Hersey Hawkins 2503 30.90 PHI 25 81
46%
1991 20 Hersey Hawkins 3189 36.24 PHI 24 88
46%
1990 38 Hersey Hawkins 2856 31.04 PHI 23 92
46%
1989 92 Hersey Hawkins 2081 25.38 PHI 22 82
46%
2005 54 Jalen Rose 2262 27.93 TOR 32 81
46%
2004 82 Jalen Rose 2019 30.59 CHI,TOR 31 66
46%
2003 21 Jalen Rose 3052 37.22 CHI 30 82
46%
2002 23 Jalen Rose 2902 34.96 CHI,IND 29 83
46%
2001 29 Jalen Rose 2934 38.61 IND 28 76
46%
2000 12 Jalen Rose 3380 32.82 IND 27 103
46%
1999 79 Jalen Rose 1218 19.65 IND 26 62
46%
1996 80 Jalen Rose 2145 26.81 DEN 23 80
46%
2014 81 Jameer Nelson 2060 30.29 ORL 31 68
46%
2013 85 Jameer Nelson 1934 34.54 ORL 30 56
46%
2012 63 Jameer Nelson 1718 27.71 ORL 29 62
46%
2011 55 Jameer Nelson 2389 29.13 ORL 28 82
46%
2010 66 Jameer Nelson 2232 28.25 ORL 27 79
46%
2008 77 Jameer Nelson 2133 27.00 ORL 25 79
46%
2007 76 Jameer Nelson 2072 25.58 ORL 24 81
46%
2011 79 Jason Richardson 2067 24.32 ORL,PHO 30 85
46%
2010 44 Jason Richardson 2486 26.17 PHO 29 95
46%
2009 94 Jason Richardson 1927 26.76 CHA,PHO 28 72
46%
2008 32 Jason Richardson 2918 35.59 CHA 27 82
46%
2007 96 Jason Richardson 1850 29.84 GSW 26 62
46%
2006 38 Jason Richardson 2777 37.03 GSW 25 75
46%
2005 36 Jason Richardson 2682 37.25 GSW 24 72
46%
2004 45 Jason Richardson 2564 32.87 GSW 23 78
46%
2003 61 Jason Richardson 2267 27.65 GSW 22 82
46%
2002 77 Jason Richardson 2100 26.25 GSW 21 80
46%
1983 96 Jeff Wilkins 1877 23.17 UTA 27 81
46%
2019 65 JJ Redick 2240 25.45 PHI 34 88
46%
2018 69 JJ Redick 2095 26.19 PHI 33 80
46%
2015 63 JJ Redick 2066 22.46 LAC 30 92
46%
2013 81 JJ Redick 1953 23.82 MIL,ORL 28 82
46%
1997 67 Joe Dumars 2146 25.55 DET 33 84
46%
1995 69 Joe Dumars 2187 32.64 DET 31 67
46%
1994 84 Joe Dumars 2150 31.16 DET 30 69
46%
1993 47 Joe Dumars 2658 34.52 DET 29 77
46%
1992 40 Joe Dumars 2786 32.02 DET 28 87
46%
1991 18 Joe Dumars 3298 34.72 DET 27 95
46%
1990 30 Joe Dumars 2968 31.24 DET 26 95
46%
1989 43 Joe Dumars 2755 32.03 DET 25 86
46%
1988 39 Joe Dumars 2810 26.76 DET 24 105
46%
1987 69 Joe Dumars 2256 24.00 DET 23 94
46%
2025 83 John Collins 271 30.11 UTA 27 9
46%
2021 43 John Collins 2289 28.26 ATL 23 81
46%
2019 82 John Collins 2086 34.20 ATL 21 61
46%
1978 56 John Havlicek 2422 29.54 BOS 37 82
46%
1977 21 John Havlicek 3029 34.42 BOS 36 88
46%
2019 69 Josh Richardson 2181 29.88 MIA 25 73
46%
2018 71 Josh Richardson 2089 24.29 MIA 24 86
46%
2004 76 Keith Van Horn 2091 27.16 MIL,NYK 28 77
46%
2003 66 Keith Van Horn 2224 25.86 PHI 27 86
46%
2002 31 Keith Van Horn 2750 27.23 NJN 26 101
46%
2000 42 Keith Van Horn 2651 33.14 NJN 24 80
46%
1999 53 Keith Van Horn 1500 35.71 NJN 23 42
46%
1998 86 Keith Van Horn 1977 30.42 NJN 22 65
46%
2002 56 Kenny Anderson 2378 25.85 BOS 31 92
46%
2000 58 Kenny Anderson 2361 28.79 BOS 29 82
46%
1997 17 Kenny Anderson 3275 38.08 POR 26 86
46%
1996 49 Kenny Anderson 2528 36.64 CHH,NJN 25 69
46%
1995 21 Kenny Anderson 2994 41.58 NJN 24 72
46%
1994 8 Kenny Anderson 3739 43.48 NJN 23 86
46%
1993 83 Kenny Anderson 2158 39.24 NJN 22 55
46%
2002 82 Keon Clark 2007 23.34 TOR 26 86
46%
1998 51 Kevin Willis 2363 27.48 HOU 35 86
46%
1995 71 Kevin Willis 2154 32.15 ATL,MIA 32 67
46%
1994 17 Kevin Willis 3199 35.15 ATL 31 91
46%
1993 29 Kevin Willis 2986 35.98 ATL 30 83
46%
1992 18 Kevin Willis 3210 39.63 ATL 29 81
46%
1991 80 Kevin Willis 2189 25.75 ATL 28 85
46%
1988 91 Kevin Willis 1927 22.15 ATL 25 87
46%
1987 48 Kevin Willis 2655 29.50 ATL 24 90
46%
1986 79 Kevin Willis 2129 23.40 ATL 23 91
46%
2023 99 Kyle Anderson 1998 26.64 MIN 29 75
46%
2021 57 Kyle Anderson 2061 27.12 MEM 27 76
46%
2023 91 Kyle Lowry 2072 25.90 MIA 37,36 80
46%
2022 56 Kyle Lowry 2385 32.67 MIA 35 73
46%
2021 78 Kyle Lowry 1773 38.54 TOR 34 46
46%
2020 18 Kyle Lowry 2814 40.78 TOR 33 69
46%
2019 21 Kyle Lowry 3322 37.33 TOR 32 89
46%
2018 15 Kyle Lowry 3281 37.28 TOR 31 88
46%
2017 31 Kyle Lowry 2832 41.65 TOR 30 68
46%
2016 7 Kyle Lowry 3928 40.49 TOR 29 97
46%
2015 25 Kyle Lowry 2754 37.22 TOR 28 74
46%
2014 12 Kyle Lowry 3347 38.92 TOR 27 86
46%
2013 70 Kyle Lowry 2100 30.88 TOR 26 68
46%
2012 80 Kyle Lowry 1590 33.83 HOU 25 47
46%
2011 50 Kyle Lowry 2445 32.60 HOU 24 75
46%
1998 63 LaPhonso Ellis 2167 28.51 DEN 27 76
46%
1997 92 LaPhonso Ellis 1936 35.20 DEN 26 55
46%
1994 44 LaPhonso Ellis 2720 29.89 DEN 23 91
46%
1993 60 LaPhonso Ellis 2434 29.68 DEN 22 82
46%
2004 24 Latrell Sprewell 2987 29.87 MIN 33 100
46%
2003 59 Latrell Sprewell 2288 30.92 NYK 32 74
46%
2002 39 Latrell Sprewell 2607 32.19 NYK 31 81
46%
2001 49 Latrell Sprewell 2530 30.85 NYK 30 82
46%
2000 19 Latrell Sprewell 3176 32.41 NYK 29 98
46%
1999 38 Latrell Sprewell 1606 28.18 NYK 28 57
46%
1997 11 Latrell Sprewell 3495 43.69 GSW 26 80
46%
1996 31 Latrell Sprewell 2681 34.37 GSW 25 78
46%
1995 52 Latrell Sprewell 2392 34.67 GSW 24 69
46%
1994 15 Latrell Sprewell 3271 38.48 GSW 23 85
46%
1993 79 Latrell Sprewell 2221 28.84 GSW 22 77
46%
2003 73 Malik Rose 2108 20.47 SAS 28 103
46%
2023 59 Marcus Smart 2384 29.43 BOS 28 81
46%
2022 33 Marcus Smart 2798 30.41 BOS 27 92
46%
2021 100 Marcus Smart 1634 30.26 BOS 27,26 54
46%
2020 48 Marcus Smart 2233 29.00 BOS 25 77
46%
2017 48 Marcus Smart 2480 25.57 BOS 22 97
46%
1994 89 Michael Adams 2094 29.91 WSB 31 70
46%
1993 61 Michael Adams 2431 34.73 WSB 30 70
46%
1992 28 Michael Adams 3060 39.23 WSB 29 78
46%
1991 15 Michael Adams 3547 53.74 DEN 28 66
46%
1990 51 Michael Adams 2645 32.26 DEN 27 82
46%
1989 31 Michael Adams 2949 37.33 DEN 26 79
46%
1988 37 Michael Adams 2881 30.98 DEN 25 93
46%
1987 56 Michael Cooper 2492 24.92 LAL 30 100
46%
1986 58 Michael Cooper 2406 25.06 LAL 29 96
46%
1985 62 Michael Cooper 2447 24.23 LAL 28 101
46%
1984 42 Michael Cooper 2747 26.67 LAL 27 103
46%
1983 84 Michael Cooper 2028 20.91 LAL 26 97
46%
1982 63 Michael Cooper 2203 24.48 LAL 25 90
46%
1981 89 Michael Cooper 2036 24.24 LAL 24 84
46%
1980 93 Michael Cooper 1872 19.10 LAL 23 98
46%
1985 8 Micheal Ray Richardson 3854 45.34 NJN 29 85
46%
1983 69 Micheal Ray Richardson 2213 33.53 NJN,GSW 27 66
46%
1982 14 Micheal Ray Richardson 3432 41.85 NYK 26 82
46%
1981 8 Micheal Ray Richardson 3430 42.35 NYK 25 81
46%
1980 6 Micheal Ray Richardson 3757 45.82 NYK 24 82
46%
2009 39 Mike Bibby 2633 29.26 ATL 30 90
46%
2007 43 Mike Bibby 2536 30.93 SAC 28 82
46%
2006 22 Mike Bibby 3142 35.70 SAC 27 88
46%
2005 19 Mike Bibby 3334 39.22 SAC 26 85
46%
2004 12 Mike Bibby 3287 34.97 SAC 25 94
46%
2003 85 Mike Bibby 1994 29.76 SAC 24 67
46%
2002 28 Mike Bibby 2798 29.15 SAC 23 96
46%
2001 25 Mike Bibby 3094 37.73 VAN 22 82
46%
2000 27 Mike Bibby 2973 36.26 VAN 21 82
46%
1999 46 Mike Bibby 1531 30.62 VAN 20 50
46%
2024 59 Mike Conley 2518 27.67 MIN 36 91
46%
2023 80 Mike Conley 2173 29.36 MIN,UTA 35 74
46%
2022 66 Mike Conley 2229 28.58 UTA 34 78
46%
2021 70 Mike Conley 1902 33.37 UTA 33 57
46%
2019 43 Mike Conley 2731 39.01 MEM 31 70
46%
2017 27 Mike Conley 2898 38.64 MEM 29 75
46%
2015 39 Mike Conley 2384 30.56 MEM 27 78
46%
2014 35 Mike Conley 2742 34.28 MEM 26 80
46%
2013 15 Mike Conley 3136 33.01 MEM 25 95
46%
2012 34 Mike Conley 2127 30.83 MEM 24 69
46%
2011 23 Mike Conley 3002 31.94 MEM 23 94
46%
2010 78 Mike Conley 2121 26.51 MEM 22 80
46%
2009 87 Mike Conley 1977 24.11 MEM 21 82
46%
2000 86 Mitch Richmond 1991 26.91 WAS 34 74
46%
1999 57 Mitch Richmond 1473 29.46 WAS 33 50
46%
1998 41 Mitch Richmond 2513 35.90 SAC 32 70
46%
1997 19 Mitch Richmond 3232 39.90 SAC 31 81
46%
1996 26 Mitch Richmond 2923 34.39 SAC 30 85
46%
1995 23 Mitch Richmond 2966 36.17 SAC 29 82
46%
1994 30 Mitch Richmond 2855 36.60 SAC 28 78
46%
1992 27 Mitch Richmond 3070 38.38 SAC 26 80
46%
1991 19 Mitch Richmond 3231 37.57 GSW 25 86
46%
1990 50 Mitch Richmond 2648 33.95 GSW 24 78
46%
1989 20 Mitch Richmond 3276 37.66 GSW 23 87
46%
2016 42 Monta Ellis 2528 28.73 IND 30 88
46%
2015 26 Monta Ellis 2745 32.29 DAL 29 85
46%
2014 15 Monta Ellis 3171 35.63 DAL 28 89
46%
2013 14 Monta Ellis 3215 37.38 MIL 27 86
46%
2012 33 Monta Ellis 2176 37.52 GSW,MIL 26 58
46%
2011 14 Monta Ellis 3301 41.26 GSW 25 80
46%
2010 38 Monta Ellis 2736 42.75 GSW 24 64
46%
2008 34 Monta Ellis 2821 34.83 GSW 22 81
46%
2007 46 Monta Ellis 2451 27.85 GSW 21 88
46%
2024 95 Nic Claxton 2033 28.63 BRK 24 71
46%
2023 70 Nic Claxton 2299 28.74 BRK 23 80
46%
1999 66 Nick Anderson 1376 26.98 ORL 31 51
46%
1996 46 Nick Anderson 2553 29.01 ORL 28 88
46%
1995 29 Nick Anderson 2881 29.70 ORL 27 97
46%
1994 49 Nick Anderson 2588 30.81 ORL 26 84
46%
1993 44 Nick Anderson 2765 35.00 ORL 25 79
46%
1992 94 Nick Anderson 2036 33.93 ORL 24 60
46%
2025 30 Norman Powell 395 35.91 LAC 31 11
46%
2021 62 Norman Powell 2006 26.75 POR,TOR 27 75
46%
2025 100 OG Anunoby 248 27.56 NYK 27 9
46%
2020 95 OG Anunoby 1695 21.19 TOR 22 80
46%
2000 69 Patrick Ewing 2154 28.34 NYK 37 76
46%
1999 51 Patrick Ewing 1517 30.96 NYK 36 49
46%
1997 10 Patrick Ewing 3512 40.37 NYK 34 87
46%
1996 12 Patrick Ewing 3402 40.50 NYK 33 84
46%
1995 9 Patrick Ewing 3804 42.27 NYK 32 90
46%
1994 3 Patrick Ewing 4567 43.91 NYK 31 104
46%
1993 7 Patrick Ewing 4142 43.15 NYK 30 96
46%
1992 8 Patrick Ewing 4033 42.90 NYK 29 94
46%
1991 9 Patrick Ewing 3983 47.42 NYK 28 84
46%
1990 3 Patrick Ewing 4503 48.95 NYK 27 92
46%
1989 12 Patrick Ewing 3665 41.18 NYK 26 89
46%
1988 26 Patrick Ewing 3093 35.97 NYK 25 86
46%
1987 64 Patrick Ewing 2355 37.38 NYK 24 63
46%
2008 80 Peja Stojakovic 2106 23.66 NOH 30 89
46%
2006 78 Peja Stojakovic 2073 28.40 IND,SAC 28 73
46%
2005 68 Peja Stojakovic 2136 30.08 SAC 27 71
46%
2004 11 Peja Stojakovic 3295 35.43 SAC 26 93
46%
2003 41 Peja Stojakovic 2571 30.61 SAC 25 84
46%
2002 43 Peja Stojakovic 2560 31.60 SAC 24 81
46%
2001 47 Peja Stojakovic 2633 31.72 SAC 23 83
46%
1995 46 Pooh Richardson 2540 31.75 LAC 28 80
46%
1993 66 Pooh Richardson 2364 30.31 IND 26 78
46%
1992 21 Pooh Richardson 3165 38.60 MIN 25 82
46%
1991 17 Pooh Richardson 3299 40.23 MIN 24 82
46%
1990 67 Pooh Richardson 2421 29.52 MIN 23 82
46%
2005 44 Quentin Richardson 2422 25.77 PHO 24 94
46%
2004 93 Quentin Richardson 1899 29.22 LAC 23 65
46%
2018 54 Rajon Rondo 2342 31.65 NOP 31 74
46%
2017 75 Rajon Rondo 2013 28.35 CHI 30 71
46%
2016 17 Rajon Rondo 3123 43.38 SAC 29 72
46%
2015 56 Rajon Rondo 2188 31.26 DAL,BOS 28 70
46%
2012 4 Rajon Rondo 3183 44.21 BOS 25 72
46%
2011 20 Rajon Rondo 3059 39.73 BOS 24 77
46%
2010 3 Rajon Rondo 4266 40.63 BOS 23 105
46%
2009 8 Rajon Rondo 3531 37.56 BOS 22 94
46%
2008 33 Rajon Rondo 2834 27.51 BOS 21 103
46%
1986 4 Ralph Sampson 4003 40.43 HOU 25 99
46%
1985 10 Ralph Sampson 3572 41.06 HOU 24 87
46%
1984 22 Ralph Sampson 3226 39.34 HOU 23 82
46%
2010 95 Richard Jefferson 1946 21.38 SAS 29 91
46%
2009 49 Richard Jefferson 2459 29.99 MIL 28 82
46%
2008 35 Richard Jefferson 2800 34.15 NJN 27 82
46%
2007 97 Richard Jefferson 1846 27.55 NJN 26 67
46%
2006 24 Richard Jefferson 3118 35.03 NJN 25 89
46%
2004 21 Richard Jefferson 3122 33.57 NJN 23 93
46%
2003 35 Richard Jefferson 2804 28.04 NJN 22 100
46%
2025 51 RJ Barrett 337 42.13 TOR 24 8
46%
2023 48 RJ Barrett 2581 30.73 NYK 22 84
46%
2022 62 RJ Barrett 2285 32.64 NYK 21 70
46%
2021 40 RJ Barrett 2329 30.25 NYK 20 77
46%
1991 99 Ron Anderson 2026 22.51 PHI 32 90
46%
1989 79 Ron Anderson 2215 26.06 PHI 30 85
46%
2018 94 Rondae Hollis-Jefferson 1852 27.24 BRK 23 68
46%
2000 80 Ron Harper 2023 19.64 LAL 36 103
46%
1998 79 Ron Harper 2044 19.84 CHI 34 103
46%
1994 31 Ron Harper 2854 38.05 LAC 30 75
46%
1993 26 Ron Harper 3005 35.35 LAC 29 85
46%
1992 20 Ron Harper 3177 36.52 LAC 28 87
46%
1989 21 Ron Harper 3236 37.20 CLE 25 87
46%
1988 84 Ron Harper 1974 32.36 CLE 24 61
46%
1987 21 Ron Harper 3347 40.82 CLE 23 82
46%
1978 75 Ron Lee 2138 25.45 PHO 25 84
46%
1977 93 Ron Lee 1850 22.56 PHO 24 82
46%
2019 85 Rudy Gay 2028 26.68 SAS 32 76
46%
2016 69 Rudy Gay 2051 29.30 SAC 29 70
46%
2015 36 Rudy Gay 2443 35.93 SAC 28 68
46%
2014 53 Rudy Gay 2463 33.74 SAC,TOR 27 73
46%
2013 52 Rudy Gay 2397 31.96 MEM,TOR 26 75
46%
2012 26 Rudy Gay 2303 31.99 MEM 25 72
46%
2011 95 Rudy Gay 1860 34.44 MEM 24 54
46%
2010 43 Rudy Gay 2527 31.59 MEM 23 80
46%
2009 55 Rudy Gay 2357 29.84 MEM 22 79
46%
2008 46 Rudy Gay 2637 32.56 MEM 21 81
46%
2013 71 Ryan Anderson 2095 25.86 NOH 24 81
46%
2012 62 Ryan Anderson 1719 26.05 ORL 23 66
46%
2025 77 Scoot Henderson 277 25.18 POR 20 11
46%
2000 85 Shandon Anderson 1999 24.38 HOU 26 82
46%
2006 97 Speedy Claxton 1856 26.14 NOK 27 71
46%
1982 92 Spencer Haywood 1883 22.69 WSB 32 83
46%
1979 65 Spencer Haywood 2330 34.26 NOJ,NYK 29 68
46%
1995 78 Spud Webb 2071 27.25 SAC 31 76
46%
1994 60 Spud Webb 2399 30.37 SAC 30 79
46%
1993 76 Spud Webb 2265 32.83 SAC 29 69
46%
1992 47 Spud Webb 2697 35.03 SAC 28 77
46%
1991 72 Spud Webb 2279 28.49 ATL 27 80
46%
1990 99 Spud Webb 2023 24.67 ATL 26 82
46%
2022 82 Steven Adams 2026 24.41 MEM 28 83
46%
2020 75 Steven Adams 1853 26.47 OKC 26 70
46%
2019 55 Steven Adams 2428 28.56 OKC 25 85
46%
2018 57 Steven Adams 2221 27.09 OKC 24 82
46%
2017 83 Steven Adams 1960 23.06 OKC 23 85
46%
2016 98 Steven Adams 1826 18.63 OKC 22 98
46%
2018 68 Taurean Prince 2102 25.63 ATL 23 82
46%
2013 91 Tayshaun Prince 1913 19.72 MEM,DET 32 97
46%
2012 92 Tayshaun Prince 1444 22.92 DET 31 63
46%
2011 90 Tayshaun Prince 1928 24.72 DET 30 78
46%
2009 62 Tayshaun Prince 2280 26.51 DET 28 86
46%
2008 49 Tayshaun Prince 2550 25.76 DET 27 99
46%
2007 37 Tayshaun Prince 2628 26.82 DET 26 98
46%
2006 47 Tayshaun Prince 2508 25.08 DET 25 100
46%
2005 26 Tayshaun Prince 2957 27.64 DET 24 107
46%
2004 64 Tayshaun Prince 2272 21.64 DET 23 105
46%
1992 90 Tom Chambers 2092 27.53 PHO 32 76
46%
1991 44 Tom Chambers 2629 32.86 PHO 31 80
46%
1990 14 Tom Chambers 3825 39.43 PHO 30 97
46%
1989 10 Tom Chambers 3936 42.32 PHO 29 93
46%
1988 36 Tom Chambers 2914 33.49 SEA 28 87
46%
1987 16 Tom Chambers 3576 37.25 SEA 27 96
46%
1986 92 Tom Chambers 2010 30.45 SEA 26 66
46%
1985 35 Tom Chambers 2863 35.35 SEA 25 81
46%
1984 57 Tom Chambers 2504 28.78 SEA 24 87
46%
1983 56 Tom Chambers 2430 30.76 SDC 23 79
46%
1982 54 Tom Chambers 2349 29.00 SDC 22 81
46%
1979 70 Tom Henderson 2290 25.73 WSB 27 89
46%
1978 52 Tom Henderson 2463 25.66 WSB 26 96
46%
1977 30 Tom Henderson 2846 29.65 WSB,ATL 25 96
46%
1986 71 Wayne Cooper 2186 25.42 DEN 29 86
46%
1985 67 Wayne Cooper 2338 24.61 DEN 28 95
46%
1983 92 Wayne Cooper 1952 22.44 POR 26 87
46%
1994 90 Willie Anderson 2080 24.76 SAS 27 84
46%
1991 60 Willie Anderson 2416 30.58 SAS 24 79
46%
1990 32 Willie Anderson 2933 31.88 SAS 23 92
46%
1989 35 Willie Anderson 2881 35.57 SAS 22 81
46%
2009 24 Yao Ming 3014 35.05 HOU 28 86
46%
2008 70 Yao Ming 2197 39.95 HOU 27 55
46%
2007 68 Yao Ming 2219 40.35 HOU 26 55
46%
2006 68 Yao Ming 2146 37.65 HOU 25 57
46%
2005 35 Yao Ming 2685 30.86 HOU 24 87
46%
2004 36 Yao Ming 2727 31.34 HOU 23 87
46%
2003 64 Yao Ming 2231 27.21 HOU 22 82
46%
1986 95 Albert King 1934 25.45 NJN 26 76
38%
1984 68 Albert King 2343 26.03 NJN 24 90
38%
1983 51 Albert King 2578 31.83 NJN 23 81
38%
2012 90 Amar'e Stoudemire 1476 28.94 NYK 29 51
38%
2011 13 Amar'e Stoudemire 3339 40.72 NYK 28 82
38%
2010 10 Amar'e Stoudemire 3459 35.30 PHO 27 98
38%
2008 16 Amar'e Stoudemire 3355 39.94 PHO 25 84
38%
2007 15 Amar'e Stoudemire 3231 35.12 PHO 24 92
38%
2005 8 Amar'e Stoudemire 3947 41.55 PHO 22 95
38%
2004 87 Amar'e Stoudemire 1938 35.24 PHO 21 55
38%
2003 58 Amar'e Stoudemire 2297 26.10 PHO 20 88
38%
2017 97 Andre Iguodala 1818 19.76 GSW 33 92
38%
2015 84 Andre Iguodala 1925 19.64 GSW 31 98
38%
2013 35 Andre Iguodala 2752 32.00 DEN 29 86
38%
2012 23 Andre Iguodala 2329 31.05 PHI 28 75
38%
2011 46 Andre Iguodala 2482 34.47 PHI 27 72
38%
2010 21 Andre Iguodala 3070 37.44 PHI 26 82
38%
2009 11 Andre Iguodala 3305 37.56 PHI 25 88
38%
2008 20 Andre Iguodala 3260 37.05 PHI 24 88
38%
2007 27 Andre Iguodala 2869 37.75 PHI 23 76
38%
2006 66 Andre Iguodala 2154 26.27 PHI 22 82
38%
2005 79 Andre Iguodala 2004 23.03 PHI 21 87
38%
2015 93 Andrew Bogut 1836 21.35 GSW 30 86
38%
2011 85 Andrew Bogut 2027 31.18 MIL 26 65
38%
2010 64 Andrew Bogut 2264 32.81 MIL 25 69
38%
2008 54 Andrew Bogut 2479 31.78 MIL 23 78
38%
2007 93 Andrew Bogut 1873 28.38 MIL 22 66
38%
2006 89 Andrew Bogut 1953 22.45 MIL 21 87
38%
2002 69 Anthony Mason 2204 26.88 MIL 35 82
38%
2001 45 Anthony Mason 2695 32.47 MIA 34 83
38%
2000 43 Anthony Mason 2621 30.48 CHH 33 86
38%
1998 24 Anthony Mason 2915 32.39 CHH 31 90
38%
1997 27 Anthony Mason 3047 40.09 CHH 30 76
38%
1996 23 Anthony Mason 3009 33.43 NYK 29 90
38%
1995 66 Anthony Mason 2218 25.20 NYK 28 88
38%
1993 75 Anthony Mason 2267 23.61 NYK 26 96
38%
1979 73 Armond Hill 2276 25.01 ATL 25 91
38%
1978 79 Armond Hill 2083 24.80 ATL 24 84
38%
2017 72 Avery Bradley 2031 27.82 BOS 26 73
38%
2016 93 Avery Bradley 1852 24.05 BOS 25 77
38%
1991 36 Bernard King 2792 43.63 WSB 34 64
38%
1990 27 Bernard King 3051 37.21 WSB 33 82
38%
1989 46 Bernard King 2723 33.62 WSB 32 81
38%
1988 80 Bernard King 2012 27.19 WSB 31 74
38%
1985 54 Bernard King 2620 47.64 NYK 28 55
38%
1984 17 Bernard King 3424 38.47 NYK 27 89
38%
1983 53 Bernard King 2498 33.76 NYK 26 74
38%
1982 23 Bernard King 2967 37.56 GSW 25 79
38%
1981 20 Bernard King 3002 37.06 GSW 24 81
38%
1979 17 Bernard King 3266 38.88 NJN 22 84
38%
1978 22 Bernard King 3204 40.56 NJN 21 79
38%
1991 63 Bill Laimbeer 2390 24.64 DET 33 97
38%
1990 43 Bill Laimbeer 2774 27.47 DET 32 101
38%
1989 39 Bill Laimbeer 2775 28.32 DET 31 98
38%
1988 25 Bill Laimbeer 3103 29.55 DET 30 105
38%
1987 28 Bill Laimbeer 3102 31.98 DET 29 97
38%
1986 24 Bill Laimbeer 3004 34.93 DET 28 86
38%
1985 25 Bill Laimbeer 3171 34.85 DET 27 91
38%
1984 30 Bill Laimbeer 3025 34.77 DET 26 87
38%
1983 37 Bill Laimbeer 2807 34.23 DET 25 82
38%
1981 87 Bill Laimbeer 2050 25.31 CLE 23 81
38%
1986 96 Bill Walton 1926 20.06 BOS 33 96
38%
1978 37 Bill Walton 2714 45.23 POR 25 60
38%
1977 6 Bill Walton 3836 45.67 POR 24 84
38%
1996 86 B.J. Armstrong 2072 25.27 GSW 28 82
38%
1995 75 B.J. Armstrong 2097 22.79 CHI 27 92
38%
1994 66 B.J. Armstrong 2352 25.57 CHI 26 92
38%
1993 72 B.J. Armstrong 2280 22.57 CHI 25 101
38%
1984 64 Bob Lanier 2365 26.88 MIL 35 88
38%
1982 69 Bob Lanier 2148 26.85 MIL 33 80
38%
1981 77 Bob Lanier 2137 28.88 MIL 32 74
38%
1980 47 Bob Lanier 2570 36.71 MIL,DET 31 70
38%
1979 84 Bob Lanier 2152 40.60 DET 30 53
38%
1978 30 Bob Lanier 2864 45.46 DET 29 63
38%
1977 18 Bob Lanier 3141 46.88 DET 28 67
38%
1980 72 Bob McAdoo 2227 38.40 DET 28 58
38%
1979 54 Bob McAdoo 2484 41.40 BOS,NYK 27 60
38%
1978 1 Bob McAdoo 4200 49.41 NYK 26 85
38%
1977 11 Bob McAdoo 3373 46.85 BUF,NYK 25 72
38%
2010 52 Brandon Roy 2416 35.53 POR 25 68
38%
2009 14 Brandon Roy 3283 39.08 POR 24 84
38%
2008 43 Brandon Roy 2719 36.74 POR 23 74
38%
2003 87 Brent Barry 1971 26.28 SEA 31 75
38%
2002 32 Brent Barry 2738 31.84 SEA 30 86
38%
2000 73 Brent Barry 2124 24.99 SEA 28 85
38%
1996 97 Brent Price 1952 24.10 WSB 27 81
38%
1992 80 Byron Scott 2233 25.97 LAL 30 86
38%
1991 70 Byron Scott 2286 22.86 LAL 29 100
38%
1990 75 Byron Scott 2322 27.00 LAL 28 86
38%
1989 48 Byron Scott 2687 31.61 LAL 27 85
38%
1988 14 Byron Scott 3668 34.93 LAL 26 105
38%
1987 40 Byron Scott 2853 28.53 LAL 25 100
38%
1986 72 Byron Scott 2175 24.17 LAL 24 90
38%
1985 53 Byron Scott 2628 26.28 LAL 23 100
38%
1981 51 Calvin Murphy 2422 25.49 HOU 32 95
38%
1980 43 Calvin Murphy 2624 31.61 HOU 31 83
38%
1979 43 Calvin Murphy 2708 32.24 HOU 30 84
38%
1978 36 Calvin Murphy 2746 36.13 HOU 29 76
38%
1977 23 Calvin Murphy 2982 31.72 HOU 28 94
38%
2007 82 Charlie Bell 1943 23.70 MIL 27 82
38%
1979 77 Charlie Scott 2207 26.91 DEN 30 82
38%
1978 67 Charlie Scott 2271 27.70 LAL,BOS 29 82
38%
1977 100 Charlie Scott 1713 32.94 BOS 28 52
38%
2011 62 Chauncey Billups 2277 31.19 NYK,DEN 34 73
38%
2010 33 Chauncey Billups 2785 35.25 DEN 33 79
38%
2009 9 Chauncey Billups 3395 35.74 DEN,DET 32 95
38%
2008 23 Chauncey Billups 3176 34.15 DET 31 93
38%
2007 20 Chauncey Billups 3086 35.88 DET 30 86
38%
2006 9 Chauncey Billups 3866 39.05 DET 29 99
38%
2005 12 Chauncey Billups 3534 33.66 DET 28 105
38%
2004 10 Chauncey Billups 3331 32.98 DET 27 101
38%
2003 42 Chauncey Billups 2566 29.16 DET 26 88
38%
2002 57 Chauncey Billups 2355 27.71 MIN 25 85
38%
1999 91 Chauncey Billups 1138 25.29 DEN 22 45
38%
1998 100 Chauncey Billups 1822 22.78 BOS,TOR 21 80
38%
1997 75 Chris Mills 2092 26.15 CLE 27 80
38%
1996 74 Chris Mills 2202 26.53 CLE 26 83
38%
2005 38 Damon Stoudamire 2591 31.99 POR 31 81
38%
2004 46 Damon Stoudamire 2515 30.67 POR 30 82
38%
2002 53 Damon Stoudamire 2406 30.85 POR 28 78
38%
2001 50 Damon Stoudamire 2510 29.53 POR 27 85
38%
2000 57 Damon Stoudamire 2417 25.71 POR 26 94
38%
1999 27 Damon Stoudamire 1803 28.62 POR 25 63
38%
1998 21 Damon Stoudamire 2973 39.64 POR,TOR 24 75
38%
1997 9 Damon Stoudamire 3518 43.43 TOR 23 81
38%
1996 21 Damon Stoudamire 3035 43.36 TOR 22 70
38%
2020 68 Danilo Gallinari 1930 27.97 OKC 31 69
38%
2019 57 Danilo Gallinari 2388 32.27 LAC 30 74
38%
2017 98 Danilo Gallinari 1795 28.49 DEN 28 63
38%
2013 78 Danilo Gallinari 1968 27.72 DEN 24 71
38%
2010 88 Danilo Gallinari 2022 24.96 NYK 21 81
38%
2004 90 Darrell Armstrong 1914 22.26 NOH 35 86
38%
2003 84 Darrell Armstrong 1999 22.46 ORL 34 89
38%
2002 44 Darrell Armstrong 2510 29.19 ORL 33 86
38%
2001 35 Darrell Armstrong 2851 36.09 ORL 32 79
38%
2000 35 Darrell Armstrong 2780 33.90 ORL 31 82
38%
1999 28 Darrell Armstrong 1790 33.15 ORL 30 54
38%
2019 68 Darren Collison 2216 27.70 IND 31 80
38%
2018 74 Darren Collison 2049 26.96 IND 30 76
38%
2016 87 Darren Collison 1920 25.95 SAC 28 74
38%
2014 84 Darren Collison 2007 21.58 LAC 26 93
38%
2013 66 Darren Collison 2129 26.28 DAL 25 81
38%
2012 73 Darren Collison 1635 23.03 IND 24 71
38%
2011 61 Darren Collison 2278 27.12 IND 23 84
38%
2010 81 Darren Collison 2084 27.42 NOH 22 76
38%
2025 66 Deandre Ayton 299 27.18 POR 26 11
38%
2023 57 Deandre Ayton 2454 31.87 PHO 24 77
38%
2022 65 Deandre Ayton 2246 31.63 PHO 23 71
38%
2021 24 Deandre Ayton 2743 30.14 PHO 22 91
38%
2019 62 Deandre Ayton 2266 31.92 PHO 20 71
38%
1996 42 Dennis Scott 2580 27.45 ORL 27 94
38%
2005 60 Desmond Mason 2208 27.60 MIL 27 80
38%
2004 79 Desmond Mason 2056 23.63 MIL 26 87
38%
2003 63 Desmond Mason 2235 25.99 MIL,SEA 25 86
38%
1993 56 Drazen Petrovic 2462 32.83 NJN 28 75
38%
1992 45 Drazen Petrovic 2707 31.48 NJN 27 86
38%
2002 65 Elden Campbell 2248 26.14 CHH 33 86
38%
2001 65 Elden Campbell 2268 25.77 CHH 32 88
38%
2000 71 Elden Campbell 2145 26.16 CHH 31 82
38%
1999 72 Elden Campbell 1263 25.78 CHH,LAL 30 49
38%
1997 55 Elden Campbell 2361 27.45 LAL 28 86
38%
1996 48 Elden Campbell 2534 29.47 LAL 27 86
38%
1995 83 Elden Campbell 2039 24.57 LAL 26 83
38%
1983 75 Elvin Hayes 2109 26.04 HOU 37 81
38%
1982 40 Elvin Hayes 2609 30.69 HOU 36 85
38%
1981 37 Elvin Hayes 2663 32.88 WSB 35 81
38%
1980 11 Elvin Hayes 3342 40.27 WSB 34 83
38%
1979 2 Elvin Hayes 4172 41.31 WSB 33 101
38%
1978 2 Elvin Hayes 4132 40.51 WSB 32 102
38%
1977 4 Elvin Hayes 3971 43.64 WSB 31 91
38%
1990 16 Fat Lever 3527 43.01 DEN 29 82
38%
1989 14 Fat Lever 3481 47.68 DEN 28 73
38%
1988 9 Fat Lever 4032 45.30 DEN 27 89
38%
1987 8 Fat Lever 3939 46.34 DEN 26 85
38%
1986 20 Fat Lever 3180 36.14 DEN 25 88
38%
1985 18 Fat Lever 3351 36.03 DEN 24 93
38%
1984 96 Fat Lever 1979 23.01 POR 23 86
38%
1983 86 Fat Lever 2003 22.76 POR 22 88
38%
2025 60 Fred VanVleet 307 30.70 HOU 30 10
38%
2024 32 Fred VanVleet 2886 39.53 HOU 29 73
38%
2023 39 Fred VanVleet 2822 40.31 TOR 29,28 70
38%
2022 35 Fred VanVleet 2751 39.87 TOR 27 69
38%
2021 60 Fred VanVleet 2019 38.83 TOR 26 52
38%
2020 37 Fred VanVleet 2427 37.34 TOR 25 65
38%
2019 92 Fred VanVleet 1939 22.03 TOR 24 88
38%
1986 99 George Gervin 1903 22.65 CHI 33 84
38%
1985 63 George Gervin 2391 31.05 SAS 32 77
38%
1984 36 George Gervin 2846 37.45 SAS 31 76
38%
1983 8 George Gervin 3524 39.60 SAS 30 89
38%
1982 5 George Gervin 3866 43.93 SAS 29 88
38%
1981 6 George Gervin 3593 40.37 SAS 28 89
38%
1980 8 George Gervin 3733 46.09 SAS 27 81
38%
1979 4 George Gervin 4024 42.81 SAS 26 94
38%
1978 5 George Gervin 3795 43.13 SAS 25 88
38%
1977 19 George Gervin 3104 36.95 SAS 24 84
38%
2016 81 George Hill 1961 24.21 IND 29 81
38%
2014 72 George Hill 2134 22.46 IND 27 95
38%
2013 37 George Hill 2687 28.59 IND 26 94
38%
2010 97 George Hill 1907 21.67 SAS 23 88
38%
2017 82 Gorgui Dieng 1962 23.93 MIN 27 82
38%
2016 89 Gorgui Dieng 1888 23.02 MIN 26 82
38%
2015 96 Gorgui Dieng 1808 24.77 MIN 25 73
38%
2025 62 Gradey Dick 302 27.45 TOR 21 11
38%
2011 93 Grant Hill 1893 23.66 PHO 38 80
38%
2010 73 Grant Hill 2181 22.48 PHO 37 97
38%
2009 98 Grant Hill 1906 23.24 PHO 36 82
38%
2005 62 Grant Hill 2200 32.84 ORL 32 67
38%
2000 13 Grant Hill 3364 44.26 DET 27 76
38%
1999 6 Grant Hill 2334 42.44 DET 26 55
38%
1998 5 Grant Hill 3633 44.85 DET 25 81
38%
1997 8 Grant Hill 4004 47.11 DET 24 85
38%
1996 10 Grant Hill 3749 45.17 DET 23 83
38%
1995 34 Grant Hill 2731 39.01 DET 22 70
38%
1999 83 Grant Long 1181 20.02 ATL 32 59
38%
1996 36 Grant Long 2640 28.70 ATL 29 92
38%
1995 84 Grant Long 2038 24.26 ATL,MIA 28 84
38%
1993 89 Grant Long 2128 28.00 MIA 26 76
38%
1992 52 Grant Long 2605 30.65 MIA 25 85
38%
1989 98 Grant Long 1990 24.27 MIA 22 82
38%
2020 39 Hassan Whiteside 2416 33.10 POR 31,30 73
38%
2019 87 Hassan Whiteside 1998 27.75 MIA 29 72
38%
2017 35 Hassan Whiteside 2729 35.44 MIA 27 77
38%
2016 39 Hassan Whiteside 2549 30.71 MIA 26 83
38%
2025 49 Jaden Ivey 347 31.55 DET 22 11
38%
2024 84 Jaden Ivey 2139 27.78 DET 21 77
38%
2023 63 Jaden Ivey 2344 31.68 DET 20 74
38%
2025 41 Jakob Poeltl 371 33.73 TOR 29 11
38%
2023 85 Jakob Poeltl 2119 29.03 TOR,SAS 27 73
38%
2022 75 Jakob Poeltl 2120 30.72 SAS 26 69
38%
2016 95 Jamal Crawford 1848 21.74 LAC 35 85
38%
2015 97 Jamal Crawford 1801 23.09 LAC 34 78
38%
2014 65 Jamal Crawford 2244 27.37 LAC 33 82
38%
2013 80 Jamal Crawford 1962 23.93 LAC 32 82
38%
2012 96 Jamal Crawford 1406 23.43 POR 31 60
38%
2011 83 Jamal Crawford 2034 23.11 ATL 30 88
38%
2010 48 Jamal Crawford 2454 27.27 ATL 29 90
38%
2009 75 Jamal Crawford 2119 32.60 GSW,NYK 28 65
38%
2008 42 Jamal Crawford 2746 34.33 NYK 27 80
38%
2007 99 Jamal Crawford 1811 30.69 NYK 26 59
38%
2006 76 Jamal Crawford 2080 26.33 NYK 25 79
38%
2005 65 Jamal Crawford 2159 30.84 NYK 24 70
38%
2004 41 Jamal Crawford 2616 32.70 CHI 23 80
38%
2003 96 Jamal Crawford 1813 22.66 CHI 22 80
38%
2012 61 Jason Terry 1730 25.82 DAL 34 67
38%
2011 33 Jason Terry 2791 27.10 DAL 33 103
38%
2010 65 Jason Terry 2235 26.93 DAL 32 83
38%
2009 48 Jason Terry 2461 29.30 DAL 31 84
38%
2008 66 Jason Terry 2249 25.85 DAL 30 87
38%
2007 33 Jason Terry 2690 30.92 DAL 29 87
38%
2006 32 Jason Terry 2941 28.83 DAL 28 102
38%
2005 39 Jason Terry 2588 27.83 DAL 27 93
38%
2004 37 Jason Terry 2709 33.44 ATL 26 81
38%
2003 26 Jason Terry 3014 37.21 ATL 25 81
38%
2002 26 Jason Terry 2819 36.14 ATL 24 78
38%
2001 39 Jason Terry 2810 34.27 ATL 23 82
38%
2018 45 Jeff Teague 2458 32.77 MIN 29 75
38%
2017 18 Jeff Teague 3132 36.42 IND 28 86
38%
2016 29 Jeff Teague 2810 31.57 ATL 27 89
38%
2015 15 Jeff Teague 3093 34.75 ATL 26 89
38%
2014 24 Jeff Teague 2916 33.91 ATL 25 86
38%
2013 30 Jeff Teague 2817 32.76 ATL 24 86
38%
2012 47 Jeff Teague 1941 26.96 ATL 23 72
38%
1987 78 John Long 2129 25.35 IND 30 84
38%
1984 78 John Long 2221 25.53 DET 27 87
38%
1982 68 John Long 2157 31.26 DET 25 69
38%
1980 70 John Long 2241 32.48 DET 23 69
38%
1979 97 John Long 1948 23.76 DET 22 82
38%
2023 88 Jordan Clarkson 2103 34.48 UTA 30 61
38%
2022 71 Jordan Clarkson 2153 25.33 UTA 29 85
38%
2021 50 Jordan Clarkson 2203 27.89 UTA 28 79
38%
2020 85 Jordan Clarkson 1776 22.77 UTA,CLE 27 78
38%
2019 78 Jordan Clarkson 2096 25.88 CLE 26 81
38%
2018 77 Jordan Clarkson 2006 20.06 CLE,LAL 25 100
38%
2017 81 Jordan Clarkson 1973 24.06 LAL 24 82
38%
2016 71 Jordan Clarkson 2017 25.53 LAL 23 79
38%
2012 84 Jordan Crawford 1550 24.22 WAS 23 64
38%
2010 84 Kendrick Perkins 2063 20.43 BOS 25 101
38%
2009 82 Kendrick Perkins 2042 22.69 BOS 24 90
38%
2023 90 Killian Hayes 2079 27.36 DET 21 76
38%
2010 94 Kirk Hinrich 1965 24.87 CHI 29 79
38%
2008 79 Kirk Hinrich 2116 28.21 CHI 27 75
38%
2007 22 Kirk Hinrich 3049 33.88 CHI 26 90
38%
2006 31 Kirk Hinrich 2960 34.02 CHI 25 87
38%
2005 29 Kirk Hinrich 2876 34.65 CHI 24 83
38%
2004 61 Kirk Hinrich 2330 30.66 CHI 23 76
38%
2011 37 Lamar Odom 2730 29.67 LAL 31 92
38%
2010 25 Lamar Odom 2900 27.62 LAL 30 105
38%
2009 35 Lamar Odom 2729 27.02 LAL 29 101
38%
2008 19 Lamar Odom 3281 33.48 LAL 28 98
38%
2007 64 Lamar Odom 2254 36.95 LAL 27 61
38%
2006 19 Lamar Odom 3239 37.23 LAL 26 87
38%
2005 59 Lamar Odom 2211 34.55 LAL 25 64
38%
2004 9 Lamar Odom 3383 36.38 MIA 24 93
38%
2001 34 Lamar Odom 2876 37.84 LAC 21 76
38%
2000 40 Lamar Odom 2674 35.18 LAC 20 76
38%
2008 78 Leandro Barbosa 2132 24.51 PHO 25 87
38%
2007 34 Leandro Barbosa 2677 29.42 PHO 24 91
38%
2013 74 Luis Scola 2055 25.06 PHO 32 82
38%
2012 56 Luis Scola 1792 27.15 HOU 31 66
38%
2011 52 Luis Scola 2420 32.70 HOU 30 74
38%
2010 47 Luis Scola 2461 30.01 HOU 29 82
38%
2009 51 Luis Scola 2441 25.69 HOU 28 95
38%
2016 67 Luol Deng 2072 23.55 MIA 30 88
38%
2013 48 Luol Deng 2423 30.29 CHI 27 80
38%
2012 58 Luol Deng 1750 29.17 CHI 26 60
38%
2011 25 Luol Deng 2988 30.49 CHI 25 98
38%
2010 61 Luol Deng 2298 30.64 CHI 24 75
38%
2008 98 Luol Deng 1860 29.52 CHI 22 63
38%
2007 23 Luol Deng 3046 33.11 CHI 21 92
38%
2006 67 Luol Deng 2149 25.58 CHI 20 84
38%
2023 74 Malcolm Brogdon 2249 26.15 BOS 30 86
38%
2021 45 Malcolm Brogdon 2269 39.12 IND 28 58
38%
2020 53 Malcolm Brogdon 2149 37.05 IND 27 58
38%
2019 93 Malcolm Brogdon 1937 27.28 MIL 26 71
38%
2017 94 Malcolm Brogdon 1837 22.68 MIL 24 81
38%
2010 74 Marcus Camby 2174 27.18 POR,LAC 35 80
38%
2008 40 Marcus Camby 2752 33.16 DEN 33 83
38%
2007 45 Marcus Camby 2517 33.56 DEN 32 75
38%
2006 81 Marcus Camby 2029 33.26 DEN 31 61
38%
2005 78 Marcus Camby 2052 28.90 DEN 30 71
38%
2004 81 Marcus Camby 2041 26.51 DEN 29 77
38%
2001 88 Marcus Camby 1870 27.91 NYK 26 67
38%
1999 89 Marcus Camby 1143 17.32 NYK 24 66
38%
2015 100 Mario Chalmers 1765 22.06 MIA 28 80
38%
2014 74 Mario Chalmers 2122 22.82 MIA 27 93
38%
2013 83 Mario Chalmers 1946 19.46 MIA 26 100
38%
2012 49 Mario Chalmers 1908 21.93 MIA 25 87
38%
2009 71 Mario Chalmers 2173 24.42 MIA 22 89
38%
1991 81 Mark Aguirre 2189 23.54 DET 31 93
38%
1990 86 Mark Aguirre 2124 21.67 DET 30 98
38%
1989 33 Mark Aguirre 2890 29.79 DET,DAL 29 97
38%
1988 17 Mark Aguirre 3651 38.84 DAL 28 94
38%
1987 25 Mark Aguirre 3238 38.55 DAL 27 84
38%
1986 16 Mark Aguirre 3304 39.33 DAL 26 84
38%
1985 22 Mark Aguirre 3295 39.23 DAL 25 84
38%
1984 5 Mark Aguirre 3987 44.80 DAL 24 89
38%
1983 15 Mark Aguirre 3257 40.21 DAL 23 81
38%
1994 27 Mark Price 2919 36.95 CLE 29 79
38%
1993 20 Mark Price 3131 37.27 CLE 28 84
38%
1992 16 Mark Price 3249 36.51 CLE 27 89
38%
1990 18 Mark Price 3344 42.87 CLE 25 78
38%
1989 25 Mark Price 3148 39.85 CLE 24 79
38%
1988 44 Mark Price 2732 32.14 CLE 23 85
38%
2005 85 Michael Finley 1968 25.56 DAL 31 77
38%
2004 62 Michael Finley 2328 30.23 DAL 30 77
38%
2003 32 Michael Finley 2879 32.35 DAL 29 89
38%
2002 36 Michael Finley 2633 34.19 DAL 28 77
38%
2001 19 Michael Finley 3412 37.09 DAL 27 92
38%
2000 11 Michael Finley 3390 41.34 DAL 26 82
38%
1999 29 Michael Finley 1789 35.78 DAL 25 50
38%
1998 15 Michael Finley 3173 38.70 DAL 24 82
38%
1997 66 Michael Finley 2161 26.04 DAL,PHO 23 83
38%
1996 64 Michael Finley 2301 28.06 PHO 22 82
38%
1995 40 Muggsy Bogues 2666 32.51 CHH 30 82
38%
1994 32 Muggsy Bogues 2843 36.92 CHH 29 77
38%
1993 30 Muggsy Bogues 2982 33.13 CHH 28 90
38%
1992 50 Muggsy Bogues 2627 32.04 CHH 27 82
38%
1991 75 Muggsy Bogues 2262 27.93 CHH 26 81
38%
1990 37 Muggsy Bogues 2873 35.47 CHH 25 81
38%
2024 81 Naz Reid 2149 22.15 MIN 24 97
38%
2011 63 Nene 2258 28.23 DEN 28 80
38%
2010 46 Nene 2480 28.51 DEN 27 87
38%
2009 43 Nene 2551 27.43 DEN 26 93
38%
2004 83 Nene 2006 24.46 DEN 21 82
38%
2003 95 Nene 1820 22.75 DEN 20 80
38%
1984 70 Pat Cummings 2322 25.80 DAL 27 90
38%
1983 78 Pat Cummings 2062 25.46 DAL 26 81
38%
2019 74 Paul Millsap 2155 25.65 DEN 33 84
38%
2017 38 Paul Millsap 2703 36.04 ATL 31 75
38%
2016 16 Paul Millsap 3284 36.09 ATL 30 91
38%
2015 18 Paul Millsap 2964 33.30 ATL 29 89
38%
2014 25 Paul Millsap 2901 35.81 ATL 28 81
38%
2013 60 Paul Millsap 2273 29.14 UTA 27 78
38%
2012 32 Paul Millsap 2201 32.37 UTA 26 68
38%
2011 51 Paul Millsap 2440 32.11 UTA 25 76
38%
2010 62 Paul Millsap 2275 24.73 UTA 24 92
38%
2009 67 Paul Millsap 2233 27.57 UTA 23 81
38%
2007 77 Raja Bell 2055 23.09 PHO 30 89
38%
2006 57 Raja Bell 2296 23.92 PHO 29 96
38%
2010 89 Rashard Lewis 1999 23.24 ORL 30 86
38%
2009 17 Rashard Lewis 3182 30.89 ORL 29 103
38%
2008 36 Rashard Lewis 2793 30.69 ORL 28 91
38%
2007 72 Rashard Lewis 2135 35.58 SEA 27 60
38%
2006 49 Rashard Lewis 2474 31.72 SEA 26 78
38%
2005 47 Rashard Lewis 2380 30.13 SEA 25 79
38%
2004 54 Rashard Lewis 2442 30.53 SEA 24 80
38%
2003 57 Rashard Lewis 2299 29.86 SEA 23 77
38%
2002 74 Rashard Lewis 2137 28.88 SEA 22 74
38%
2001 73 Rashard Lewis 2078 26.64 SEA 21 78
38%
1982 86 Reggie King 1949 24.36 KCK 24 80
38%
1981 23 Reggie King 2927 30.49 KCK 23 96
38%
1993 38 Reggie Lewis 2826 34.89 BOS 27 81
38%
1992 24 Reggie Lewis 3130 34.02 BOS 26 92
38%
1991 32 Reggie Lewis 2869 31.88 BOS 25 90
38%
1990 63 Reggie Lewis 2467 29.37 BOS 24 84
38%
1989 52 Reggie Lewis 2613 31.11 BOS 23 84
38%
1980 100 Rick Barry 1817 23.29 HOU 35 78
38%
1979 50 Rick Barry 2548 31.07 HOU 34 82
38%
1978 10 Rick Barry 3442 41.98 GSW 33 82
38%
1977 7 Rick Barry 3786 42.54 GSW 32 89
38%
2021 79 Ricky Rubio 1773 26.07 MIN 30 68
38%
2020 40 Ricky Rubio 2396 36.86 PHO 29 65
38%
2019 66 Ricky Rubio 2232 30.58 UTA 28 73
38%
2018 35 Ricky Rubio 2534 30.53 UTA 27 83
38%
2017 41 Ricky Rubio 2643 35.24 MIN 26 75
38%
2016 36 Ricky Rubio 2580 33.95 MIN 25 76
38%
2014 37 Ricky Rubio 2733 33.33 MIN 23 82
38%
2013 97 Ricky Rubio 1815 31.84 MIN 22 57
38%
2012 99 Ricky Rubio 1378 33.61 MIN 21 41
38%
2014 69 Roy Hibbert 2147 21.47 IND 27 100
38%
2013 39 Roy Hibbert 2667 27.21 IND 26 98
38%
2012 37 Roy Hibbert 2096 27.58 IND 25 76
38%
2011 64 Roy Hibbert 2245 26.10 IND 24 86
38%
2010 98 Roy Hibbert 1887 23.30 IND 23 81
38%
1996 79 Sam Perkins 2147 20.84 SEA 34 103
38%
1995 93 Sam Perkins 1947 22.64 SEA 33 86
38%
1993 52 Sam Perkins 2539 25.91 SEA,LAL 31 98
38%
1992 100 Sam Perkins 2005 31.83 LAL 30 63
38%
1991 56 Sam Perkins 2480 26.96 LAL 29 92
38%
1990 70 Sam Perkins 2368 29.97 DAL 28 79
38%
1989 75 Sam Perkins 2281 29.24 DAL 27 78
38%
1988 56 Sam Perkins 2477 26.92 DAL 26 92
38%
1987 63 Sam Perkins 2397 28.54 DAL 25 84
38%
1986 43 Sam Perkins 2697 29.97 DAL 24 90
38%
1985 87 Sam Perkins 2055 23.90 DAL 23 86
38%
1999 99 Shawn Bradley 1086 22.16 DAL 26 49
38%
1997 89 Shawn Bradley 1964 26.90 DAL,NJN 24 73
38%
1996 88 Shawn Bradley 2045 25.89 NJN,PHI 23 79
38%
2000 41 Shawn Kemp 2660 32.44 CLE 30 82
38%
1999 44 Shawn Kemp 1545 36.79 CLE 29 42
38%
1998 22 Shawn Kemp 2949 35.11 CLE 28 84
38%
1997 15 Shawn Kemp 3350 36.02 SEA 27 93
38%
1996 9 Shawn Kemp 3770 38.08 SEA 26 99
38%
1995 17 Shawn Kemp 3129 36.38 SEA 25 86
38%
1994 18 Shawn Kemp 3183 37.89 SEA 24 84
38%
1993 12 Shawn Kemp 3466 35.73 SEA 23 97
38%
1992 71 Shawn Kemp 2319 31.77 SEA 22 73
38%
1991 52 Shawn Kemp 2502 29.09 SEA 21 86
38%
2013 100 Shawn Marion 1785 26.64 DAL 34 67
38%
2012 79 Shawn Marion 1595 23.81 DAL 33 67
38%
2011 54 Shawn Marion 2401 23.77 DAL 32 101
38%
2009 96 Shawn Marion 1912 27.71 MIA,TOR 30 69
38%
2008 82 Shawn Marion 2101 33.35 MIA,PHO 29 63
38%
2007 19 Shawn Marion 3095 34.01 PHO 28 91
38%
2006 7 Shawn Marion 4073 40.33 PHO 27 101
38%
2005 11 Shawn Marion 3608 37.58 PHO 26 96
38%
2004 27 Shawn Marion 2934 37.14 PHO 25 79
38%
2003 17 Shawn Marion 3392 38.99 PHO 24 87
38%
2002 22 Shawn Marion 2909 35.91 PHO 23 81
38%
2001 33 Shawn Marion 2887 34.78 PHO 22 83
38%
2023 36 Spencer Dinwiddie 2897 34.90 BRK,DAL 29 83
38%
2022 55 Spencer Dinwiddie 2397 28.20 DAL,WAS 28 85
38%
2020 33 Spencer Dinwiddie 2464 38.50 BRK 26 64
38%
2019 79 Spencer Dinwiddie 2092 28.66 BRK 25 73
38%
2018 49 Spencer Dinwiddie 2405 30.06 BRK 24 80
38%
2007 60 Stephon Marbury 2310 31.22 NYK 29 74
38%
2006 85 Stephon Marbury 1983 33.05 NYK 28 60
38%
2005 13 Stephon Marbury 3493 42.60 NYK 27 82
38%
2004 4 Stephon Marbury 3639 42.81 NYK,PHO 26 85
38%
2003 10 Stephon Marbury 3736 42.94 PHO 25 87
38%
2002 15 Stephon Marbury 3362 41.00 PHO 24 82
38%
2001 32 Stephon Marbury 2899 43.27 NJN 23 67
38%
2000 15 Stephon Marbury 3251 43.93 NJN 22 74
38%
1999 10 Stephon Marbury 2127 43.41 MIN,NJN 21 49
38%
1998 12 Stephon Marbury 3372 38.76 MIN 20 87
38%
1997 48 Stephon Marbury 2495 35.64 MIN 19 70
38%
1992 75 Terry Cummings 2271 31.11 SAS 30 73
38%
1991 79 Terry Cummings 2212 31.15 SAS 29 71
38%
1990 17 Terry Cummings 3493 38.38 SAS 28 91
38%
1989 23 Terry Cummings 3167 37.26 MIL 27 85
38%
1988 38 Terry Cummings 2866 35.38 MIL 26 81
38%
1987 17 Terry Cummings 3518 37.43 MIL 25 94
38%
1986 13 Terry Cummings 3440 35.83 MIL 24 96
38%
1985 12 Terry Cummings 3566 40.99 MIL 23 87
38%
1984 25 Terry Cummings 3058 37.75 SDC 22 81
38%
1983 29 Terry Cummings 2949 42.13 SDC 21 70
38%
1995 74 Terry Mills 2097 29.13 DET 27 72
38%
1994 55 Terry Mills 2533 31.66 DET 26 80
38%
1992 84 Tony Campbell 2166 27.77 MIN 29 78
38%
1991 45 Tony Campbell 2621 34.04 MIN 28 77
38%
1990 33 Tony Campbell 2922 35.63 MIN 27 82
38%
2010 70 Troy Murphy 2193 30.46 IND 29 72
38%
2009 57 Troy Murphy 2338 32.03 IND 28 73
38%
2008 95 Troy Murphy 1870 24.93 IND 27 75
38%
2006 79 Troy Murphy 2053 27.74 GSW 25 74
38%
2005 70 Troy Murphy 2112 30.17 GSW 24 70
38%
2003 79 Troy Murphy 2036 25.77 GSW 22 79
38%
2001 82 Tyrone Hill 1954 19.74 PHI 32 99
38%
2000 95 Tyrone Hill 1883 24.14 PHI 31 78
38%
1997 86 Tyrone Hill 1968 26.59 CLE 28 74
38%
1995 87 Tyrone Hill 2005 27.09 CLE 26 74
38%
2015 65 Tyson Chandler 2052 25.65 DAL 32 80
38%
2013 96 Tyson Chandler 1819 23.32 NYK 30 78
38%
2012 69 Tyson Chandler 1666 24.87 NYK 29 67
38%
2011 84 Tyson Chandler 2028 21.35 DAL 28 95
38%
2008 56 Tyson Chandler 2402 26.40 NOH 25 91
38%
2007 89 Tyson Chandler 1892 25.92 NOK 24 73
38%
2005 92 Tyson Chandler 1913 22.24 CHI 22 86
38%
2000 55 Vin Baker 2460 29.29 SEA 28 84
38%
1998 17 Vin Baker 3032 32.96 SEA 26 92
38%
1997 25 Vin Baker 3056 39.18 MIL 25 78
38%
1996 19 Vin Baker 3120 38.05 MIL 24 82
38%
1995 18 Vin Baker 3091 37.70 MIL 23 82
38%
1994 75 Vin Baker 2226 27.15 MIL 22 82
38%
2004 51 Vlade Divac 2452 26.37 SAC 35 93
38%
2003 52 Vlade Divac 2384 25.91 SAC 34 92
38%
2002 29 Vlade Divac 2783 28.99 SAC 33 96
38%
2001 51 Vlade Divac 2500 28.09 SAC 32 89
38%
2000 51 Vlade Divac 2486 28.57 SAC 31 87
38%
1999 18 Vlade Divac 1929 35.07 SAC 30 55
38%
1998 85 Vlade Divac 1991 27.27 CHH 29 73
38%
1997 40 Vlade Divac 2743 32.65 CHH 28 84
38%
1996 50 Vlade Divac 2515 30.30 LAL 27 83
38%
1995 13 Vlade Divac 3371 37.46 LAL 26 90
38%
1994 36 Vlade Divac 2792 35.34 LAL 25 79
38%
1993 46 Vlade Divac 2722 31.29 LAL 24 87
38%
1991 54 Vlade Divac 2493 24.68 LAL 22 101
38%
2017 84 Wilson Chandler 1940 27.32 DEN 29 71
38%
2015 87 Wilson Chandler 1915 24.55 DEN 27 78
38%
2011 89 Wilson Chandler 1947 25.29 DEN,NYK 23 77
38%
2009 76 Wilson Chandler 2115 25.79 NYK 21 82
38%
1993 86 Xavier McDaniel 2139 24.87 BOS 29 86
38%
1992 69 Xavier McDaniel 2333 24.82 NYK 28 94
38%
1991 55 Xavier McDaniel 2491 29.31 PHO,SEA 27 85
38%
1990 69 Xavier McDaniel 2369 34.33 SEA 26 69
38%
1989 40 Xavier McDaniel 2770 30.78 SEA 25 90
38%
1988 28 Xavier McDaniel 3069 36.98 SEA 24 83
38%
1987 12 Xavier McDaniel 3691 38.45 SEA 23 96
38%
1986 49 Xavier McDaniel 2583 31.50 SEA 22 82
38%
2017 70 Zach Randolph 2061 26.09 MEM 35 79
38%
2016 72 Zach Randolph 2011 27.93 MEM 34 72
38%
2015 31 Zach Randolph 2596 31.66 MEM 33 82
38%
2014 27 Zach Randolph 2839 33.40 MEM 32 85
38%
2013 31 Zach Randolph 2807 30.85 MEM 31 91
38%
2011 12 Zach Randolph 3348 38.05 MEM 29 88
38%
2010 22 Zach Randolph 3043 37.57 MEM 28 81
38%
2008 65 Zach Randolph 2282 33.07 NYK 26 69
38%
2007 35 Zach Randolph 2658 39.09 POR 25 68
38%
2006 58 Zach Randolph 2284 30.86 POR 24 74
38%
2004 28 Zach Randolph 2912 35.95 POR 22 81
38%
2008 57 Zydrunas Ilgauskas 2402 27.93 CLE 32 86
38%
2007 51 Zydrunas Ilgauskas 2419 24.68 CLE 31 98
38%
2006 50 Zydrunas Ilgauskas 2433 26.74 CLE 30 91
38%
2005 45 Zydrunas Ilgauskas 2410 30.90 CLE 29 78
38%
2004 59 Zydrunas Ilgauskas 2348 28.99 CLE 28 81
38%
2003 47 Zydrunas Ilgauskas 2463 30.41 CLE 27 81
38%
1998 54 Zydrunas Ilgauskas 2301 26.76 CLE 22 86
38%
2003 88 Aaron McKie 1959 21.29 PHI 30 92
31%
2001 41 Aaron McKie 2791 28.19 PHI 28 99
31%
1989 87 Adrian Dantley 2115 28.97 DAL,DET 33 73
31%
1988 49 Adrian Dantley 2663 28.95 DET 32 92
31%
1987 37 Adrian Dantley 2927 30.49 DET 31 96
31%
1986 18 Adrian Dantley 3258 42.87 UTA 30 76
31%
1985 55 Adrian Dantley 2606 40.09 UTA 29 65
31%
1984 4 Adrian Dantley 4091 45.46 UTA 28 90
31%
1982 10 Adrian Dantley 3728 46.02 UTA 26 81
31%
1981 5 Adrian Dantley 3732 46.65 UTA 25 80
31%
1980 29 Adrian Dantley 2911 42.81 UTA 24 68
31%
1979 100 Adrian Dantley 1936 28.47 LAL 23 68
31%
1978 25 Adrian Dantley 3071 37.45 LAL,IND 22 82
31%
1977 49 Adrian Dantley 2545 33.05 BUF 21 77
31%
1990 74 Alex English 2332 28.10 DEN 36 83
31%
1989 16 Alex English 3459 40.69 DEN 35 85
31%
1988 16 Alex English 3652 40.13 DEN 34 91
31%
1987 11 Alex English 3717 43.73 DEN 33 85
31%
1986 5 Alex English 3981 43.75 DEN 32 91
31%
1985 5 Alex English 4218 44.40 DEN 31 95
31%
1984 6 Alex English 3867 44.45 DEN 30 87
31%
1983 2 Alex English 4283 48.12 DEN 29 89
31%
1982 6 Alex English 3834 45.11 DEN 28 85
31%
1981 10 Alex English 3361 41.49 DEN 27 81
31%
1980 54 Alex English 2506 32.13 DEN,IND 26 78
31%
1979 46 Alex English 2644 32.64 IND 25 81
31%
2003 39 Allan Houston 2577 31.43 NYK 31 82
31%
2002 63 Allan Houston 2263 29.39 NYK 30 77
31%
2001 64 Allan Houston 2283 27.51 NYK 29 83
31%
2000 34 Allan Houston 2819 28.77 NYK 28 98
31%
1999 25 Allan Houston 1818 25.97 NYK 27 70
31%
1998 33 Allan Houston 2605 28.32 NYK 26 92
31%
1997 73 Allan Houston 2101 23.34 NYK 25 90
31%
1996 40 Allan Houston 2590 30.47 DET 24 85
31%
2002 71 Alonzo Mourning 2197 29.29 MIA 31 75
31%
2000 10 Alonzo Mourning 3430 38.54 MIA 29 89
31%
1999 14 Alonzo Mourning 1972 38.67 MIA 28 51
31%
1998 74 Alonzo Mourning 2081 33.56 MIA 27 62
31%
1997 28 Alonzo Mourning 2988 36.00 MIA 26 83
31%
1996 22 Alonzo Mourning 3012 41.26 MIA 25 73
31%
1995 20 Alonzo Mourning 3079 38.01 CHH 24 81
31%
1994 69 Alonzo Mourning 2284 38.07 CHH 23 60
31%
1993 17 Alonzo Mourning 3260 37.47 CHH 22 87
31%
2021 95 Andre Drummond 1660 31.92 LAL,CLE 27 52
31%
2020 41 Andre Drummond 2380 41.75 CLE,DET 26 57
31%
2019 25 Andre Drummond 3238 39.01 DET 25 83
31%
2018 19 Andre Drummond 3133 40.17 DET 24 78
31%
2017 45 Andre Drummond 2613 32.26 DET 23 81
31%
2016 22 Andre Drummond 2987 35.14 DET 22 85
31%
2015 32 Andre Drummond 2570 31.34 DET 21 82
31%
2014 52 Andre Drummond 2468 30.47 DET 20 81
31%
2008 72 Andrei Kirilenko 2167 25.80 UTA 26 84
31%
2007 84 Andrei Kirilenko 1931 22.20 UTA 25 87
31%
2006 44 Andrei Kirilenko 2526 36.61 UTA 24 69
31%
2004 34 Andrei Kirilenko 2766 35.46 UTA 22 78
31%
2003 77 Andrei Kirilenko 2061 24.25 UTA 21 85
31%
2002 99 Andrei Kirilenko 1820 21.16 UTA 20 86
31%
2012 15 Andrew Bynum 2556 35.50 LAL 24 72
31%
2010 68 Andrew Bynum 2206 25.07 LAL 22 88
31%
2014 82 Boris Diaw 2058 20.18 SAS 31 102
31%
2011 73 Boris Diaw 2132 26.00 CHA 28 82
31%
2010 69 Boris Diaw 2202 25.60 CHA 27 86
31%
2009 61 Boris Diaw 2284 28.20 CHA,PHO 26 81
31%
2008 87 Boris Diaw 1991 22.89 PHO 25 87
31%
2007 80 Boris Diaw 1963 23.65 PHO 24 83
31%
2006 14 Boris Diaw 3542 35.07 PHO 23 101
31%
2014 29 Brandon Jennings 2812 35.15 DET 24 80
31%
2013 24 Brandon Jennings 2924 34.81 MIL 23 84
31%
2012 20 Brandon Jennings 2342 35.48 MIL 22 66
31%
2011 87 Brandon Jennings 1979 31.41 MIL 21 63
31%
2010 28 Brandon Jennings 2829 31.79 MIL 20 89
31%
2014 80 Carlos Boozer 2083 25.72 CHI 32 81
31%
2013 28 Carlos Boozer 2863 31.46 CHI 31 91
31%
2012 40 Carlos Boozer 2075 28.82 CHI 30 72
31%
2011 58 Carlos Boozer 2380 31.73 CHI 29 75
31%
2010 13 Carlos Boozer 3407 38.72 UTA 28 88
31%
2008 12 Carlos Boozer 3574 38.43 UTA 26 93
31%
2007 8 Carlos Boozer 3678 40.42 UTA 25 91
31%
2004 52 Carlos Boozer 2444 32.59 CLE 22 75
31%
1986 69 Cedric Maxwell 2219 29.20 LAC 30 76
31%
1984 61 Cedric Maxwell 2445 23.74 BOS 28 103
31%
1983 82 Cedric Maxwell 2035 23.66 BOS 27 86
31%
1982 46 Cedric Maxwell 2486 27.62 BOS 26 90
31%
1981 26 Cedric Maxwell 2863 29.21 BOS 25 98
31%
1980 30 Cedric Maxwell 2896 32.54 BOS 24 89
31%
1979 31 Cedric Maxwell 2937 36.71 BOS 23 80
31%
1979 58 Chris Ford 2410 29.75 BOS,DET 30 81
31%
1978 82 Chris Ford 2074 25.29 DET 29 82
31%
1977 61 Chris Ford 2245 26.41 DET 28 85
31%
2010 75 Corey Maggette 2159 30.84 GSW 30 70
31%
2008 58 Corey Maggette 2397 34.24 LAC 28 70
31%
2007 69 Corey Maggette 2203 29.37 LAC 27 75
31%
2005 46 Corey Maggette 2386 36.15 LAC 25 66
31%
2004 50 Corey Maggette 2467 33.79 LAC 24 73
31%
1985 93 Craig Hodges 1994 22.16 MIL 24 90
31%
1985 92 Dan Issel 1996 21.70 DEN 36 92
31%
1984 45 Dan Issel 2674 33.01 DEN 35 81
31%
1983 19 Dan Issel 3179 36.13 DEN 34 88
31%
1982 19 Dan Issel 3051 36.32 DEN 33 84
31%
1981 25 Dan Issel 2877 35.96 DEN 32 80
31%
1980 16 Dan Issel 3208 39.12 DEN 31 82
31%
1979 34 Dan Issel 2856 34.00 DEN 30 84
31%
1978 4 Dan Issel 3837 40.39 DEN 29 95
31%
1977 17 Dan Issel 3168 37.27 DEN 28 85
31%
1995 42 Dan Majerle 2634 28.63 PHO 29 92
31%
1994 48 Dan Majerle 2620 29.11 PHO 28 90
31%
1993 15 Dan Majerle 3311 31.24 PHO 27 106
31%
1992 39 Dan Majerle 2847 31.99 PHO 26 89
31%
1991 86 Dan Majerle 2124 26.22 PHO 25 81
31%
1990 88 Dan Majerle 2119 23.81 PHO 24 89
31%
1993 87 Danny Ainge 2139 20.57 PHO 33 104
31%
1990 46 Danny Ainge 2705 36.07 SAC 30 75
31%
1989 65 Danny Ainge 2441 33.44 BOS,SAC 29 73
31%
1988 23 Danny Ainge 3136 32.00 BOS 28 98
31%
1987 43 Danny Ainge 2769 30.43 BOS 27 91
31%
1986 48 Danny Ainge 2585 26.38 BOS 26 98
31%
1985 45 Danny Ainge 2729 28.43 BOS 25 96
31%
1997 69 Danny Manning 2131 25.99 PHO 30 82
31%
1994 24 Danny Manning 2966 37.54 ATL,LAC 27 79
31%
1993 23 Danny Manning 3098 36.88 LAC 26 84
31%
1992 22 Danny Manning 3148 36.18 LAC 25 87
31%
1991 84 Danny Manning 2156 29.53 LAC 24 73
31%
1990 94 Danny Manning 2080 29.30 LAC 23 71
31%
2009 89 Derek Fisher 1966 18.90 LAL 34 104
31%
2008 81 Derek Fisher 2105 20.44 LAL 33 103
31%
2007 90 Derek Fisher 1891 19.30 UTA 32 98
31%
2006 69 Derek Fisher 2137 26.06 GSW 31 82
31%
2003 78 Derek Fisher 2058 21.89 LAL 28 94
31%
2023 65 Desmond Bane 2342 36.59 MEM 24 64
31%
2022 45 Desmond Bane 2597 29.51 MEM 23 88
31%
1995 68 Dino Radja 2189 31.27 BOS 27 70
31%
1994 83 Dino Radja 2150 26.88 BOS 26 80
31%
2012 71 Elton Brand 1657 22.70 PHI 32 73
31%
2011 47 Elton Brand 2465 28.66 PHI 31 86
31%
2007 18 Elton Brand 3112 38.90 LAC 27 80
31%
2006 8 Elton Brand 4007 44.03 LAC 26 91
31%
2005 24 Elton Brand 3039 37.52 LAC 25 81
31%
2004 35 Elton Brand 2765 40.07 LAC 24 69
31%
2003 51 Elton Brand 2392 38.58 LAC 23 62
31%
2002 20 Elton Brand 3003 37.54 LAC 22 80
31%
2001 30 Elton Brand 2905 39.26 CHI 21 74
31%
2000 30 Elton Brand 2945 36.36 CHI 20 81
31%
2020 59 Evan Fournier 2015 28.38 ORL 27 71
31%
2019 63 Evan Fournier 2262 26.30 ORL 26 86
31%
2017 92 Evan Fournier 1850 27.21 ORL 24 68
31%
2016 80 Evan Fournier 1962 24.84 ORL 23 79
31%
2000 49 Glen Rice 2502 24.29 LAL 32 103
31%
1998 23 Glen Rice 2932 32.22 CHH 30 91
31%
1997 29 Glen Rice 2972 36.24 CHH 29 82
31%
1996 33 Glen Rice 2662 33.70 CHH 28 79
31%
1995 35 Glen Rice 2719 33.16 MIA 27 82
31%
1994 38 Glen Rice 2786 32.40 MIA 26 86
31%
1993 58 Glen Rice 2455 29.94 MIA 25 82
31%
1992 43 Glen Rice 2731 33.30 MIA 24 82
31%
1991 78 Glen Rice 2228 28.94 MIA 23 77
31%
2012 98 Hedo Turkoglu 1392 24.00 ORL 32 58
31%
2011 70 Hedo Turkoglu 2152 24.74 ORL,PHO 31 87
31%
2009 15 Hedo Turkoglu 3278 32.46 ORL 29 101
31%
2008 18 Hedo Turkoglu 3349 36.40 ORL 28 92
31%
2007 86 Hedo Turkoglu 1920 24.94 ORL 27 77
31%
2006 82 Hedo Turkoglu 2021 25.91 ORL 26 78
31%
2002 96 Hedo Turkoglu 1869 19.47 SAC 22 96
31%
2024 85 Immanuel Quickley 2137 31.43 NYK,TOR 24 68
31%
2023 69 Immanuel Quickley 2303 25.88 NYK 23 89
31%
2025 50 Jalen Suggs 345 31.36 ORL 23 11
31%
1984 73 Jamaal Wilkes 2288 25.71 LAL 30 89
31%
1983 33 Jamaal Wilkes 2882 30.34 LAL 29 95
31%
1982 22 Jamaal Wilkes 2969 30.93 LAL 28 96
31%
1981 21 Jamaal Wilkes 2954 35.17 LAL 27 84
31%
1980 10 Jamaal Wilkes 3403 34.72 LAL 26 98
31%
1979 26 Jamaal Wilkes 3012 33.47 LAL 25 90
31%
1977 32 Jamaal Wilkes 2775 32.27 GSW 23 86
31%
1985 74 Jim Paxson 2258 29.32 POR 27 77
31%
1984 44 Jim Paxson 2688 31.26 POR 26 86
31%
1983 38 Jim Paxson 2773 31.51 POR 25 88
31%
1982 47 Jim Paxson 2466 30.07 POR 24 82
31%
1981 62 Jim Paxson 2312 28.90 POR 23 80
31%
2021 64 Joe Ingles 1975 25.32 UTA 33 78
31%
2020 64 Joe Ingles 1966 24.89 UTA 32 79
31%
2019 51 Joe Ingles 2497 28.70 UTA 31 87
31%
2018 43 Joe Ingles 2468 26.54 UTA 30 93
31%
1988 98 John Lucas 1857 21.59 MIL 34 86
31%
1987 96 John Lucas 1886 34.29 MIL 33 55
31%
1986 63 John Lucas 2373 36.51 HOU 32 65
31%
1984 71 John Lucas 2312 36.70 SAS 30 63
31%
1982 72 John Lucas 2118 24.63 WSB 28 86
31%
1980 46 John Lucas 2575 32.19 GSW 26 80
31%
1979 18 John Lucas 3256 39.71 GSW 25 82
31%
1978 26 John Lucas 2977 36.30 HOU 24 82
31%
1977 41 John Lucas 2603 27.69 HOU 23 94
31%
1987 77 John Paxson 2130 25.06 CHI 26 85
31%
1999 65 John Starks 1397 27.94 GSW 33 50
31%
1998 76 John Starks 2077 22.58 NYK 32 92
31%
1997 82 John Starks 2018 23.47 NYK 31 86
31%
1996 69 John Starks 2242 25.19 NYK 30 89
31%
1995 38 John Starks 2685 29.51 NYK 29 91
31%
1994 37 John Starks 2789 33.20 NYK 28 84
31%
1993 25 John Starks 3021 31.80 NYK 27 95
31%
1992 76 John Starks 2271 24.16 NYK 26 94
31%
2025 88 Jose Alvarado 260 23.64 NOP 26 11
31%
2024 58 Jusuf Nurkic 2527 31.59 PHO 29 80
31%
2022 91 Jusuf Nurkic 1871 33.41 POR 27 56
31%
2019 50 Jusuf Nurkic 2513 34.90 POR 24 72
31%
2018 51 Jusuf Nurkic 2399 28.90 POR 23 83
31%
2000 97 Kendall Gill 1876 24.68 NJN 31 76
31%
1999 77 Kendall Gill 1238 24.76 NJN 30 50
31%
1998 64 Kendall Gill 2165 25.77 NJN 29 84
31%
1997 23 Kendall Gill 3140 38.29 NJN 28 82
31%
1994 74 Kendall Gill 2230 26.55 SEA 25 84
31%
1993 57 Kendall Gill 2458 31.51 CHH 24 78
31%
1992 36 Kendall Gill 2882 36.48 CHH 23 79
31%
1981 81 Kermit Washington 2088 27.47 POR 29 76
31%
1980 52 Kermit Washington 2532 30.51 POR 28 83
31%
1979 79 Kermit Washington 2183 26.62 SDC 27 82
31%
1992 87 Kevin Duckworth 2121 20.59 POR 27 103
31%
1991 61 Kevin Duckworth 2396 24.70 POR 26 97
31%
1990 68 Kevin Duckworth 2418 24.93 POR 25 97
31%
1989 71 Kevin Duckworth 2349 28.65 POR 24 82
31%
1988 71 Kevin Duckworth 2149 26.21 POR 23 82
31%
1987 33 Kiki Vandeweghe 3018 36.36 POR 28 83
31%
1986 38 Kiki Vandeweghe 2760 33.25 POR 27 83
31%
1985 64 Kiki Vandeweghe 2389 29.49 POR 26 81
31%
1984 16 Kiki Vandeweghe 3451 41.58 DEN 25 83
31%
1983 10 Kiki Vandeweghe 3474 38.60 DEN 24 90
31%
1982 26 Kiki Vandeweghe 2906 34.19 DEN 23 85
31%
2020 86 LaMarcus Aldridge 1774 33.47 SAS 34 53
31%
2019 22 LaMarcus Aldridge 3266 37.11 SAS 33 88
31%
2018 24 LaMarcus Aldridge 3000 37.50 SAS 32 80
31%
2017 42 LaMarcus Aldridge 2635 29.94 SAS 31 88
31%
2016 33 LaMarcus Aldridge 2642 31.45 SAS 30 84
31%
2015 20 LaMarcus Aldridge 2948 38.79 POR 29 76
31%
2014 13 LaMarcus Aldridge 3317 41.46 POR 28 80
31%
2013 34 LaMarcus Aldridge 2767 37.39 POR 27 74
31%
2012 44 LaMarcus Aldridge 1997 36.31 POR 26 55
31%
2011 16 LaMarcus Aldridge 3198 36.76 POR 25 87
31%
2010 41 LaMarcus Aldridge 2649 31.54 POR 24 84
31%
2009 33 LaMarcus Aldridge 2734 31.43 POR 23 87
31%
2008 61 LaMarcus Aldridge 2321 30.54 POR 22 76
31%
2024 97 Lauri Markkanen 2023 36.78 UTA 26 55
31%
2023 47 Lauri Markkanen 2587 39.20 UTA 25 66
31%
1996 85 Mahmoud Abdul-Rauf 2078 36.46 DEN 26 57
31%
1995 92 Mahmoud Abdul-Rauf 1971 25.93 DEN 25 76
31%
1994 47 Mahmoud Abdul-Rauf 2660 28.91 DEN 24 92
31%
1993 51 Mahmoud Abdul-Rauf 2558 31.58 DEN 23 81
31%
2024 82 Malik Monk 2146 29.81 SAC 25 72
31%
2023 82 Malik Monk 2138 25.45 SAC 24 84
31%
2022 95 Malik Monk 1830 24.08 LAL 23 76
31%
1988 82 Mark Eaton 2003 21.54 UTA 31 93
31%
1987 85 Mark Eaton 2016 24.00 UTA 30 84
31%
1986 87 Mark Eaton 2088 24.86 UTA 29 84
31%
1985 57 Mark Eaton 2578 29.63 UTA 28 87
31%
2023 75 Mason Plumlee 2237 26.63 LAC,CHO 32 84
31%
2019 89 Mason Plumlee 1974 20.56 DEN 28 96
31%
2017 62 Mason Plumlee 2176 26.86 DEN,POR 26 81
31%
2016 49 Mason Plumlee 2313 24.87 POR 25 93
31%
1990 66 Maurice Cheeks 2425 26.65 NYK,SAS 33 91
31%
1989 68 Maurice Cheeks 2387 32.26 PHI 32 74
31%
1988 42 Maurice Cheeks 2798 35.42 PHI 31 79
31%
1987 44 Maurice Cheeks 2749 37.66 PHI 30 73
31%
1986 9 Maurice Cheeks 3733 39.71 PHI 29 94
31%
1985 37 Maurice Cheeks 2843 31.24 PHI 28 91
31%
1984 60 Maurice Cheeks 2448 30.60 PHI 27 80
31%
1983 27 Maurice Cheeks 2961 32.18 PHI 26 92
31%
1982 13 Maurice Cheeks 3466 34.66 PHI 25 100
31%
1981 27 Maurice Cheeks 2863 29.52 PHI 24 97
31%
1980 21 Maurice Cheeks 3052 31.46 PHI 23 97
31%
1979 61 Maurice Cheeks 2358 25.91 PHI 22 91
31%
1985 98 Maurice Lucas 1861 28.20 PHO 32 66
31%
1984 29 Maurice Lucas 3026 32.89 PHO 31 92
31%
1983 43 Maurice Lucas 2662 33.70 PHO 30 79
31%
1982 38 Maurice Lucas 2662 33.28 NYK 29 80
31%
1981 88 Maurice Lucas 2036 29.94 NJN 28 68
31%
1980 85 Maurice Lucas 1980 31.43 NJN,POR 27 63
31%
1979 39 Maurice Lucas 2804 38.94 POR 26 72
31%
1978 59 Maurice Lucas 2411 32.58 POR 25 74
31%
1977 5 Maurice Lucas 3895 39.74 POR 24 98
31%
2010 63 Metta World Peace 2265 22.65 LAL 30 100
31%
2009 45 Metta World Peace 2511 30.62 HOU 29 82
31%
2008 83 Metta World Peace 2065 36.23 SAC 28 57
31%
2007 48 Metta World Peace 2432 34.74 SAC 27 70
31%
2006 84 Metta World Peace 1993 32.67 SAC,IND 26 61
31%
2004 25 Metta World Peace 2971 33.76 IND 24 88
31%
2003 65 Metta World Peace 2231 29.75 IND 23 75
31%
2001 89 Metta World Peace 1854 24.39 CHI 21 76
31%
2011 66 Michael Beasley 2232 30.58 MIN 22 73
31%
2010 83 Michael Beasley 2074 24.99 MIA 21 83
31%
2009 90 Michael Beasley 1965 22.33 MIA 20 88
31%
2014 99 Mike Dunleavy Jr. 1868 21.47 CHI 33 87
31%
2008 44 Mike Dunleavy Jr. 2682 32.71 IND 27 82
31%
2007 78 Mike Dunleavy Jr. 2042 24.90 GSW,IND 26 82
31%
2006 93 Mike Dunleavy Jr. 1897 23.42 GSW 25 81
31%
2005 80 Mike Dunleavy Jr. 2003 25.35 GSW 24 79
31%
2004 99 Mike Dunleavy Jr. 1840 24.53 GSW 23 75
31%
1983 95 Mike Dunleavy Sr. 1881 20.90 SAS 28 90
31%
2021 99 Montrezl Harrell 1643 22.20 LAL 27 74
31%
2020 54 Montrezl Harrell 2139 28.14 LAC 26 76
31%
2019 48 Montrezl Harrell 2577 29.28 LAC 25 88
31%
2003 48 Nick Van Exel 2423 26.05 DAL 31 93
31%
2002 30 Nick Van Exel 2770 34.63 DAL,DEN 30 80
31%
2001 42 Nick Van Exel 2779 39.14 DEN 29 71
31%
2000 21 Nick Van Exel 3093 39.15 DEN 28 79
31%
1999 32 Nick Van Exel 1718 34.36 DEN 27 50
31%
1998 53 Nick Van Exel 2329 30.25 LAL 26 77
31%
1997 22 Nick Van Exel 3148 35.77 LAL 25 88
31%
1996 51 Nick Van Exel 2497 32.01 LAL 24 78
31%
1995 12 Nick Van Exel 3402 37.80 LAL 23 90
31%
1994 64 Nick Van Exel 2362 29.16 LAL 22 81
31%
1986 76 Otis Birdsong 2150 26.88 NJN 30 80
31%
1985 99 Otis Birdsong 1858 33.18 NJN 29 56
31%
1984 58 Otis Birdsong 2466 30.83 NJN 28 80
31%
1981 31 Otis Birdsong 2793 35.35 KCK 25 79
31%
1980 31 Otis Birdsong 2858 33.62 KCK 24 85
31%
1979 27 Otis Birdsong 2987 34.33 KCK 23 87
31%
2017 96 Patty Mills 1827 19.03 SAS 28 96
31%
1978 64 Pete Maravich 2309 46.18 NOJ 30 50
31%
1977 9 Pete Maravich 3537 48.45 NOJ 29 73
31%
1981 38 Phil Ford 2656 37.41 KCK 24 71
31%
1980 24 Phil Ford 2975 35.00 KCK 23 85
31%
1979 22 Phil Ford 3105 36.96 KCK 22 84
31%
2024 73 P.J. Washington 2289 24.09 DAL,CHO 25 95
31%
2023 100 P.J. Washington 1997 27.36 CHO 24 73
31%
2021 85 P.J. Washington 1731 26.63 CHO 22 65
31%
2016 100 Raymond Felton 1822 21.44 DAL 31 85
31%
2013 57 Raymond Felton 2341 29.26 NYK 28 80
31%
2012 65 Raymond Felton 1701 28.35 POR 27 60
31%
2011 26 Raymond Felton 2934 36.68 DEN,NYK 26 80
31%
2010 53 Raymond Felton 2392 28.48 CHA 25 84
31%
2009 34 Raymond Felton 2734 33.34 CHA 24 82
31%
2008 45 Raymond Felton 2650 33.54 CHA 23 79
31%
2007 40 Raymond Felton 2578 33.05 CHA 22 78
31%
2006 63 Raymond Felton 2215 27.69 CHA 21 80
31%
1978 86 Richard Washington 2037 26.12 KCK 22 78
31%
1977 76 Richard Washington 2090 25.49 KCK 21 82
31%
2003 91 Robert Horry 1907 20.73 LAL 32 92
31%
2002 73 Robert Horry 2160 21.60 LAL 31 100
31%
1998 91 Robert Horry 1914 22.52 LAL 27 85
31%
1996 65 Robert Horry 2296 29.06 HOU 25 79
31%
1995 64 Robert Horry 2231 25.94 HOU 24 86
31%
1994 56 Robert Horry 2528 24.31 HOU 23 104
31%
1993 98 Robert Horry 2033 22.34 HOU 22 91
31%
2002 80 Rod Strickland 2045 26.91 MIA 35 76
31%
2000 62 Rod Strickland 2278 33.01 WAS 33 69
31%
1999 23 Rod Strickland 1851 42.07 WAS 32 44
31%
1998 7 Rod Strickland 3507 46.14 WAS 31 76
31%
1997 12 Rod Strickland 3486 41.01 WSB 30 85
31%
1996 16 Rod Strickland 3169 44.01 POR 29 72
31%
1995 25 Rod Strickland 2945 43.96 POR 28 67
31%
1994 10 Rod Strickland 3626 42.16 POR 27 86
31%
1993 35 Rod Strickland 2840 34.63 POR 26 82
31%
1992 78 Rod Strickland 2250 38.14 SAS 25 59
31%
1991 76 Rod Strickland 2248 36.26 SAS 24 62
31%
1990 53 Rod Strickland 2618 28.46 SAS,NYK 23 92
31%
1992 89 Rolando Blackman 2093 27.91 DAL 32 75
31%
1991 49 Rolando Blackman 2536 31.70 DAL 31 80
31%
1990 54 Rolando Blackman 2611 31.46 DAL 30 83
31%
1989 64 Rolando Blackman 2468 31.64 DAL 29 78
31%
1988 46 Rolando Blackman 2711 30.81 DAL 28 88
31%
1987 46 Rolando Blackman 2715 32.32 DAL 27 84
31%
1986 23 Rolando Blackman 3015 32.77 DAL 26 92
31%
1985 44 Rolando Blackman 2752 32.38 DAL 25 85
31%
1984 21 Rolando Blackman 3227 35.46 DAL 24 91
31%
1983 80 Rolando Blackman 2055 27.40 DAL 23 75
31%
2022 60 Saddiq Bey 2317 28.26 DET 22 82
31%
1995 94 Scott Skiles 1944 31.35 WSB 30 62
31%
1994 91 Scott Skiles 2075 24.70 ORL 29 84
31%
1993 24 Scott Skiles 3049 39.09 ORL 28 78
31%
1992 59 Scott Skiles 2426 32.35 ORL 27 75
31%
1991 25 Scott Skiles 3040 38.48 ORL 26 79
31%
2020 81 Serge Ibaka 1815 27.50 TOR 30 66
31%
2019 52 Serge Ibaka 2489 25.40 TOR 29 98
31%
2018 90 Serge Ibaka 1871 21.76 TOR 28 86
31%
2017 58 Serge Ibaka 2283 25.65 TOR,ORL 27 89
31%
2016 54 Serge Ibaka 2221 23.14 OKC 26 96
31%
2014 32 Serge Ibaka 2762 28.18 OKC 24 98
31%
2013 59 Serge Ibaka 2310 25.38 OKC 23 91
31%
2012 54 Serge Ibaka 1835 21.34 OKC 22 86
31%
2011 80 Serge Ibaka 2056 20.77 OKC 21 99
31%
2004 47 Shareef Abdur-Rahim 2476 29.13 ATL,POR 27 85
31%
2003 31 Shareef Abdur-Rahim 2894 35.73 ATL 26 81
31%
2002 21 Shareef Abdur-Rahim 2989 38.82 ATL 25 77
31%
2001 26 Shareef Abdur-Rahim 3065 37.84 VAN 24 81
31%
2000 17 Shareef Abdur-Rahim 3206 39.10 VAN 23 82
31%
1999 13 Shareef Abdur-Rahim 1994 39.88 VAN 22 50
31%
1998 20 Shareef Abdur-Rahim 3001 36.60 VAN 21 82
31%
1997 46 Shareef Abdur-Rahim 2557 31.96 VAN 20 80
31%
1986 28 Sidney Moncrief 2931 35.74 MIL 28 82
31%
1985 23 Sidney Moncrief 3203 39.54 MIL 27 81
31%
1984 8 Sidney Moncrief 3622 38.13 MIL 26 95
31%
1983 17 Sidney Moncrief 3202 37.67 MIL 25 85
31%
1982 17 Sidney Moncrief 3220 37.44 MIL 24 86
31%
1981 55 Sidney Moncrief 2383 27.39 MIL 23 87
31%
1990 48 Sleepy Floyd 2680 31.16 HOU 29 86
31%
1989 24 Sleepy Floyd 3162 36.77 HOU 28 86
31%
1988 41 Sleepy Floyd 2804 34.62 HOU,GSW 27 81
31%
1987 5 Sleepy Floyd 4137 44.97 GSW 26 92
31%
1986 15 Sleepy Floyd 3372 41.12 GSW 25 82
31%
1985 39 Sleepy Floyd 2787 33.99 GSW 24 82
31%
1984 76 Sleepy Floyd 2234 29.01 GSW 23 77
31%
2022 97 Terance Mann 1824 21.98 LAC 25 83
31%
2025 95 Terry Rozier 254 28.22 MIA 30 9
31%
2024 79 Terry Rozier 2220 36.39 CHO,MIA 29 61
31%
2023 66 Terry Rozier 2316 36.76 CHO 28 63
31%
2022 49 Terry Rozier 2524 34.11 CHO 28,27 74
31%
2021 36 Terry Rozier 2446 34.94 CHO 27,26 70
31%
2020 61 Terry Rozier 1999 31.73 CHO 25 63
31%
2018 36 Terry Rozier 2500 25.25 BOS 23 99
31%
2009 64 T.J. Ford 2254 30.46 IND 25 74
31%
2007 31 T.J. Ford 2745 33.89 TOR 23 81
31%
2006 52 T.J. Ford 2396 31.12 MIL 22 77
31%
2024 75 T.J. McConnell 2252 25.30 IND 31 89
31%
2021 65 T.J. McConnell 1965 27.68 IND 29,28 71
31%
2017 74 T.J. McConnell 2019 24.93 PHI 24 81
31%
2025 96 Tre Mann 253 25.30 CHO 23 10
31%
2015 21 Ty Lawson 2918 38.91 DEN 27 75
31%
2014 47 Ty Lawson 2501 40.34 DEN 26 62
31%
2013 33 Ty Lawson 2785 35.25 DEN 25 79
31%
2012 19 Ty Lawson 2359 34.69 DEN 24 68
31%
2011 74 Ty Lawson 2119 24.93 DEN 23 85
31%
1996 73 Vernon Maxwell 2214 29.52 PHI 30 75
31%
1994 40 Vernon Maxwell 2770 28.27 HOU 28 98
31%
1993 90 Vernon Maxwell 2116 26.45 HOU 27 80
31%
1992 63 Vernon Maxwell 2399 29.99 HOU 26 80
31%
1991 57 Vernon Maxwell 2468 29.04 HOU 25 85
31%
1977 46 Walt Frazier 2563 33.72 NYK 31 76
31%
2014 58 Wesley Matthews 2366 25.44 POR 27 93
31%
2012 91 Wesley Matthews 1465 22.20 POR 25 66
31%
2011 76 Wesley Matthews 2099 23.85 POR 24 88
31%
1986 74 Wes Matthews 2156 27.64 SAS 26 78
31%
1981 84 Wes Matthews 2062 26.10 ATL,WSB 21 79
31%
1980 34 Wes Unseld 2809 33.44 WSB 33 84
31%
1979 25 Wes Unseld 3018 31.44 WSB 32 96
31%
1978 27 Wes Unseld 2924 29.84 WSB 31 98
31%
1977 39 Wes Unseld 2649 29.11 WSB 30 91
31%
2012 70 Al Harrington 1660 23.38 DEN 31 71
23%
2010 91 Al Harrington 1989 27.63 NYK 29 72
23%
2009 66 Al Harrington 2238 30.66 GSW,NYK 28 73
23%
2008 92 Al Harrington 1895 23.40 GSW 27 81
23%
2007 57 Al Harrington 2355 26.46 GSW,IND 26 89
23%
2006 46 Al Harrington 2509 33.01 ATL 25 76
23%
2005 69 Al Harrington 2136 32.36 ATL 24 66
23%
2004 67 Al Harrington 2230 23.47 IND 23 95
23%
2003 90 Al Harrington 1926 21.89 IND 22 88
23%
1985 84 Al Wood 2090 26.13 SEA 26 80
23%
1984 95 Al Wood 1979 23.01 SEA 25 86
23%
2011 78 Andrea Bargnani 2075 31.44 TOR 25 66
23%
2010 72 Andrea Bargnani 2191 27.39 TOR 24 80
23%
2009 92 Andrea Bargnani 1937 24.83 TOR 23 78
23%
2008 88 Antonio McDyess 1968 20.72 DET 33 95
23%
2005 95 Antonio McDyess 1885 18.48 DET 30 102
23%
2001 43 Antonio McDyess 2740 39.14 DEN 26 70
23%
2000 37 Antonio McDyess 2762 34.10 DEN 25 81
23%
1999 15 Antonio McDyess 1950 39.00 DEN 24 50
23%
1998 50 Antonio McDyess 2425 28.53 PHO 23 85
23%
1997 60 Antonio McDyess 2289 30.93 DEN 22 74
23%
2014 73 Arron Afflalo 2126 29.12 ORL 28 73
23%
2012 74 Arron Afflalo 1633 23.67 DEN 26 69
23%
2025 65 Bennedict Mathurin 299 29.90 IND 22 10
23%
1989 89 Bill Cartwright 2111 22.22 CHI 31 95
23%
1984 48 Bill Cartwright 2648 29.75 NYK 26 89
23%
1983 55 Bill Cartwright 2439 27.72 NYK 25 88
23%
1981 39 Bill Cartwright 2649 31.54 NYK 23 84
23%
1980 22 Bill Cartwright 2986 36.41 NYK 22 82
23%
2024 74 Bogdan Bogdanovic 2259 28.24 ATL 31 80
23%
2022 98 Bogdan Bogdanovic 1821 26.39 ATL 29 69
23%
2021 90 Bogdan Bogdanovic 1702 27.45 ATL 28 62
23%
2022 85 Bojan Bogdanovic 1974 26.32 UTA 32 75
23%
2021 55 Bojan Bogdanovic 2115 25.48 UTA 31 83
23%
2020 79 Bojan Bogdanovic 1837 29.16 UTA 30 63
23%
2019 61 Bojan Bogdanovic 2304 27.11 IND 29 85
23%
2018 92 Bojan Bogdanovic 1855 21.32 IND 28 87
23%
2017 93 Bojan Bogdanovic 1849 19.67 WAS,BRK 27 94
23%
1993 18 Brad Daugherty 3239 40.49 CLE 27 80
23%
1992 10 Brad Daugherty 3677 40.86 CLE 26 90
23%
1991 21 Brad Daugherty 3101 40.80 CLE 25 76
23%
1989 27 Brad Daugherty 3002 36.17 CLE 23 83
23%
1988 27 Brad Daugherty 3081 36.68 CLE 22 84
23%
1987 50 Brad Daugherty 2620 32.75 CLE 21 80
23%
1995 90 Brian Shaw 1993 20.13 ORL 28 99
23%
1994 96 Brian Shaw 1987 24.23 MIA 27 82
23%
1991 24 Brian Shaw 3076 34.18 BOS 24 90
23%
1989 77 Brian Shaw 2237 26.32 BOS 22 85
23%
1982 91 Brian Winters 1890 28.21 MIL 29 67
23%
1980 45 Brian Winters 2585 29.71 MIL 27 87
23%
1979 48 Brian Winters 2627 33.25 MIL 26 79
23%
1978 23 Brian Winters 3131 35.18 MIL 25 89
23%
1977 47 Brian Winters 2557 32.78 MIL 24 78
23%
2001 58 Charles Oakley 2389 26.54 TOR 37 90
23%
1999 92 Charles Oakley 1125 22.50 TOR 35 50
23%
1998 61 Charles Oakley 2189 24.60 NYK 34 89
23%
1997 51 Charles Oakley 2462 27.36 NYK 33 90
23%
1994 14 Charles Oakley 3277 30.63 NYK 30 107
23%
1993 100 Charles Oakley 2008 20.70 NYK 29 97
23%
1991 66 Charles Oakley 2323 29.41 NYK 27 79
23%
1990 78 Charles Oakley 2286 32.20 NYK 26 71
23%
1989 50 Charles Oakley 2637 28.98 NYK 25 91
23%
1988 34 Charles Oakley 2975 32.34 CHI 24 92
23%
1987 29 Charles Oakley 3102 36.49 CHI 23 85
23%
2010 45 Chris Kaman 2483 32.67 LAC 27 76
23%
2008 86 Chris Kaman 1991 35.55 LAC 25 56
23%
2006 62 Chris Kaman 2233 25.09 LAC 23 89
23%
2022 59 Christian Wood 2333 34.31 HOU 26 68
23%
1994 92 Craig Ehlo 2054 22.09 ATL 32 93
23%
1993 80 Craig Ehlo 2181 23.97 CLE 31 91
23%
1992 92 Craig Ehlo 2079 25.99 CLE 30 80
23%
1991 85 Craig Ehlo 2127 25.94 CLE 29 82
23%
1990 55 Craig Ehlo 2603 30.27 CLE 28 86
23%
1984 47 Darryl Dawkins 2651 28.82 NJN 27 92
23%
1983 94 Darryl Dawkins 1894 22.82 NJN 26 83
23%
1981 56 Darryl Dawkins 2344 25.48 PHI 24 92
23%
1980 28 Darryl Dawkins 2930 29.90 PHI 23 98
23%
1979 63 Darryl Dawkins 2348 26.99 PHI 22 87
23%
1984 99 Darwin Cook 1958 21.05 NJN 25 93
23%
1983 52 Darwin Cook 2505 29.82 NJN 24 84
23%
1982 88 Darwin Cook 1915 22.80 NJN 23 84
23%
1980 69 Dave Cowens 2248 29.97 BOS 31 75
23%
1979 60 Dave Cowens 2390 35.15 BOS 30 68
23%
1978 14 Dave Cowens 3384 43.95 BOS 29 77
23%
1977 51 Dave Cowens 2482 42.07 BOS 28 59
23%
2018 96 DeMarre Carroll 1845 25.27 BRK 31 73
23%
2015 73 DeMarre Carroll 2019 23.48 ATL 28 86
23%
2008 97 DeShawn Stevenson 1865 21.19 WAS 26 88
23%
1999 42 Detlef Schrempf 1557 31.14 SEA 36 50
23%
1998 25 Detlef Schrempf 2871 32.63 SEA 35 88
23%
1997 53 Detlef Schrempf 2395 32.81 SEA 34 73
23%
1996 39 Detlef Schrempf 2618 31.17 SEA 33 84
23%
1995 24 Detlef Schrempf 2951 34.31 SEA 32 86
23%
1994 59 Detlef Schrempf 2442 28.40 SEA 31 86
23%
1993 11 Detlef Schrempf 3601 41.87 IND 30 86
23%
1992 30 Detlef Schrempf 2992 36.05 IND 29 83
23%
1991 35 Detlef Schrempf 2801 32.20 IND 28 87
23%
1990 59 Detlef Schrempf 2552 31.51 IND 27 81
23%
2024 77 Devin Vassell 2234 32.85 SAS 23 68
23%
2019 71 D.J. Augustin 2172 25.26 ORL 31 86
23%
2014 100 D.J. Augustin 1867 24.57 CHI,TOR 26 76
23%
2011 48 D.J. Augustin 2456 29.95 CHA 23 82
23%
1993 88 Doc Rivers 2132 23.17 NYK 31 92
23%
1991 58 Doc Rivers 2460 29.29 ATL 29 84
23%
1989 42 Doc Rivers 2757 34.04 ATL 27 81
23%
1988 13 Doc Rivers 3679 39.99 ATL 26 92
23%
1987 19 Doc Rivers 3480 38.67 ATL 25 90
23%
1986 80 Doc Rivers 2123 34.24 ATL 24 62
23%
1985 76 Doc Rivers 2224 32.23 ATL 23 69
23%
2024 61 Donte DiVincenzo 2510 26.70 NYK 27 94
23%
2004 56 Doug Christie 2407 25.61 SAC 33 94
23%
2003 53 Doug Christie 2367 25.73 SAC 32 92
23%
2002 35 Doug Christie 2680 27.63 SAC 31 97
23%
2001 60 Doug Christie 2352 26.43 SAC 30 89
23%
2000 83 Doug Christie 2009 26.43 TOR 29 76
23%
1999 56 Doug Christie 1480 29.60 TOR 28 50
23%
1998 42 Doug Christie 2502 32.08 TOR 27 78
23%
1997 49 Doug Christie 2484 30.67 TOR 26 81
23%
1978 55 Earl Monroe 2441 29.77 NYK 33 82
23%
1977 42 Earl Monroe 2602 33.79 NYK 32 77
23%
2008 69 Earl Watson 2205 28.27 SEA 28 78
23%
2007 87 Earl Watson 1907 24.77 SEA 27 77
23%
2010 99 Emeka Okafor 1883 22.96 NOH 27 82
23%
2009 69 Emeka Okafor 2202 26.85 CHA 26 82
23%
2008 60 Emeka Okafor 2349 28.65 CHA 25 82
23%
2007 73 Emeka Okafor 2109 31.48 CHA 24 67
23%
2005 58 Emeka Okafor 2215 30.34 CHA 22 73
23%
2021 86 Eric Bledsoe 1728 24.34 NOP 31 71
23%
2020 51 Eric Bledsoe 2201 31.44 MIL 30 70
23%
2019 33 Eric Bledsoe 3019 32.46 MIL 29 93
23%
2018 31 Eric Bledsoe 2713 33.49 MIL,PHO 28 81
23%
2017 40 Eric Bledsoe 2668 40.42 PHO 27 66
23%
2015 19 Eric Bledsoe 2958 36.52 PHO 25 81
23%
2004 77 Erick Dampier 2090 28.24 GSW 28 74
23%
1998 78 Erick Dampier 2052 25.02 GSW 22 82
23%
2018 87 E'Twaun Moore 1887 20.74 NOP 28 91
23%
1981 93 George McGinnis 2014 28.37 IND 30 71
23%
1980 48 George McGinnis 2561 35.08 DEN,IND 29 73
23%
1979 16 George McGinnis 3326 43.76 DEN 28 76
23%
1978 9 George McGinnis 3450 39.20 PHI 27 88
23%
1977 3 George McGinnis 4039 41.21 PHI 26 98
23%
1996 76 Gheorghe Muresan 2168 28.53 WSB 24 76
23%
2020 44 Goran Dragic 2354 30.97 MIA 33 76
23%
2018 34 Goran Dragic 2552 31.90 MIA 31 80
23%
2017 36 Goran Dragic 2710 37.12 MIA 30 73
23%
2016 34 Goran Dragic 2638 30.67 MIA 29 86
23%
2015 41 Goran Dragic 2342 30.03 MIA,PHO 28 78
23%
2014 30 Goran Dragic 2807 36.93 PHO 27 76
23%
2013 40 Goran Dragic 2660 34.55 PHO 26 77
23%
2012 59 Goran Dragic 1740 26.36 HOU 25 66
23%
2020 76 Gordon Hayward 1852 32.49 BOS 29 57
23%
2019 97 Gordon Hayward 1895 23.40 BOS 28 81
23%
2017 23 Gordon Hayward 3011 35.85 UTA 26 84
23%
2016 31 Gordon Hayward 2689 33.61 UTA 25 80
23%
2015 30 Gordon Hayward 2600 34.21 UTA 24 76
23%
2014 41 Gordon Hayward 2589 33.62 UTA 23 77
23%
2012 81 Gordon Hayward 1587 22.67 UTA 21 70
23%
2017 64 Greg Monroe 2141 24.61 MIL 26 87
23%
2016 45 Greg Monroe 2401 30.39 MIL 25 79
23%
2015 54 Greg Monroe 2198 31.86 DET 24 69
23%
2014 49 Greg Monroe 2489 30.35 DET 23 82
23%
2013 32 Greg Monroe 2797 34.53 DET 22 81
23%
2012 39 Greg Monroe 2085 31.59 DET 21 66
23%
2024 90 Isaiah Hartenstein 2076 23.59 NYK 25 88
23%
1990 89 Jack Sikma 2114 28.19 MIL 34 75
23%
1989 49 Jack Sikma 2642 29.69 MIL 33 89
23%
1988 33 Jack Sikma 2981 34.26 MIL 32 87
23%
1987 42 Jack Sikma 2846 30.28 MIL 31 94
23%
1986 30 Jack Sikma 2886 36.08 SEA 30 80
23%
1985 46 Jack Sikma 2726 40.09 SEA 29 68
23%
1984 13 Jack Sikma 3496 40.18 SEA 28 87
23%
1983 31 Jack Sikma 2926 38.00 SEA 27 77
23%
1982 9 Jack Sikma 3738 41.53 SEA 26 90
23%
1981 17 Jack Sikma 3049 37.18 SEA 25 82
23%
1980 14 Jack Sikma 3220 33.20 SEA 24 97
23%
1979 13 Jack Sikma 3542 35.78 SEA 23 99
23%
1978 49 Jack Sikma 2492 23.96 SEA 22 104
23%
1988 87 James Donaldson 1952 19.92 DAL 30 98
23%
1987 73 James Donaldson 2216 26.07 DAL 29 85
23%
1986 78 James Donaldson 2134 22.95 DAL,LAC 28 93
23%
1985 100 James Donaldson 1851 22.57 LAC 27 82
23%
1984 97 James Donaldson 1977 24.11 SDC 26 82
23%
1992 79 Jay Humphries 2239 31.54 MIL 29 71
23%
1991 37 Jay Humphries 2750 33.13 MIL 28 83
23%
1990 47 Jay Humphries 2690 32.02 MIL 27 84
23%
1989 74 Jay Humphries 2296 28.00 MIL 26 82
23%
1987 54 Jay Humphries 2568 31.32 PHO 24 82
23%
1986 65 Jay Humphries 2358 28.76 PHO 23 82
23%
1988 83 Jay Vincent 1989 24.56 DEN 28 81
23%
1986 83 Jay Vincent 2101 23.34 DAL 26 90
23%
1985 51 Jay Vincent 2652 31.95 DAL 25 83
23%
1983 46 Jay Vincent 2644 32.64 DAL 23 81
23%
1982 33 Jay Vincent 2760 34.07 DAL 22 81
23%
1999 59 Jeff Hornacek 1435 24.32 UTA 35 59
23%
1998 32 Jeff Hornacek 2650 26.50 UTA 34 100
23%
1997 37 Jeff Hornacek 2855 27.99 UTA 33 102
23%
1996 28 Jeff Hornacek 2784 27.84 UTA 32 100
23%
1995 47 Jeff Hornacek 2512 29.21 UTA 31 86
23%
1994 21 Jeff Hornacek 2975 30.99 UTA,PHI 30 96
23%
1993 22 Jeff Hornacek 3101 39.25 PHI 29 79
23%
1992 13 Jeff Hornacek 3364 37.80 PHO 28 89
23%
1991 38 Jeff Hornacek 2735 32.56 PHO 27 84
23%
1990 39 Jeff Hornacek 2827 34.06 PHO 26 83
23%
1989 41 Jeff Hornacek 2768 30.76 PHO 25 90
23%
1988 70 Jeff Hornacek 2240 27.32 PHO 24 82
23%
2015 57 Joakim Noah 2178 27.57 CHI 29 79
23%
2014 16 Joakim Noah 3163 37.21 CHI 28 85
23%
2013 43 Joakim Noah 2596 33.28 CHI 27 78
23%
2012 55 Joakim Noah 1831 27.33 CHI 26 67
23%
2011 98 Joakim Noah 1824 28.50 CHI 25 64
23%
2010 92 Joakim Noah 1968 28.52 CHI 24 69
23%
1988 94 Joe Barry Carroll 1918 23.68 HOU,GSW 29 81
23%
1987 24 Joe Barry Carroll 3283 36.08 GSW 28 91
23%
1986 27 Joe Barry Carroll 2943 37.25 GSW 27 79
23%
1984 32 Joe Barry Carroll 2916 36.45 GSW 25 80
23%
1983 18 Joe Barry Carroll 3196 40.46 GSW 24 79
23%
1982 61 Joe Barry Carroll 2241 29.49 GSW 23 76
23%
1981 35 Joe Barry Carroll 2711 33.06 GSW 22 82
23%
1992 58 Johnny Dawkins 2443 29.79 PHI 28 82
23%
1990 25 Johnny Dawkins 3110 34.18 PHI 26 91
23%
1988 65 Johnny Dawkins 2311 33.99 SAS 24 68
23%
1985 14 Johnny Moore 3495 40.17 SAS 26 87
23%
1984 88 Johnny Moore 2048 34.71 SAS 25 59
23%
1983 7 Johnny Moore 3597 40.88 SAS 24 88
23%
1982 20 Johnny Moore 3047 34.63 SAS 23 88
23%
1988 90 John Salley 1929 18.37 DET 23 105
23%
2015 89 Kenneth Faried 1911 25.48 DEN 25 75
23%
2014 76 Kenneth Faried 2111 26.39 DEN 24 80
23%
2013 73 Kenneth Faried 2076 24.42 DEN 23 85
23%
2018 98 Kentavious Caldwell-Pope 1825 24.66 LAL 24 74
23%
2016 88 Kentavious Caldwell-Pope 1898 23.73 DET 22 80
23%
2012 53 Kris Humphries 1840 29.68 NJN 26 62
23%
2018 95 Lance Stephenson 1849 20.78 IND 27 89
23%
2014 22 Lance Stephenson 2987 30.79 IND 23 97
23%
2013 75 Lance Stephenson 2008 20.70 IND 22 97
23%
2007 59 Larry Hughes 2335 26.53 CLE 28 88
23%
2005 30 Larry Hughes 2870 40.42 WAS 26 71
23%
2004 94 Larry Hughes 1891 31.00 WAS 25 61
23%
2002 92 Larry Hughes 1908 26.14 GSW 23 73
23%
2000 72 Larry Hughes 2128 25.95 GSW,PHI 21 82
23%
1993 32 Larry Nance 2917 33.92 CLE 33 86
23%
1992 12 Larry Nance 3441 35.11 CLE 32 98
23%
1991 28 Larry Nance 2963 37.04 CLE 31 80
23%
1990 84 Larry Nance 2147 32.04 CLE 30 67
23%
1989 53 Larry Nance 2604 33.38 CLE 29 78
23%
1988 48 Larry Nance 2692 37.39 CLE,PHO 28 72
23%
1987 41 Larry Nance 2851 41.32 PHO 27 69
23%
1986 37 Larry Nance 2772 37.97 PHO 26 73
23%
1985 75 Larry Nance 2257 37.00 PHO 25 61
23%
1984 18 Larry Nance 3382 34.16 PHO 24 99
23%
1983 34 Larry Nance 2866 33.72 PHO 23 85
23%
2000 70 Lindsey Hunter 2146 25.25 DET 29 85
23%
1999 70 Lindsey Hunter 1312 24.30 DET 28 54
23%
1997 84 Lindsey Hunter 1972 22.67 DET 26 87
23%
1994 99 Lindsey Hunter 1943 23.70 DET 23 82
23%
2018 100 Marcin Gortat 1820 20.68 WAS 33 88
23%
2017 54 Marcin Gortat 2396 25.22 WAS 32 95
23%
2016 62 Marcin Gortat 2108 28.11 WAS 31 75
23%
2015 40 Marcin Gortat 2344 25.48 WAS 30 92
23%
2014 42 Marcin Gortat 2576 28.00 WAS 29 92
23%
2012 46 Marcin Gortat 1941 29.41 PHO 27 66
23%
1978 8 Marvin Webster 3619 34.80 SEA 25 104
23%
2001 69 Mookie Blaylock 2139 31.00 GSW 33 69
23%
2000 68 Mookie Blaylock 2238 30.66 GSW 32 73
23%
1999 30 Mookie Blaylock 1769 31.04 ATL 31 57
23%
1998 40 Mookie Blaylock 2559 34.58 ATL 30 74
23%
1997 16 Mookie Blaylock 3312 37.64 ATL 29 88
23%
1996 17 Mookie Blaylock 3157 34.69 ATL 28 91
23%
1995 15 Mookie Blaylock 3329 40.11 ATL 27 83
23%
1994 7 Mookie Blaylock 3799 41.29 ATL 26 92
23%
1993 28 Mookie Blaylock 2990 36.02 ATL 25 83
23%
1992 53 Mookie Blaylock 2592 34.11 NJN 24 76
23%
1991 65 Mookie Blaylock 2357 32.74 NJN 23 72
23%
2018 97 Nicolas Batum 1832 28.63 CHO 29 64
23%
2017 39 Nicolas Batum 2672 34.70 CHO 28 77
23%
2016 43 Nicolas Batum 2485 33.13 CHO 27 75
23%
2015 68 Nicolas Batum 2048 26.95 POR 26 76
23%
2014 19 Nicolas Batum 3029 32.57 POR 25 93
23%
2013 54 Nicolas Batum 2353 32.23 POR 24 73
23%
2000 90 Othella Harrington 1927 23.50 VAN 26 82
23%
1999 86 Otis Thorpe 1151 23.49 WAS 36 49
23%
1997 76 Otis Thorpe 2091 24.89 DET 34 84
23%
1996 63 Otis Thorpe 2341 27.54 DET 33 85
23%
1994 19 Otis Thorpe 3111 29.63 HOU 31 105
23%
1993 71 Otis Thorpe 2282 27.17 HOU 30 84
23%
1992 37 Otis Thorpe 2871 35.01 HOU 29 82
23%
1991 33 Otis Thorpe 2858 33.62 HOU 28 85
23%
1990 36 Otis Thorpe 2879 33.48 HOU 27 86
23%
1989 37 Otis Thorpe 2794 32.49 HOU 26 86
23%
1988 21 Otis Thorpe 3191 38.91 SAC 25 82
23%
1987 39 Otis Thorpe 2874 35.05 SAC 24 82
23%
1985 96 Otis Thorpe 1901 23.18 KCK 22 82
23%
2025 75 Payton Pritchard 278 25.27 BOS 27 11
23%
1986 51 Purvis Short 2549 39.83 GSW 28 64
23%
1985 24 Purvis Short 3195 40.96 GSW 27 78
23%
1984 35 Purvis Short 2847 36.04 GSW 26 79
23%
1983 61 Purvis Short 2355 35.15 GSW 25 67
23%
1982 96 Purvis Short 1854 24.39 GSW 24 76
23%
1981 65 Purvis Short 2255 28.54 GSW 23 79
23%
2009 70 Richard Hamilton 2180 30.70 DET 30 71
23%
2008 37 Richard Hamilton 2766 31.08 DET 29 89
23%
2007 26 Richard Hamilton 2917 32.05 DET 28 91
23%
2006 29 Richard Hamilton 3020 30.82 DET 27 98
23%
2005 16 Richard Hamilton 3400 33.66 DET 26 101
23%
2004 15 Richard Hamilton 3216 31.84 DET 25 101
23%
2003 27 Richard Hamilton 2976 30.06 DET 24 99
23%
2002 95 Richard Hamilton 1870 29.68 WAS 23 63
23%
2001 68 Richard Hamilton 2182 27.97 WAS 22 78
23%
1984 90 Rick Mahorn 2024 23.53 WSB 25 86
23%
1983 74 Rick Mahorn 2141 26.11 WSB 24 82
23%
1982 53 Rick Mahorn 2351 27.02 WSB 23 87
23%
2000 75 Rik Smits 2100 20.79 IND 33 101
23%
1999 60 Rik Smits 1434 23.13 IND 32 62
23%
1998 47 Rik Smits 2463 27.67 IND 31 89
23%
1996 90 Rik Smits 2035 29.93 IND 29 68
23%
1995 28 Rik Smits 2889 30.41 IND 28 95
23%
1994 52 Rik Smits 2571 27.35 IND 27 94
23%
1993 94 Rik Smits 2076 24.42 IND 26 85
23%
1990 73 Rik Smits 2346 27.60 IND 23 85
23%
1987 65 Robert Reid 2334 27.46 HOU 31 85
23%
1986 54 Robert Reid 2521 24.72 HOU 30 102
23%
1982 48 Robert Reid 2422 30.28 HOU 26 80
23%
1981 7 Robert Reid 3552 34.49 HOU 25 103
23%
1980 67 Robert Reid 2355 28.37 HOU 24 83
23%
1979 93 Robert Reid 1997 23.77 HOU 23 84
23%
1979 62 Rudy Tomjanovich 2356 31.00 HOU 30 76
23%
1977 15 Rudy Tomjanovich 3231 34.74 HOU 28 93
23%
2006 26 Sam Cassell 3111 34.57 LAC 36 90
23%
2004 5 Sam Cassell 3638 37.51 MIN 34 97
23%
2003 24 Sam Cassell 3038 36.17 MIL 33 84
23%
2002 24 Sam Cassell 2861 38.66 MIL 32 74
23%
2001 15 Sam Cassell 3586 38.15 MIL 31 94
23%
2000 6 Sam Cassell 3565 41.45 MIL 30 86
23%
1998 16 Sam Cassell 3066 39.31 NJN 28 78
23%
1995 51 Sam Cassell 2398 23.06 HOU 25 104
23%
2025 56 Santi Aldama 320 29.09 MEM 24 11
23%
1999 64 Sean Elliott 1415 21.12 SAS 30 67
23%
1996 30 Sean Elliott 2716 31.22 SAS 27 87
23%
1995 36 Sean Elliott 2710 28.23 SAS 26 96
23%
1993 59 Sean Elliott 2444 30.55 SAS 24 80
23%
1992 60 Sean Elliott 2413 28.39 SAS 23 85
23%
1991 59 Sean Elliott 2453 28.52 SAS 22 86
23%
2002 72 Shane Battier 2177 27.91 MEM 23 78
23%
1978 71 Sidney Wicks 2211 27.30 BOS 28 81
23%
1977 33 Sidney Wicks 2774 30.48 BOS 27 91
23%
1983 76 Terry Tyler 2107 25.70 DET 26 82
23%
1982 100 Terry Tyler 1797 21.91 DET 25 82
23%
1981 66 Terry Tyler 2231 27.21 DET 24 82
23%
1980 73 Terry Tyler 2217 27.04 DET 23 82
23%
1979 78 Terry Tyler 2187 26.67 DET 22 82
23%
2013 77 Tiago Splitter 1989 19.89 SAS 28 100
23%
1982 56 Tiny Archibald 2324 30.58 BOS 33 76
23%
1981 13 Tiny Archibald 3132 32.29 BOS 32 97
23%
1980 20 Tiny Archibald 3077 34.57 BOS 31 89
23%
2020 58 T.J. Warren 2055 28.94 IND 26 71
23%
2018 89 T.J. Warren 1880 28.92 PHO 24 65
23%
1983 89 Tree Rollins 1981 23.87 ATL 27 83
23%
1980 81 Tree Rollins 2057 23.64 ATL 24 87
23%
2018 88 Tyreke Evans 1887 36.29 MEM 28 52
23%
2015 16 Tyreke Evans 3014 36.31 NOP 25 83
23%
2014 67 Tyreke Evans 2214 30.75 NOP 24 72
23%
2013 95 Tyreke Evans 1849 28.45 SAC 23 65
23%
2012 43 Tyreke Evans 2005 31.83 SAC 22 63
23%
2011 81 Tyreke Evans 2040 35.79 SAC 21 57
23%
2010 32 Tyreke Evans 2793 38.79 SAC 20 72
23%
2018 13 Victor Oladipo 3326 40.56 IND 25 82
23%
2017 86 Victor Oladipo 1921 26.68 OKC 24 72
23%
2016 53 Victor Oladipo 2232 31.00 ORL 23 72
23%
2015 43 Victor Oladipo 2323 32.26 ORL 22 72
23%
2014 64 Victor Oladipo 2255 28.19 ORL 21 80
23%
1996 57 Vinny Del Negro 2427 26.38 SAS 29 92
23%
1995 96 Vinny Del Negro 1904 21.16 SAS 28 90
23%
2006 65 Wally Szczerbiak 2164 30.06 BOS,MIN 28 72
23%
2005 81 Wally Szczerbiak 1994 24.62 MIN 27 81
23%
2002 37 Wally Szczerbiak 2618 30.80 MIN 24 85
23%
2001 62 Wally Szczerbiak 2306 26.81 MIN 23 86
23%
1986 42 World B. Free 2710 36.13 CLE 32 75
23%
1985 47 World B. Free 2722 36.29 CLE 31 75
23%
1984 62 World B. Free 2440 32.53 CLE 30 75
23%
1983 48 World B. Free 2636 36.11 CLE,GSW 29 73
23%
1982 24 World B. Free 2954 37.87 GSW 28 78
23%
1981 45 World B. Free 2542 39.11 GSW 27 65
23%
1980 25 World B. Free 2972 43.71 SDC 26 68
23%
1979 14 World B. Free 3371 43.22 SDC 25 78
23%
1978 60 World B. Free 2400 27.91 PHI 24 86
23%
1977 53 World B. Free 2426 26.09 PHI 23 93
23%
2006 92 Zaza Pachulia 1910 24.49 ATL 21 78
23%
2019 90 Al-Farouq Aminu 1958 20.19 POR 28 97
15%
2016 68 Al-Farouq Aminu 2053 22.08 POR 25 93
15%
1985 52 Andrew Toney 2637 31.77 PHI 27 83
15%
1984 40 Andrew Toney 2777 33.46 PHI 26 83
15%
1983 26 Andrew Toney 3026 32.54 PHI 25 93
15%
1982 32 Andrew Toney 2787 28.44 PHI 24 98
15%
1981 78 Andrew Toney 2110 23.19 PHI 23 91
15%
2025 85 Ayo Dosunmu 263 23.91 CHI 25 11
15%
1991 74 Benoit Benjamin 2262 30.16 SEA,LAC 26 75
15%
1990 83 Benoit Benjamin 2180 30.70 LAC 25 71
15%
1989 56 Benoit Benjamin 2587 32.75 LAC 24 79
15%
1988 81 Benoit Benjamin 2009 30.44 LAC 23 66
15%
1987 94 Benoit Benjamin 1931 26.82 LAC 22 72
15%
1986 98 Benoit Benjamin 1906 24.13 LAC 21 79
15%
1983 73 Billy Knight 2152 26.90 IND 30 80
15%
1981 61 Billy Knight 2316 27.57 IND 28 84
15%
1978 87 Billy Knight 2015 38.02 BUF 25 53
15%
1977 14 Billy Knight 3313 42.47 IND 24 78
15%
1979 10 Bob Dandridge 3712 38.27 WSB 31 97
15%
1978 16 Bob Dandridge 3328 35.40 WSB 30 94
15%
1977 48 Bob Dandridge 2552 36.46 MIL 29 70
15%
2003 50 Bonzi Wells 2416 29.46 POR 26 82
15%
2002 58 Bonzi Wells 2327 30.22 POR 25 77
15%
2001 91 Bonzi Wells 1847 24.63 POR 24 75
15%
2016 97 Brandon Knight 1827 35.13 PHO 24 52
15%
2015 62 Brandon Knight 2074 32.92 MIL,PHO 23 63
15%
2014 61 Brandon Knight 2336 32.44 MIL 22 72
15%
2013 88 Brandon Knight 1918 25.57 DET 21 75
15%
2012 76 Brandon Knight 1619 24.53 DET 20 66
15%
2006 48 Brevin Knight 2475 35.87 CHA 30 69
15%
2005 66 Brevin Knight 2154 32.64 CHA 29 66
15%
1999 82 Brevin Knight 1185 30.38 CLE 23 39
15%
1998 36 Brevin Knight 2593 30.87 CLE 22 84
15%
1986 64 Calvin Natt 2372 30.03 DEN 29 79
15%
1985 11 Calvin Natt 3571 38.40 DEN 28 93
15%
1984 65 Calvin Natt 2364 28.14 POR 27 84
15%
1983 32 Calvin Natt 2890 33.22 POR 26 87
15%
1982 55 Calvin Natt 2337 31.16 POR 25 75
15%
1980 35 Calvin Natt 2797 34.53 POR,NJN 23 81
15%
2000 98 Cedric Ceballos 1869 27.09 DAL 30 69
15%
1996 32 Cedric Ceballos 2670 32.56 LAL 26 82
15%
1995 60 Cedric Ceballos 2272 33.41 LAL 25 68
15%
1977 92 Charles Dudley 1856 20.85 GSW 26 89
15%
1993 53 Chuck Person 2525 32.37 MIN 28 78
15%
1992 38 Chuck Person 2849 33.92 IND 27 84
15%
1991 43 Chuck Person 2635 31.00 IND 26 85
15%
1990 57 Chuck Person 2578 32.23 IND 25 80
15%
1989 32 Chuck Person 2923 36.54 IND 24 80
15%
1988 52 Chuck Person 2576 32.61 IND 23 79
15%
1987 30 Chuck Person 3102 36.07 IND 22 86
15%
2001 71 Clarence Weatherspoon 2116 25.80 CLE 30 82
15%
1997 70 Clarence Weatherspoon 2122 25.88 PHI 26 82
15%
1996 41 Clarence Weatherspoon 2589 33.19 PHI 25 78
15%
1995 48 Clarence Weatherspoon 2511 33.04 PHI 24 76
15%
1994 26 Clarence Weatherspoon 2938 35.83 PHI 23 82
15%
1993 67 Clarence Weatherspoon 2315 28.23 PHI 22 82
15%
1978 98 Clifford Ray 1908 24.15 GSW 29 79
15%
1977 85 Clifford Ray 1883 21.64 GSW 28 87
15%
2024 62 Collin Sexton 2509 32.17 UTA 25 78
15%
2021 48 Collin Sexton 2243 37.38 CLE 22 60
15%
2020 60 Collin Sexton 2009 30.91 CLE 21 65
15%
2019 75 Collin Sexton 2143 26.13 CLE 20 82
15%
2015 77 Corey Brewer 1984 20.45 HOU,MIN 28 97
15%
2010 100 Corey Brewer 1877 22.89 MIN 23 82
15%
1996 98 Danny Ferry 1942 22.85 CLE 29 85
15%
1988 57 Danny Schayes 2465 26.79 DEN 28 92
15%
1983 67 Danny Schayes 2241 24.90 DEN,UTA 23 90
15%
1987 98 Darrell Griffith 1857 22.93 UTA 28 81
15%
1985 32 Darrell Griffith 3028 34.41 UTA 26 88
15%
1984 26 Darrell Griffith 3056 32.86 UTA 25 93
15%
1983 40 Darrell Griffith 2724 35.38 UTA 24 77
15%
1982 51 Darrell Griffith 2390 29.88 UTA 23 80
15%
1981 48 Darrell Griffith 2493 30.78 UTA 22 81
15%
1978 90 Dave Bing 1997 24.96 BOS 34 80
15%
2024 71 Deni Avdija 2310 30.80 WAS 23 75
15%
1996 91 Derrick McKey 2016 25.20 IND 29 80
15%
1995 41 Derrick McKey 2649 27.03 IND 28 98
15%
1994 54 Derrick McKey 2549 27.71 IND 27 92
15%
1993 62 Derrick McKey 2401 25.01 SEA 26 96
15%
1991 90 Derrick McKey 2103 27.31 SEA 24 77
15%
1990 79 Derrick McKey 2285 28.56 SEA 23 80
15%
1989 54 Derrick McKey 2597 28.86 SEA 22 90
15%
2004 48 Donyell Marshall 2474 30.17 CHI,TOR 30 82
15%
2003 68 Donyell Marshall 2195 28.14 CHI 29 78
15%
2001 67 Donyell Marshall 2208 25.67 UTA 27 86
15%
2000 82 Donyell Marshall 2017 31.52 GSW 26 64
15%
1999 98 Donyell Marshall 1088 22.67 GSW 25 48
15%
1998 59 Donyell Marshall 2237 30.64 GSW 24 73
15%
2012 88 Drew Gooden 1497 26.73 MIL 30 56
15%
2007 62 Drew Gooden 2287 22.87 CLE 25 100
15%
2006 90 Drew Gooden 1949 21.18 CLE 24 92
15%
2005 50 Drew Gooden 2350 28.66 CLE 23 82
15%
2003 99 Drew Gooden 1788 23.22 ORL,MEM 21 77
15%
2016 82 Emmanuel Mudiay 1948 28.65 DEN 19 68
15%
2004 58 Eric Snow 2354 28.71 PHI 30 82
15%
2003 29 Eric Snow 2917 31.03 PHI 29 94
15%
2002 83 Eric Snow 1993 30.20 PHI 28 66
15%
2001 77 Eric Snow 2016 27.62 PHI 27 73
15%
2000 56 Eric Snow 2430 27.93 PHI 26 87
15%
1999 45 Eric Snow 1533 27.38 PHI 25 56
15%
2017 80 Ersan Ilyasova 1975 22.44 ATL,OKC,PHI 29 88
15%
2013 90 Ersan Ilyasova 1915 24.87 MIL 25 77
15%
2012 86 Ersan Ilyasova 1539 25.65 MIL 24 60
15%
1993 97 Frank Brickowski 2036 30.85 MIL 33 66
15%
1988 61 Frank Brickowski 2360 32.33 SAS 28 73
15%
1979 99 Gail Goodrich 1938 26.19 NOJ 35 74
15%
1978 63 Gail Goodrich 2361 29.15 NOJ 34 81
15%
1999 71 Gary Trent 1276 28.36 DAL 24 45
15%
2022 83 Gary Trent Jr. 2024 26.63 TOR 23 76
15%
2013 25 Greivis Vasquez 2900 37.18 NOH 26 78
15%
2012 85 Greivis Vasquez 1548 23.45 NOH 25 66
15%
2000 94 Isaiah Rider 1901 31.68 ATL 28 60
15%
1999 62 Isaiah Rider 1426 23.77 POR 27 60
15%
1998 46 Isaiah Rider 2476 31.74 POR 26 78
15%
1997 77 Isaiah Rider 2085 26.06 POR 25 80
15%
1996 66 Isaiah Rider 2276 30.35 MIN 24 75
15%
1995 54 Isaiah Rider 2363 31.51 MIN 23 75
15%
1994 87 Isaiah Rider 2114 26.76 MIN 22 79
15%
2021 89 Jae Crowder 1704 20.78 PHO 30 82
15%
2020 65 Jae Crowder 1959 22.78 MIA,MEM 29 86
15%
2017 57 Jae Crowder 2301 25.57 BOS 26 90
15%
2016 75 Jae Crowder 1976 25.01 BOS 25 79
15%
2022 90 Jae'Sean Tate 1896 24.31 HOU 26 78
15%
2021 98 Jae'Sean Tate 1645 23.50 HOU 25 70
15%
2006 98 Jamaal Magloire 1854 21.31 MIL 27 87
15%
2004 53 Jamaal Magloire 2443 27.45 NOH 25 89
15%
2003 80 Jamaal Magloire 2034 23.11 NOH 24 88
15%
2003 14 Jamal Mashburn 3454 40.16 NOH 30 86
15%
2001 17 Jamal Mashburn 3464 40.28 CHH 28 86
15%
2000 39 Jamal Mashburn 2696 31.35 MIA 27 86
15%
1997 88 Jamal Mashburn 1965 22.85 MIA,DAL 24 86
15%
1995 26 Jamal Mashburn 2943 36.79 DAL 22 80
15%
1994 57 Jamal Mashburn 2501 31.66 DAL 21 79
15%
1981 73 James Bailey 2165 26.40 SEA 23 82
15%
1981 60 James Silas 2327 28.38 SAS 31 82
15%
1980 65 James Silas 2376 29.70 SAS 30 80
15%
1979 49 James Silas 2554 27.46 SAS 29 93
15%
2012 95 Jared Dudley 1416 21.78 PHO 26 65
15%
2016 65 Jared Sullinger 2076 23.86 BOS 23 87
15%
2014 96 Jared Sullinger 1903 25.72 BOS 21 74
15%
2012 83 JaVale McGee 1561 22.96 DEN,WAS 24 68
15%
2019 77 Jeremy Lamb 2106 26.66 CHO 26 79
15%
2018 99 Jeremy Lamb 1822 22.78 CHO 25 80
15%
1992 31 Jerome Kersey 2988 30.49 POR 29 98
15%
1991 39 Jerome Kersey 2726 30.63 POR 28 89
15%
1990 19 Jerome Kersey 3313 32.17 POR 27 103
15%
1989 38 Jerome Kersey 2776 35.14 POR 26 79
15%
1988 32 Jerome Kersey 2989 36.01 POR 25 83
15%
1987 76 Jerome Kersey 2147 24.97 POR 24 86
15%
1977 74 Jim Brewer 2094 24.93 CLE 25 84
15%
2018 86 J.J. Barea 1908 27.65 DAL 33 69
15%
2011 88 J.J. Barea 1967 19.28 DAL 26 102
15%
1984 74 John Drew 2287 24.86 UTA 29 92
15%
1982 83 John Drew 1967 27.32 ATL 27 72
15%
1981 79 John Drew 2108 31.46 ATL 26 67
15%
1980 56 John Drew 2464 28.99 ATL 25 85
15%
1979 32 John Drew 2931 33.31 ATL 24 88
15%
1978 40 John Drew 2637 36.63 ATL 23 72
15%
1977 29 John Drew 2862 38.68 ATL 22 74
15%
1991 88 Johnny Newman 2118 26.15 CHH 27 81
15%
1989 82 Johnny Newman 2170 24.11 NYK 25 90
15%
1990 93 Kelly Tripucka 2093 26.49 CHH 30 79
15%
1989 66 Kelly Tripucka 2425 34.15 CHH 29 71
15%
1986 39 Kelly Tripucka 2736 32.19 DET 26 85
15%
1984 46 Kelly Tripucka 2663 32.88 DET 24 81
15%
1983 60 Kelly Tripucka 2361 40.71 DET 23 58
15%
1982 31 Kelly Tripucka 2860 34.88 DET 22 82
15%
2020 71 Kendrick Nunn 1885 22.99 MIA 24 82
15%
1994 94 Ken Norman 2027 24.72 MIL 29 82
15%
1993 70 Ken Norman 2288 28.25 LAC 28 81
15%
1991 83 Ken Norman 2160 30.86 LAC 26 70
15%
1990 96 Ken Norman 2055 29.36 LAC 25 70
15%
1989 36 Ken Norman 2843 35.54 LAC 24 80
15%
2023 92 Kevin Huerter 2060 25.12 SAC 24 82
15%
2021 58 Kevin Huerter 2035 23.39 ATL 22 87
15%
2023 78 Kevon Looney 2207 23.23 GSW 26 95
15%
2022 89 Kevon Looney 1929 18.55 GSW 25 104
15%
1989 96 Kurt Rambis 2010 26.80 CHH 30 75
15%
1985 69 Larry Drew 2308 32.06 KCK 26 72
15%
1984 49 Larry Drew 2633 34.64 KCK 25 76
15%
1983 23 Larry Drew 3073 40.97 KCK 24 75
15%
1982 82 Larry Drew 1972 24.35 KCK 23 81
15%
1980 23 Larry Kenon 2978 36.77 SAS 27 81
15%
1979 5 Larry Kenon 3984 41.94 SAS 26 95
15%
1978 15 Larry Kenon 3332 38.30 SAS 25 87
15%
1977 13 Larry Kenon 3336 41.70 SAS 24 80
15%
1982 87 Lionel Hollins 1939 21.79 PHI 28 89
15%
1981 75 Lionel Hollins 2143 21.87 PHI 27 98
15%
1979 96 Lionel Hollins 1950 29.10 POR 25 67
15%
1978 38 Lionel Hollins 2710 31.15 POR 24 87
15%
1977 35 Lionel Hollins 2761 29.06 POR 23 95
15%
2009 73 Mehmet Okur 2156 29.14 UTA 29 74
15%
2008 59 Mehmet Okur 2365 28.15 UTA 28 84
15%
2007 29 Mehmet Okur 2802 28.89 UTA 27 97
15%
2006 41 Mehmet Okur 2719 33.16 UTA 26 82
15%
2005 75 Mehmet Okur 2102 25.63 UTA 25 82
15%
1981 41 Mike Newlin 2601 32.92 NJN 32 79
15%
1980 41 Mike Newlin 2645 33.91 NJN 31 78
15%
1977 60 Mike Newlin 2276 24.21 HOU 28 94
15%
2006 61 Morris Peterson 2254 27.49 TOR 28 82
15%
2003 81 Morris Peterson 2012 24.54 TOR 25 82
15%
1995 99 Nate McMillan 1888 22.48 SEA 30 84
15%
1993 78 Nate McMillan 2241 24.36 SEA 28 92
15%
1990 76 Nate McMillan 2299 28.04 SEA 25 82
15%
1989 44 Nate McMillan 2730 32.89 SEA 24 83
15%
1988 47 Nate McMillan 2707 31.11 SEA 23 87
15%
1987 61 Nate McMillan 2413 28.39 SEA 22 85
15%
1979 95 Nick Weatherspoon 1975 24.09 SDC 28 82
15%
1986 59 Norm Nixon 2398 35.79 LAC 30 67
15%
1985 26 Norm Nixon 3134 38.69 LAC 29 81
15%
1984 11 Norm Nixon 3520 42.93 SDC 28 82
15%
1983 20 Norm Nixon 3149 33.86 LAL 27 93
15%
1982 11 Norm Nixon 3641 37.93 LAL 26 96
15%
1981 11 Norm Nixon 3254 39.68 LAL 25 82
15%
1980 9 Norm Nixon 3731 38.07 LAL 24 98
15%
1979 12 Norm Nixon 3677 40.86 LAL 23 90
15%
1978 39 Norm Nixon 2667 31.75 LAL 22 84
15%
1978 83 Norm Van Lier 2067 26.50 CHI 30 78
15%
1977 36 Norm Van Lier 2725 32.06 CHI 29 85
15%
1991 100 Orlando Woolridge 2021 38.13 DEN 31 53
15%
1987 53 Orlando Woolridge 2580 34.40 NJN 27 75
15%
1986 57 Orlando Woolridge 2409 33.00 CHI 26 73
15%
1985 50 Orlando Woolridge 2686 33.16 CHI 25 81
15%
1984 79 Orlando Woolridge 2216 29.55 CHI 24 75
15%
2019 100 Patrick Beverley 1869 22.25 LAC 30 84
15%
2017 79 Patrick Beverley 1985 25.45 HOU 28 78
15%
1978 100 Paul Silas 1898 18.25 SEA 34 104
15%
1983 83 Paul Westphal 2031 23.62 NYK 32 86
15%
1980 15 Paul Westphal 3218 35.76 PHO 29 90
15%
1979 7 Paul Westphal 3812 39.71 PHO 28 96
15%
1978 17 Paul Westphal 3318 40.46 PHO 27 82
15%
1977 22 Paul Westphal 2989 36.90 PHO 26 81
15%
1988 96 Randy Breuer 1914 22.52 MIL 27 85
15%
1991 47 Reggie Theus 2615 32.28 NJN 33 81
15%
1990 60 Reggie Theus 2545 33.49 ORL 32 76
15%
1989 61 Reggie Theus 2529 29.07 ATL 31 87
15%
1988 40 Reggie Theus 2807 38.45 SAC 30 73
15%
1987 22 Reggie Theus 3344 42.33 SAC 29 79
15%
1986 11 Reggie Theus 3611 42.48 SAC 28 85
15%
1985 30 Reggie Theus 3036 37.02 KCK 27 82
15%
1983 12 Reggie Theus 3381 41.23 CHI 25 82
15%
1982 30 Reggie Theus 2875 35.06 CHI 24 82
15%
1981 16 Reggie Theus 3055 34.72 CHI 23 88
15%
1980 19 Reggie Theus 3153 38.45 CHI 22 82
15%
1979 52 Reggie Theus 2535 30.91 CHI 21 82
15%
2021 88 Richaun Holmes 1710 28.03 SAC 27 61
15%
2020 63 Robert Covington 1986 24.22 HOU,MIN 29 82
15%
2018 63 Robert Covington 2167 24.08 PHI 27 90
15%
1988 100 Rod Higgins 1824 26.82 GSW 28 68
15%
1991 97 Rodney McCray 2043 27.61 DAL 29 74
15%
1990 35 Rodney McCray 2911 35.50 SAC 28 82
15%
1989 94 Rodney McCray 2047 30.10 SAC 27 68
15%
1988 62 Rodney McCray 2357 27.73 HOU 26 85
15%
1987 27 Rodney McCray 3123 34.32 HOU 25 91
15%
1986 40 Rodney McCray 2723 26.70 HOU 24 102
15%
1985 48 Rodney McCray 2709 31.14 HOU 23 87
15%
2002 93 Rodney Rogers 1905 20.48 BOS,PHO 30 93
15%
2001 85 Rodney Rogers 1919 22.31 PHO 29 86
15%
2000 61 Rodney Rogers 2294 25.21 PHO 28 91
15%
1998 71 Rodney Rogers 2108 27.74 LAC 26 76
15%
1997 68 Rodney Rogers 2134 25.40 LAC 25 84
15%
1995 100 Rodney Rogers 1882 22.67 DEN 23 83
15%
2012 93 Rodney Stuckey 1428 25.96 DET 25 55
15%
2011 75 Rodney Stuckey 2106 30.09 DET 24 70
15%
2010 57 Rodney Stuckey 2305 31.58 DET 23 73
15%
2009 59 Rodney Stuckey 2307 27.80 DET 22 83
15%
1982 80 Ron Brewer 2006 27.86 CLE,SAS 26 72
15%
1980 75 Ron Brewer 2154 25.34 POR 24 85
15%
2009 80 Ronnie Brewer 2045 23.78 UTA 23 86
15%
1997 56 Rony Seikaly 2357 30.61 ORL 31 77
15%
1994 63 Rony Seikaly 2374 30.83 MIA 28 77
15%
1993 63 Rony Seikaly 2399 33.32 MIA 27 72
15%
1992 44 Rony Seikaly 2715 33.11 MIA 26 82
15%
1991 92 Rony Seikaly 2086 32.59 MIA 25 64
15%
1990 72 Rony Seikaly 2352 31.78 MIA 24 74
15%
2007 67 Ruben Patterson 2233 27.57 MIL 31 81
15%
2001 92 Ruben Patterson 1840 24.21 SEA 25 76
15%
1993 27 Sedale Threatt 2990 34.37 LAL 31 87
15%
1992 32 Sedale Threatt 2966 34.49 LAL 30 86
15%
1997 98 Sherman Douglas 1899 24.04 MIL 30 79
15%
1996 92 Sherman Douglas 2010 25.44 BOS,MIL 29 79
15%
1995 61 Sherman Douglas 2249 32.59 BOS 28 69
15%
1994 45 Sherman Douglas 2699 34.60 BOS 27 78
15%
1991 30 Sherman Douglas 2935 40.21 MIA 24 73
15%
1990 44 Sherman Douglas 2754 34.00 MIA 23 81
15%
2014 62 Spencer Hawes 2331 29.14 CLE,PHI 25 80
15%
2013 76 Spencer Hawes 1998 24.37 PHI 24 82
15%
1979 82 Steve Hawes 2158 23.98 ATL 28 90
15%
1978 72 Steve Hawes 2206 28.65 ATL 27 77
15%
2019 88 Terrence Ross 1980 23.02 ORL 27 86
15%
2004 100 Theo Ratliff 1789 21.05 ATL,POR 30 85
15%
1999 69 Theo Ratliff 1358 23.82 PHI 25 57
15%
1990 85 Thurl Bailey 2140 24.60 UTA 28 87
15%
1989 60 Thurl Bailey 2529 29.75 UTA 27 85
15%
1988 31 Thurl Bailey 3008 32.34 UTA 26 93
15%
1987 86 Thurl Bailey 2013 23.41 UTA 25 86
15%
1986 66 Thurl Bailey 2277 26.48 UTA 24 86
15%
1985 61 Thurl Bailey 2507 27.86 UTA 23 90
15%
1980 50 Toby Knight 2545 31.42 NYK 24 81
15%
1979 72 Toby Knight 2280 27.80 NYK 23 82
15%
1999 52 Tom Gugliotta 1516 32.96 PHO 29 46
15%
1997 14 Tom Gugliotta 3369 40.11 MIN 27 84
15%
1996 34 Tom Gugliotta 2662 34.13 MIN 26 78
15%
1995 57 Tom Gugliotta 2300 29.87 GSW,MIN,WSB 25 77
15%
1994 33 Tom Gugliotta 2836 36.36 WSB 24 78
15%
1993 45 Tom Gugliotta 2749 33.94 WSB 23 81
15%
2001 61 Travis Best 2343 28.93 IND 28 81
15%
2000 91 Travis Best 1916 18.25 IND 27 105
15%
2017 63 Trevor Ariza 2147 23.59 HOU 31 91
15%
2016 70 Trevor Ariza 2029 23.59 HOU 30 86
15%
2015 33 Trevor Ariza 2547 25.73 HOU 29 99
15%
2014 55 Trevor Ariza 2417 27.47 WAS 28 88
15%
2011 94 Trevor Ariza 1892 23.36 NOH 25 81
15%
2010 71 Trevor Ariza 2193 30.46 HOU 24 72
15%
2009 81 Trevor Ariza 2043 19.46 LAL 23 105
15%
2025 99 Ty Jerome 249 20.75 CLE 27 12
15%
2007 98 Udonis Haslem 1829 22.04 MIA 26 83
15%
2006 80 Udonis Haslem 2053 19.93 MIA 25 103
15%
2005 55 Udonis Haslem 2248 23.66 MIA 24 95
15%
1991 98 Vern Fleming 2032 27.46 IND 28 74
15%
1990 34 Vern Fleming 2912 34.26 IND 27 85
15%
1989 63 Vern Fleming 2471 32.51 IND 26 76
15%
1988 43 Vern Fleming 2737 34.21 IND 25 80
15%
1987 55 Vern Fleming 2515 29.24 IND 24 86
15%
1986 45 Vern Fleming 2668 33.35 IND 23 80
15%
1985 88 Vern Fleming 2050 25.63 IND 22 80
15%
1994 72 Wayman Tisdale 2246 28.43 SAC 29 79
15%
1993 93 Wayman Tisdale 2078 27.34 SAC 28 76
15%
1992 99 Wayman Tisdale 2010 27.92 SAC 27 72
15%
1990 49 Wayman Tisdale 2677 33.89 SAC 25 79
15%
1989 70 Wayman Tisdale 2353 29.78 IND,SAC 24 79
15%
1988 76 Wayman Tisdale 2053 25.99 IND 23 79
15%
1987 82 Wayman Tisdale 2045 24.06 IND 22 85
15%
1986 91 Wayman Tisdale 2010 24.81 IND 21 81
15%
2002 90 Wesley Person 1930 24.74 CLE 30 78
15%
1998 62 Wesley Person 2185 25.41 CLE 26 86
15%
2015 95 Aaron Brooks 1809 19.24 CHI 30 94
8%
2010 35 Aaron Brooks 2770 33.78 HOU 25 82
8%
2009 93 Aaron Brooks 1929 20.74 HOU 24 93
8%
2011 82 Andray Blatche 2039 31.86 WAS 24 64
8%
2010 77 Andray Blatche 2148 26.52 WAS 23 81
8%
1996 47 Armen Gilliam 2548 32.67 NJN 31 78
8%
1995 70 Armen Gilliam 2179 26.57 NJN 30 82
8%
1992 62 Armen Gilliam 2399 29.62 PHI 27 81
8%
1991 62 Armen Gilliam 2390 28.80 PHI,CHH 26 83
8%
1990 82 Armen Gilliam 2188 28.79 CHH,PHO 25 76
8%
1989 95 Armen Gilliam 2027 24.42 PHO 24 83
8%
2000 81 Austin Croshere 2021 19.43 IND 24 104
8%
2011 67 Beno Udrih 2226 28.18 SAC 28 79
8%
2010 80 Beno Udrih 2085 26.39 SAC 27 79
8%
2025 87 Bilal Coulibaly 260 28.89 WAS 20 9
8%
1998 87 Billy Owens 1969 25.24 SAC 28 78
8%
1995 73 Billy Owens 2106 30.09 MIA 25 70
8%
1994 42 Billy Owens 2742 33.44 GSW 24 82
8%
1992 57 Billy Owens 2457 29.25 GSW 22 84
8%
1980 86 Billy Paultz 1961 21.55 HOU,SAS 31 91
8%
1979 67 Billy Paultz 2310 25.11 SAS 30 92
8%
1978 35 Billy Paultz 2751 31.99 SAS 29 86
8%
1977 37 Billy Paultz 2705 32.20 SAS 28 84
8%
1996 83 Bimbo Coles 2107 26.01 GSW,MIA 27 81
8%
2024 78 Bobby Portis 2230 25.34 MIL 28 88
8%
2023 97 Bobby Portis 2020 26.93 MIL 27 75
8%
2022 63 Bobby Portis 2258 26.88 MIL 26 84
8%
2021 82 Bobby Portis 1761 20.48 MIL 25 86
8%
2001 78 Bo Outlaw 1998 23.79 ORL 29 84
8%
1998 68 Bo Outlaw 2140 26.10 ORL 26 82
8%
2012 68 Brandon Bass 1681 21.28 BOS 26 79
8%
1978 95 Butch Beard 1948 22.92 NYK 30 85
8%
1998 97 Calbert Cheaney 1852 22.59 WAS 26 82
8%
1995 79 Calbert Cheaney 2069 26.53 WSB 23 78
8%
2025 93 Caris LeVert 256 25.60 CLE 30 10
8%
2024 76 Caris LeVert 2250 28.48 CLE 29 79
8%
2022 94 Caris LeVert 1836 30.60 CLE,IND 27 60
8%
2021 84 Caris LeVert 1748 37.19 BRK,IND 26 47
8%
2020 99 Caris LeVert 1679 34.27 BRK 25 49
8%
2018 100 Caris LeVert 1820 25.63 BRK 23 71
8%
2013 99 Carl Landry 1800 19.35 GSW 29 93
8%
2010 85 Carl Landry 2061 25.76 HOU,SAC 26 80
8%
2015 98 Chandler Parsons 1790 26.72 DAL 26 67
8%
2014 44 Chandler Parsons 2539 31.74 HOU 25 80
8%
2013 49 Chandler Parsons 2421 29.52 HOU 24 82
8%
2011 100 Channing Frye 1806 23.45 PHO 27 77
8%
2010 93 Channing Frye 1967 20.28 PHO 26 97
8%
2009 72 Charlie Villanueva 2164 27.74 MIL 24 78
8%
2006 95 Charlie Villanueva 1873 23.12 TOR 21 81
8%
2025 84 Christian Braun 267 26.70 DEN 23 10
8%
1985 42 Clark Kellogg 2756 35.79 IND 23 77
8%
1984 37 Clark Kellogg 2842 35.97 IND 22 79
8%
1983 21 Clark Kellogg 3115 38.46 IND 21 81
8%
1995 14 Dana Barros 3351 40.87 PHI 27 82
8%
1994 73 Dana Barros 2231 27.54 PHI 26 81
8%
2024 80 Daniel Gafford 2212 23.04 DAL,WAS 25 96
8%
2020 91 Daniel Theis 1720 20.98 BOS 27 82
8%
1986 81 Dan Roundfield 2122 25.26 WSB 32 84
8%
1984 41 Dan Roundfield 2759 35.37 ATL 30 78
8%
1983 22 Dan Roundfield 3092 38.65 ATL 29 80
8%
1982 49 Dan Roundfield 2410 38.25 ATL 28 63
8%
1981 64 Dan Roundfield 2259 35.86 ATL 27 63
8%
1980 26 Dan Roundfield 2957 34.38 ATL 26 86
8%
1979 28 Dan Roundfield 2959 33.25 ATL 25 89
8%
1978 50 Dan Roundfield 2484 31.44 IND 24 79
8%
2018 44 Dario Saric 2465 28.01 PHI 23 88
8%
2017 77 Dario Saric 2004 24.74 PHI 22 81
8%
1987 95 Darnell Valentine 1896 29.17 LAC 27 65
8%
1985 59 Darnell Valentine 2547 30.32 POR 25 84
8%
1988 95 Dave Corzine 1915 21.28 CHI 31 90
8%
1987 100 Dave Corzine 1832 21.55 CHI 30 85
8%
1984 82 Dave Corzine 2161 26.35 CHI 27 82
8%
1983 63 Dave Corzine 2327 28.38 CHI 26 82
8%
1982 71 Dave Corzine 2136 23.47 SAS 25 91
8%
1981 92 Dave Corzine 2023 22.73 SAS 24 89
8%
2005 89 David Wesley 1945 22.36 HOU,NOH 34 87
8%
2003 72 David Wesley 2130 26.96 NOH 32 79
8%
2002 94 David Wesley 1888 24.84 CHH 31 76
8%
2001 40 David Wesley 2799 30.42 CHH 30 92
8%
2000 50 David Wesley 2489 28.94 CHH 29 86
8%
1999 37 David Wesley 1621 32.42 CHH 28 50
8%
1998 29 David Wesley 2730 30.33 CHH 27 90
8%
1997 39 David Wesley 2753 37.20 BOS 26 74
8%
1996 78 David Wesley 2164 26.39 BOS 25 82
8%
2019 96 Derrick Favors 1914 23.63 UTA 27 81
8%
2018 75 Derrick Favors 2040 23.18 UTA 26 88
8%
2016 91 Derrick Favors 1872 30.19 UTA 24 62
8%
2015 53 Derrick Favors 2201 29.74 UTA 23 74
8%
2014 87 Derrick Favors 1972 27.01 UTA 22 73
8%
2022 93 Devonte' Graham 1840 21.90 NOP 27,26 84
8%
2020 42 Devonte' Graham 2376 37.71 CHO 24 63
8%
2021 61 Dillon Brooks 2010 27.16 MEM 25 74
8%
2020 78 Dillon Brooks 1841 24.88 MEM 24 74
8%
1982 79 Don Buse 2025 24.70 IND 31 82
8%
1980 98 Don Buse 1824 20.49 PHO 29 89
8%
1979 89 Don Buse 2048 21.11 PHO 28 97
8%
1978 97 Don Buse 1941 23.11 PHO 27 84
8%
1977 43 Don Buse 2583 31.89 IND 26 81
8%
2021 71 Enes Freedom 1875 24.35 POR 28 77
8%
2019 64 Enes Freedom 2258 27.20 POR,NYK 26 83
8%
2018 72 Enes Freedom 2063 29.06 NYK 25 71
8%
2016 59 Enes Freedom 2134 21.34 OKC 23 100
8%
2015 75 Enes Freedom 2009 26.79 OKC,UTA 22 75
8%
1985 77 Greg Ballard 2211 25.71 WSB 30 86
8%
1984 55 Greg Ballard 2513 29.22 WSB 29 86
8%
1983 50 Greg Ballard 2593 33.24 WSB 28 78
8%
1982 21 Greg Ballard 2995 34.83 WSB 27 86
8%
1981 53 Greg Ballard 2398 29.24 WSB 26 82
8%
1980 60 Greg Ballard 2411 28.70 WSB 25 84
8%
2004 80 James Posey 2041 23.73 MEM 27 86
8%
2003 98 James Posey 1808 21.78 DEN,HOU 26 83
8%
1984 10 Jeff Ruland 3533 44.72 WSB 25 79
8%
1983 25 Jeff Ruland 3026 38.30 WSB 24 79
8%
1982 45 Jeff Ruland 2517 28.28 WSB 23 89
8%
1984 87 Jerry Sichting 2100 26.25 IND 27 80
8%
1983 99 Jerry Sichting 1854 23.77 IND 26 78
8%
2013 67 J.J. Hickson 2121 26.51 POR 24 80
8%
2011 77 J.J. Hickson 2084 26.05 CLE 22 80
8%
1992 97 John Bagley 2024 24.39 BOS 31 83
8%
1988 64 John Bagley 2316 28.24 NJN 27 82
8%
1987 97 John Bagley 1876 26.06 CLE 26 72
8%
1986 36 John Bagley 2788 35.74 CLE 25 78
8%
1985 40 John Bagley 2780 32.71 CLE 24 85
8%
2011 92 John Salmons 1894 25.95 MIL 31 73
8%
2010 59 John Salmons 2301 26.15 MIL,CHI 30 88
8%
2009 42 John Salmons 2590 30.12 CHI,SAC 29 86
8%
2008 91 John Salmons 1904 23.51 SAC 28 81
8%
2010 82 Jonny Flynn 2081 25.69 MIN 20 81
8%
2014 79 Jose Calderon 2095 23.81 DAL 32 88
8%
2013 69 Jose Calderon 2104 28.82 DET,TOR 31 73
8%
2012 66 Jose Calderon 1701 32.09 TOR 30 53
8%
2011 69 Jose Calderon 2169 31.90 TOR 29 68
8%
2009 54 Jose Calderon 2362 34.74 TOR 27 68
8%
2008 39 Jose Calderon 2755 31.67 TOR 26 87
8%
1984 50 Junior Bridgeman 2542 26.21 MIL 30 97
8%
1983 90 Junior Bridgeman 1981 25.08 MIL 29 79
8%
1981 59 Junior Bridgeman 2328 27.71 MIL 27 84
8%
1980 59 Junior Bridgeman 2423 28.17 MIL 26 86
8%
1979 92 Junior Bridgeman 2021 24.65 MIL 25 82
8%
1978 88 Junior Bridgeman 2005 22.03 MIL 24 91
8%
1977 71 Junior Bridgeman 2113 25.77 MIL 23 82
8%
2021 66 Kelly Olynyk 1961 28.01 HOU,MIA 29 70
8%
2018 82 Kelly Olynyk 1952 24.10 MIA 26 81
8%
1992 82 Kevin Gamble 2186 23.76 BOS 26 92
8%
1991 68 Kevin Gamble 2317 24.91 BOS 25 93
8%
2013 92 Larry Sanders 1882 25.09 MIL 24 75
8%
2013 93 Luke Ridnour 1864 22.73 MIN 31 82
8%
2011 91 Luke Ridnour 1906 26.85 MIN 29 71
8%
2006 55 Luke Ridnour 2390 30.25 SEA 24 79
8%
2005 48 Luke Ridnour 2369 25.47 SEA 23 93
8%
2000 100 Malik Sealy 1850 21.51 MIN 29 86
8%
2012 94 Marcus Thornton 1419 27.82 SAC 24 51
8%
1999 88 Mario Elie 1146 17.91 SAS 35 64
8%
1997 63 Mario Elie 2248 23.91 HOU 33 94
8%
2020 56 Markelle Fultz 2078 26.99 ORL 21 77
8%
2007 100 Matt Harpring 1804 19.19 UTA 30 94
8%
2005 90 Matt Harpring 1940 24.87 UTA 28 78
8%
2003 54 Matt Harpring 2357 28.40 UTA 26 83
8%
2002 91 Matt Harpring 1916 22.28 PHI 25 86
8%
1983 70 Michael Brooks 2198 26.80 SDC 24 82
8%
1982 44 Michael Brooks 2524 30.78 SDC 23 82
8%
1981 71 Michael Brooks 2190 26.71 SDC 22 82
8%
1989 90 Michael Cage 2109 23.97 SEA 27 88
8%
1988 63 Michael Cage 2353 32.68 LAC 26 72
8%
1987 51 Michael Cage 2605 32.56 LAC 25 80
8%
2002 84 Michael Olowokandi 1976 24.70 LAC 26 80
8%
1990 65 Mike Gminski 2435 26.76 PHI 30 91
8%
1989 47 Mike Gminski 2690 31.65 PHI 29 85
8%
1988 51 Mike Gminski 2639 32.58 NJN,PHI 28 81
8%
1987 79 Mike Gminski 2128 29.56 NJN 27 72
8%
1986 55 Mike Gminski 2498 29.74 NJN 26 84
8%
1985 79 Mike Gminski 2192 26.10 NJN 25 84
8%
1988 66 Mike Woodson 2309 28.86 LAC 29 80
8%
1987 92 Mike Woodson 1932 26.11 LAC 28 74
8%
1986 86 Mike Woodson 2096 24.95 SAC 27 84
8%
1985 95 Mike Woodson 1958 25.10 KCK 26 78
8%
1983 57 Mike Woodson 2425 29.94 KCK 24 81
8%
1982 67 Mike Woodson 2172 26.17 KCK,NJN 23 83
8%
2005 93 Nazr Mohammed 1899 18.99 SAS,NYK 27 100
8%
2015 91 Nerlens Noel 1886 25.15 PHI 20 75
8%
2025 82 Ochai Agbaji 271 24.64 TOR 24 11
8%
2013 53 O.J. Mayo 2384 29.07 DAL 25 82
8%
2012 77 O.J. Mayo 1602 21.95 MEM 24 73
8%
2010 55 O.J. Mayo 2342 28.56 MEM 22 82
8%
2009 50 O.J. Mayo 2452 29.90 MEM 21 82
8%
1997 61 Olden Polynice 2279 27.79 SAC 32 82
8%
1996 84 Olden Polynice 2100 24.71 SAC 31 85
8%
2013 61 Omer Asık 2231 25.35 HOU 26 88
8%
1992 48 Pervis Ellison 2681 40.62 WSB 24 66
8%
2005 94 Raef LaFrentz 1890 21.72 BOS 28 87
8%
2002 64 Raef LaFrentz 2261 26.29 DAL,DEN 25 86
8%
2001 74 Raef LaFrentz 2072 26.56 DEN 24 78
8%
2000 77 Raef LaFrentz 2063 25.47 DEN 23 81
8%
2009 40 Rafer Alston 2619 26.19 ORL,HOU 32 100
8%
2008 67 Rafer Alston 2232 28.62 HOU 31 78
8%
2007 38 Rafer Alston 2607 29.29 HOU 30 89
8%
2006 86 Rafer Alston 1982 31.46 HOU 29 63
8%
2005 41 Rafer Alston 2568 32.10 TOR 28 80
8%
2004 72 Rafer Alston 2110 22.21 MIA 27 95
8%
2014 86 Randy Foye 1980 24.44 DEN 30 81
8%
2009 79 Randy Foye 2057 29.39 MIN 25 70
8%
1984 63 Ricky Sobers 2438 28.68 WSB 31 85
8%
1981 100 Ricky Sobers 1923 24.97 CHI 28 77
8%
1980 61 Ricky Sobers 2408 29.37 CHI 27 82
8%
1979 42 Ricky Sobers 2766 34.15 IND 26 81
8%
1978 24 Ricky Sobers 3124 39.54 IND 25 79
8%
1977 84 Ricky Sobers 1888 23.90 PHO 24 79
8%
1997 97 Robert Pack 1921 35.57 DAL,NJN 27 54
8%
1980 89 Ron Boone 1949 24.06 LAL,UTA 33 81
8%
1978 54 Ron Boone 2455 29.94 KCK 31 82
8%
1977 27 Ron Boone 2953 36.01 KCK 30 82
8%
2001 83 Ron Mercer 1945 31.89 CHI 24 61
8%
1999 90 Ron Mercer 1140 27.80 BOS 22 41
8%
1998 84 Ron Mercer 1995 24.94 BOS 21 80
8%
1989 85 Roy Hinson 2127 25.94 NJN 27 82
8%
1988 75 Roy Hinson 2102 27.30 NJN,PHI 26 77
8%
1987 88 Roy Hinson 2002 24.72 PHI 25 81
8%
1986 47 Roy Hinson 2623 31.99 CLE 24 82
8%
1985 72 Roy Hinson 2272 28.40 CLE 23 80
8%
1988 29 Roy Tarpley 3043 31.05 DAL 23 98
8%
1992 77 Sam Bowie 2253 30.04 NJN 30 75
8%
1990 98 Sam Bowie 2029 29.84 NJN 28 68
8%
1985 68 Sam Bowie 2311 27.19 POR 23 85
8%
1981 40 Sam Lacey 2645 27.27 KCK 32 97
8%
1980 44 Sam Lacey 2605 31.01 KCK 31 84
8%
1979 38 Sam Lacey 2835 32.59 KCK 30 87
8%
1978 76 Sam Lacey 2134 27.71 KCK 29 77
8%
1977 40 Sam Lacey 2627 32.04 KCK 28 82
8%
2008 73 Samuel Dalembert 2164 24.59 PHI 26 88
8%
2007 81 Samuel Dalembert 1946 23.73 PHI 25 82
8%
1992 72 Sarunas Marciulionis 2319 30.51 GSW 27 76
8%
1977 78 Scott May 1934 25.79 CHI 22 75
8%
1981 15 Scott Wedman 3099 32.28 KCK 28 96
8%
1980 74 Scott Wedman 2206 31.07 KCK 27 71
8%
1979 71 Scott Wedman 2281 29.24 KCK 26 78
8%
1978 57 Scott Wedman 2421 29.89 KCK 25 81
8%
1977 57 Scott Wedman 2331 28.78 KCK 24 81
8%
1995 88 Stacey Augmon 2003 25.35 ATL 26 79
8%
1994 62 Stacey Augmon 2387 25.67 ATL 25 93
8%
1992 93 Stacey Augmon 2067 25.21 ATL 23 82
8%
1981 32 Swen Nater 2788 34.00 SDC 31 82
8%
1980 33 Swen Nater 2846 35.14 SDC 30 81
8%
1978 34 Swen Nater 2758 35.36 BUF 28 78
8%
1977 70 Swen Nater 2124 29.50 MIL 27 72
8%
2018 81 Taj Gibson 1960 22.53 MIN 32 87
8%
2014 78 Taj Gibson 2102 24.16 CHI 28 87
8%
2001 27 Terrell Brandon 3030 36.95 MIN 30 82
8%
2000 24 Terrell Brandon 3044 40.59 MIN 29 75
8%
1999 54 Terrell Brandon 1500 37.50 MIN,MIL 28 40
8%
1998 90 Terrell Brandon 1919 38.38 MIL 27 50
8%
1997 30 Terrell Brandon 2968 38.05 CLE 26 78
8%
1996 25 Terrell Brandon 2956 37.90 CLE 25 78
8%
1995 95 Terrell Brandon 1922 28.69 CLE 24 67
8%
2015 70 Timofey Mozgov 2044 20.24 CLE,DEN 28 101
8%
1980 66 Tom Owens 2370 30.00 POR 30 79
8%
1979 24 Tom Owens 3048 35.86 POR 29 85
8%
1978 94 Tom Owens 1957 22.24 POR 28 88
8%
2015 88 Trey Burke 1913 25.17 UTA 22 76
8%
2014 90 Trey Burke 1943 27.76 UTA 21 70
8%
2003 44 Troy Hudson 2504 29.46 MIN 26 85
8%
1993 95 Tyrone Corbin 2074 23.84 UTA 30 87
8%
1991 27 Tyrone Corbin 2970 36.22 MIN 28 82
8%
1990 64 Tyrone Corbin 2455 29.94 MIN 27 82
8%
1988 74 Walter Berry 2111 27.78 SAS 23 76
8%
1979 88 Wilbur Holland 2079 25.35 CHI 27 82
8%
1978 53 Wilbur Holland 2459 29.99 CHI 26 82
8%
1977 64 Wilbur Holland 2180 26.59 CHI 25 82
8%
2022 73 Will Barton 2151 28.30 DEN 31 76
8%
2020 89 Will Barton 1753 30.22 DEN 29 58
8%
2018 42 Will Barton 2473 30.53 DEN 27 81
8%
2016 58 Will Barton 2170 26.46 DEN 25 82
8%
2022 88 Alec Burks 1930 23.83 NYK 30 81
0%
2020 82 Alec Burks 1807 25.81 PHI,GSW 28 70
0%
1982 93 Allan Bristow 1879 22.91 DAL 30 82
0%
1981 96 Allan Bristow 1975 24.09 UTA 29 82
0%
1980 71 Allan Bristow 2241 27.33 UTA 28 82
0%
1977 86 Allan Bristow 1883 22.42 SAS 25 84
0%
1988 86 Allen Leavell 1953 23.25 HOU 30 84
0%
1984 86 Allen Leavell 2101 25.62 HOU 26 82
0%
1983 49 Allen Leavell 2601 32.92 HOU 25 79
0%
1982 65 Allen Leavell 2183 26.62 HOU 24 82
0%
1980 78 Allen Leavell 2121 25.25 HOU 22 84
0%
1977 75 Al Skinner 2092 26.48 NYN 24 79
0%
1987 75 Alton Lister 2152 25.62 SEA 28 84
0%
1986 84 Alton Lister 2097 22.07 MIL 27 95
0%
1985 83 Alton Lister 2097 23.56 MIL 26 89
0%
1983 98 Alton Lister 1856 20.85 MIL 24 89
0%
2006 73 Andres Nocioni 2101 23.88 CHI 26 88
0%
2008 100 Andris Biedrins 1840 24.21 GSW 21 76
0%
2007 74 Andris Biedrins 2098 22.56 GSW 20 93
0%
1997 96 Anthony Peeler 1922 26.69 VAN 27 72
0%
1983 97 Ben Poquette 1862 24.83 UTA 27 75
0%
1981 97 Ben Poquette 1969 24.01 UTA 25 82
0%
1987 93 Bill Hanzlik 1932 25.42 DEN 29 76
0%
1986 85 Bill Hanzlik 2097 24.67 DEN 28 85
0%
1979 80 Bill Robinzine 2169 24.93 KCK 26 87
0%
1982 97 Billy McKinney 1849 22.01 DEN 26 84
0%
1999 97 Bison Dele 1097 20.31 DET 29 54
0%
1998 56 Bison Dele 2266 29.05 DET 28 78
0%
1990 100 Blair Rasmussen 1984 23.62 DEN 27 84
0%
1988 89 Blair Rasmussen 1934 21.49 DEN 25 90
0%
1999 84 Bobby Phills 1170 27.21 CHH 29 43
0%
1996 89 Bobby Phills 2041 27.21 CLE 26 75
0%
1978 93 Bob Gross 1974 27.42 POR 24 72
0%
1977 45 Bob Gross 2564 25.39 POR 23 101
0%
2000 87 Bob Sura 1975 27.05 CLE 26 73
0%
1997 87 Bob Sura 1966 23.98 CLE 23 82
0%
1980 87 Bob Wilkerson 1955 26.07 DEN 25 75
0%
1979 85 Bob Wilkerson 2121 25.55 DEN 24 83
0%
1978 33 Bob Wilkerson 2790 29.68 DEN 23 94
0%
1981 95 Brian Taylor 1982 24.78 SDC 29 80
0%
1980 80 Brian Taylor 2086 26.74 SDC 28 78
0%
1977 58 Brian Taylor 2320 32.22 KCK 25 72
0%
1996 82 Bryant Stith 2131 25.99 DEN 25 82
0%
1994 82 Bryant Stith 2159 22.97 DEN 23 94
0%
2004 98 Carlos Arroyo 1860 26.20 UTA 24 71
0%
1999 49 Charlie Ward 1529 21.84 NYK 28 70
0%
1998 57 Charlie Ward 2265 24.62 NYK 27 92
0%
1999 81 Chris Childs 1193 17.54 NYK 31 68
0%
1997 85 Chris Childs 1972 26.29 NYK 29 75
0%
1996 53 Chris Childs 2462 31.56 NJN 28 78
0%
2009 58 Chris Duhon 2337 29.58 NYK 26 79
0%
2007 79 Chris Wilcox 2007 24.48 SEA 24 82
0%
2007 94 Chucky Atkins 1873 24.97 MEM 32 75
0%
2005 74 Chucky Atkins 2103 25.65 LAL 30 82
0%
2002 89 Chucky Atkins 1936 21.75 DET 27 89
0%
2001 87 Chucky Atkins 1876 23.16 DET 26 81
0%
1977 94 Curtis Rowe 1831 20.81 BOS 27 88
0%
2005 100 Dan Dickau 1841 25.93 DAL,NOH 26 71
0%
2002 78 Danny Fortson 2078 26.99 GSW 25 77
0%
1999 74 Danny Fortson 1248 24.96 DEN 22 50
0%
1978 92 Darnell Hillman 1974 21.69 DEN,NJN 28 91
0%
1977 73 Darnell Hillman 2105 25.67 IND 27 82
0%
1987 67 Dave Greenwood 2294 29.04 SAS 29 79
0%
1984 83 Dave Greenwood 2154 27.62 CHI 26 78
0%
1983 87 Dave Greenwood 2000 25.32 CHI 25 79
0%
1982 37 Dave Greenwood 2673 32.60 CHI 24 82
0%
1981 34 Dave Greenwood 2727 30.99 CHI 23 88
0%
1980 40 Dave Greenwood 2660 32.44 CHI 22 82
0%
1980 79 Dave Meyers 2109 24.52 MIL 26 86
0%
1978 42 Dave Meyers 2607 29.29 MIL 24 89
0%
1980 62 Dave Robisch 2403 29.30 CLE 30 82
0%
1977 81 Dave Robisch 1913 23.91 IND 27 80
0%
1977 88 Dave Twardzik 1877 21.33 POR 26 88
0%
1977 89 Don Chaney 1875 20.38 LAL 30 92
0%
1994 77 Don MacLean 2221 29.61 WSB 24 75
0%
2011 49 Dorell Wright 2446 29.83 GSW 25 82
0%
2005 71 Earl Boykins 2111 24.26 DEN 28 87
0%
1995 89 Elliot Perry 1995 21.92 PHO 25 91
0%
1984 69 Ennis Whatley 2325 29.06 CHI 21 80
0%
1979 86 Eric Money 2093 26.83 PHI,NJN 23 78
0%
1978 51 Eric Money 2470 32.50 DET 22 76
0%
1995 59 Eric Murdock 2280 30.40 MIL 26 75
0%
1994 35 Eric Murdock 2819 34.38 MIL 25 82
0%
1993 42 Eric Murdock 2809 35.56 MIL 24 79
0%
1977 90 Ernie DiGregorio 1868 23.06 BUF 26 81
0%
1982 94 Ernie Grunfeld 1875 23.15 KCK 26 81
0%
1984 75 Gene Banks 2267 28.34 SAS 24 80
0%
1983 35 Gene Banks 2838 30.85 SAS 23 92
0%
1983 71 Geoff Huston 2185 27.31 CLE 25 80
0%
1982 62 Geoff Huston 2217 28.42 CLE 24 78
0%
1981 83 Geoff Huston 2064 25.48 CLE,DAL 23 81
0%
2001 94 George Lynch 1830 19.89 PHI 30 92
0%
2000 93 George Lynch 1905 22.41 PHI 29 85
0%
1996 55 George McCloud 2451 31.03 DAL 28 79
0%
1989 100 Harold Pressley 1983 24.79 SAC 25 80
0%
1994 93 Haywoode Workman 2034 25.11 IND 28 81
0%
2003 92 Howard Eisley 1898 23.15 NYK 30 82
0%
2001 99 Howard Eisley 1743 19.15 DAL 28 91
0%
1998 95 Howard Eisley 1889 18.52 UTA 25 102
0%
1998 75 Isaac Austin 2079 26.65 LAC,MIA 28 78
0%
2025 91 Jake LaRavia 259 23.55 MEM 23 11
0%
2007 61 Jamaal Tinsley 2295 31.88 IND 28 72
0%
2003 67 Jamaal Tinsley 2216 28.05 IND 24 79
0%
2002 40 Jamaal Tinsley 2601 30.60 IND 23 85
0%
2005 84 Jeff McInnis 1971 25.93 CLE 30 76
0%
2004 86 Jeff McInnis 1942 27.74 CLE,POR 29 70
0%
2002 46 Jeff McInnis 2466 30.44 LAC 27 81
0%
2001 66 Jeff McInnis 2242 27.68 LAC 26 81
0%
1982 85 Jerome Whitehead 1956 27.17 SDC 25 72
0%
1981 91 Jim Chones 2028 23.86 LAL 31 85
0%
1980 76 Jim Chones 2149 21.93 LAL 30 98
0%
1979 55 Jim Chones 2455 29.94 CLE 29 82
0%
1978 47 Jim Chones 2508 29.86 CLE 28 84
0%
1977 67 Jim Chones 2137 25.14 CLE 27 85
0%
1979 45 Jim McElroy 2655 33.61 NOJ 25 79
0%
1987 87 Jim Petersen 2013 21.88 HOU 24 92
0%
1981 82 Jim Spanarkel 2082 25.39 DAL 23 82
0%
1978 99 John Gianelli 1907 20.96 MIL 27 91
0%
1980 88 John Roche 1951 23.79 DEN 30 82
0%
1978 62 John Shumate 2366 29.58 BUF,DET 25 80
0%
1977 59 John Shumate 2309 31.20 BUF 24 74
0%
2014 94 Josh McRoberts 1912 23.32 CHA 26 82
0%
2020 97 Kelly Oubre Jr. 1688 30.14 PHO 24 56
0%
1984 94 Kelvin Ransey 1985 23.35 NJN 25 85
0%
1982 39 Kelvin Ransey 2650 33.97 POR 23 78
0%
1981 33 Kelvin Ransey 2737 32.98 POR 22 83
0%
1977 91 Ken Charles 1857 22.65 ATL 25 82
0%
1992 98 Kenny Gattison 2012 24.54 CHH 27 82
0%
2016 77 Kent Bazemore 1972 23.20 ATL 26 85
0%
1982 75 Kent Benson 2075 27.67 DET 27 75
0%
1979 81 Kent Benson 2168 26.44 MIL 24 82
0%
2004 65 Kerry Kittles 2259 24.29 NJN 29 93
0%
2003 86 Kerry Kittles 1971 23.19 NJN 28 85
0%
2002 54 Kerry Kittles 2405 23.58 NJN 27 102
0%
1999 94 Kerry Kittles 1120 24.35 NJN 24 46
0%
1998 55 Kerry Kittles 2297 28.71 NJN 23 80
0%
1997 57 Kerry Kittles 2356 28.73 NJN 22 82
0%
1981 70 Kevin Grevey 2193 29.24 WSB 27 75
0%
1979 94 Kevin Grevey 1981 23.58 WSB 25 84
0%
1978 58 Kevin Grevey 2415 23.68 WSB 24 102
0%
1977 68 Kevin Kunnert 2135 22.96 HOU 25 93
0%
1986 100 Kyle Macy 1903 22.39 CHI 28 85
0%
1984 72 Kyle Macy 2303 23.26 PHO 26 99
0%
1982 43 Kyle Macy 2525 28.37 PHO 24 89
0%
1989 91 Larry Krystkowiak 2100 23.86 MIL 24 88
0%
1989 55 Lester Conner 2592 31.61 NJN 29 82
0%
1984 80 Lester Conner 2188 26.68 GSW 24 82
0%
1986 25 Lewis Lloyd 2977 29.19 HOU 26 102
0%
1985 82 Lewis Lloyd 2149 24.70 HOU 25 87
0%
1984 51 Lewis Lloyd 2541 30.99 HOU 24 82
0%
1983 72 Lonnie Shelton 2174 25.88 SEA 27 84
0%
1982 42 Lonnie Shelton 2564 28.81 SEA 26 89
0%
1980 55 Lonnie Shelton 2468 27.12 SEA 24 91
0%
1979 66 Lonnie Shelton 2329 25.04 SEA 23 93
0%
1978 44 Lonnie Shelton 2561 29.10 NYK 22 88
0%
1977 72 Lonnie Shelton 2109 25.72 NYK 21 82
0%
1997 52 Loy Vaught 2448 28.80 LAC 28 85
0%
1996 54 Loy Vaught 2457 30.71 LAC 27 80
0%
1995 45 Loy Vaught 2584 32.30 LAC 26 80
0%
2004 96 Mark Blount 1875 21.80 BOS 28 86
0%
1985 97 Mark Olberding 1889 23.32 KCK 28 81
0%
1982 70 Mark Olberding 2139 27.78 SAS 25 77
0%
1981 54 Mark Olberding 2386 26.81 SAS 24 89
0%
1980 83 Mark Olberding 2029 26.01 SAS 23 78
0%
1979 98 Mark Olberding 1940 20.64 SAS 22 94
0%
1999 61 Matt Geiger 1427 24.60 PHI 29 58
0%
1997 95 Matt Maloney 1927 19.66 HOU 25 98
0%
1999 80 Maurice Taylor 1194 25.96 LAC 22 46
0%
2024 86 Max Strus 2107 25.70 CLE 27 82
0%
2023 98 Max Strus 2004 19.09 MIA 27,26 105
0%
1986 94 Melvin Turpin 1934 24.18 CLE 25 80
0%
2001 84 Michael Dickerson 1926 27.51 VAN 25 70
0%
2000 59 Michael Dickerson 2352 28.68 VAN 24 82
0%
1982 95 Mike Bantom 1870 18.16 PHI,IND 30 103
0%
1981 72 Mike Bantom 2174 27.87 IND 29 78
0%
1980 82 Mike Bantom 2056 26.70 IND 28 77
0%
1979 56 Mike Bantom 2448 30.22 IND 27 81
0%
1978 48 Mike Bantom 2494 30.41 IND 26 82
0%
1977 98 Mike Bantom 1733 22.51 NYN,SEA 25 77
0%
1982 89 Mike Bratz 1905 21.17 SAS 26 90
0%
1981 85 Mike Bratz 2057 25.71 CLE 25 80
0%
1979 90 Mike Gale 2041 21.26 SAS 28 96
0%
1978 96 Mike Gale 1946 25.61 SAS 27 76
0%
1977 56 Mike Gale 2361 28.11 SAS 26 84
0%
1981 98 Mike O'Koren 1965 24.87 NJN 22 79
0%
1978 77 Mitch Kupchak 2129 24.19 WSB 23 88
0%
1977 97 Mitch Kupchak 1765 19.40 WSB 22 91
0%
2020 83 Nemanja Bjelica 1797 24.96 SAC 31 72
0%
2006 70 Nenad Krstic 2132 23.43 NJN 22 91
0%
1989 86 Paul Pressey 2116 31.58 MIL 30 67
0%
1988 45 Paul Pressey 2712 33.90 MIL 29 80
0%
1987 47 Paul Pressey 2656 36.38 MIL 28 73
0%
1986 12 Paul Pressey 3566 37.94 MIL 27 94
0%
1985 21 Paul Pressey 3299 37.49 MIL 26 88
0%
1977 26 Phil Chenier 2954 33.95 WSB 26 87
0%
1985 85 Phil Hubbard 2089 26.11 CLE 28 80
0%
1981 74 Phil Hubbard 2147 26.84 DET 24 80
0%
1982 81 Quinn Buckner 1989 28.41 MIL 27 70
0%
1981 46 Quinn Buckner 2522 28.34 MIL 26 89
0%
1980 84 Quinn Buckner 1998 27.00 MIL 25 74
0%
1978 61 Quinn Buckner 2396 26.33 MIL 23 91
0%
1977 83 Quinn Buckner 1902 24.08 MIL 22 79
0%
1985 90 Quintin Dailey 2028 24.43 CHI 24 83
0%
1984 66 Quintin Dailey 2354 28.71 CHI 23 82
0%
1983 81 Quintin Dailey 2053 27.01 CHI 22 76
0%
2014 88 Ramon Sessions 1962 23.64 CHA,MIL 27 83
0%
2012 48 Ramon Sessions 1933 25.43 LAL,CLE 25 76
0%
2011 65 Ramon Sessions 2236 27.60 CLE 24 81
0%
2009 65 Ramon Sessions 2240 28.35 MIL 22 79
0%
1988 93 Randy Wittman 1922 20.45 ATL 28 94
0%
1986 73 Randy Wittman 2175 24.17 ATL 26 90
0%
2004 88 Rasho Nesterovic 1935 21.03 SAS 27 92
0%
2003 94 Rasho Nesterovic 1833 22.08 MIN 26 83
0%
1982 78 Rich Kelley 2042 23.20 PHO 28 88
0%
1980 92 Rich Kelley 1890 21.48 PHO,NJN 26 88
0%
1979 21 Rich Kelley 3141 39.26 NOJ 25 80
0%
1978 66 Rich Kelley 2276 27.76 NOJ 24 82
0%
1980 96 Rick Robey 1841 20.23 BOS 24 91
0%
2016 84 Rodney Hood 1931 24.44 UTA 23 79
0%
1982 90 Ronnie Lester 1901 25.35 CHI 23 75
0%
1989 81 Rory Sparrow 2194 27.43 MIA 30 80
0%
1986 93 Rory Sparrow 2009 27.15 NYK 27 74
0%
1985 81 Rory Sparrow 2154 27.27 NYK 26 79
0%
1984 52 Rory Sparrow 2538 27.89 NYK 25 91
0%
1983 65 Rory Sparrow 2254 25.91 NYK,ATL 24 87
0%
1982 76 Rory Sparrow 2075 24.70 ATL 23 84
0%
2021 91 Royce O'Neale 1697 20.70 UTA 27 82
0%
2008 94 Ryan Gomes 1873 22.84 MIN 25 82
0%
1977 31 Slick Watts 2834 35.87 SEA 25 79
0%
1977 82 Steve Mix 1906 20.28 PHI 29 94
0%
1988 67 Steve Stipanovich 2266 28.33 IND 27 80
0%
1987 62 Steve Stipanovich 2401 28.25 IND 26 85
0%
1986 68 Steve Stipanovich 2255 28.54 IND 25 79
0%
1985 71 Steve Stipanovich 2287 27.89 IND 24 82
0%
1984 92 Steve Stipanovich 2012 24.84 IND 23 81
0%
1990 81 Terry Catledge 2195 29.66 ORL 26 74
0%
1987 99 Terry Catledge 1838 22.69 WSB 23 81
0%
1980 90 Terry Furlow 1931 25.41 ATL,UTA 25 76
0%
1990 91 Terry Teagle 2106 25.68 GSW 29 82
0%
1987 81 Tim McCormick 2046 23.79 PHI 24 86
0%
1992 86 Tim Perry 2130 24.20 PHO 26 88
0%
1997 99 Todd Day 1898 23.43 BOS 27 81
0%
1995 80 Todd Day 2067 25.21 MIL 25 82
0%
2020 96 Tomas Satoransky 1693 26.05 CHI 28 65
0%
2019 99 Tomas Satoransky 1881 23.51 WAS 27 80
0%
1979 87 Tom Boswell 2082 25.39 DEN 25 82
0%
1977 99 Tom Burleson 1724 21.02 SEA 24 82
0%
1981 58 Tom LaGarde 2341 28.55 DAL 25 82
0%
2001 98 Tony Delk 1752 20.37 PHO 27 86
0%
1983 91 T.R. Dunn 1966 21.84 DEN 27 90
0%
1982 98 T.R. Dunn 1841 21.66 DEN 26 85
0%
1996 71 Tyus Edney 2225 26.49 SAC 22 84
0%
2019 70 Willie Cauley-Stein 2178 26.89 SAC 25 81
0%
2018 84 Willie Cauley-Stein 1930 26.44 SAC 24 73
0%
No matching quizzes found
Score Distribution
Percent of People with Each Score
Percentile by Number Answered
Your Score History
You have not taken this quiz